{"text_format":"1","workbook":"xlsx","n_sheets":2,"sheets":["Данные","Лист1"],"not_rendered":{"charts":0,"images":0,"macros":1,"external_links":0,"defined_names":4,"comments":0,"pivot_tables":0},"unopened":[],"bounds":{"document_bytes":16777216,"sheet_cells":100000,"rows_first":2000,"rows_last":500,"rows_between":2000,"halvings":0,"cell_chars":16384,"cell_head_chars":4096},"cells_cut":0,"cells_raw":0,"read":"whole","date_system":"1900"}

{"sheet":"Данные","index":0,"n_rows":988,"n_cols":10,"rows_kept":988,"cut":false,"hidden":false,"merged":[[1,0,1,9]]}
[null,null,null,null,null,null,null,null,"Приложение №1"]
["Перечень актуальных и готовых к реализации невостребованных МТР"]
[]
["Наименование лота","Наименование ОГ","№ лота","№ позиции","Наименование неликвидных (НЛ) и невостребованных ликвидных (НВЛ) материалов","Ед. изм","Количество","Мин. цена реализации за ед., руб., без НДС ","Сумма, руб. без НДС","Место нахождения"]
["Крепления трубопровода","ПАО АНК \"Башнефть\" \"Башнефть-Новойл\"",1,1,"Крепление К-1 Ст3пс","ШТ",4,3444.8,{"$f":"H5*G5","v":13779.2},"450063, г. Уфа, ПАО АНК \"Башнефть\" \"Башнефть-Новойл\""]
["Крепления трубопровода","ПАО АНК \"Башнефть\" \"Башнефть-Новойл\"",1,2,"Крепление ККЖ10-60-5Б","ШТ",6,2450.9,14705.400000000001,"450063, г. Уфа, ПАО АНК \"Башнефть\" \"Башнефть-Новойл\""]
["Крепления трубопровода","ПАО АНК \"Башнефть\" \"Башнефть-Новойл\"",1,3,"Крепление ККЖ11-100-5Б","ШТ",1,3810.3,3810.3,"450063, г. Уфа, ПАО АНК \"Башнефть\" \"Башнефть-Новойл\""]
["Крепления трубопровода","ПАО АНК \"Башнефть\" \"Башнефть-Новойл\"",1,4,"Крепление ККЖ11-100-7Б","ШТ",1,4445.3999999999996,4445.3999999999996,"450063, г. Уфа, ПАО АНК \"Башнефть\" \"Башнефть-Новойл\""]
["Крепления трубопровода","ПАО АНК \"Башнефть\" \"Башнефть-Новойл\"",1,5,"Крепление ККЖ11-140-16Б","ШТ",1,8298.1,8298.1,"450063, г. Уфа, ПАО АНК \"Башнефть\" \"Башнефть-Новойл\""]
["Крепления трубопровода","ПАО АНК \"Башнефть\" \"Башнефть-Новойл\"",1,6,"Крепление ККЖ11-140-7Б","ШТ",1,5165.1000000000004,5165.1000000000004,"450063, г. Уфа, ПАО АНК \"Башнефть\" \"Башнефть-Новойл\""]
["Крепления трубопровода","ПАО АНК \"Башнефть\" \"Башнефть-Новойл\"",1,7,"Крепление ККЖ11-60-10Б","ШТ",2,4911.1000000000004,9822.2000000000007,"450063, г. Уфа, ПАО АНК \"Башнефть\" \"Башнефть-Новойл\""]
["Крепления трубопровода","ПАО АНК \"Башнефть\" \"Башнефть-Новойл\"",1,8,"Крепление ККЖ11-60-5Б","ШТ",9,609.70000000000005,5487.3,"450063, г. Уфа, ПАО АНК \"Башнефть\" \"Башнефть-Новойл\""]
["Крепления трубопровода","ПАО АНК \"Башнефть\" \"Башнефть-Новойл\"",1,9,"Крепление ККЖ11-80-10Б","ШТ",1,846.7,846.7,"450063, г. Уфа, ПАО АНК \"Башнефть\" \"Башнефть-Новойл\""]
["Крепления трубопровода","ПАО АНК \"Башнефть\" \"Башнефть-Новойл\"",1,10,"Крепление ККЖ1-40-12Б","ШТ",6,431.7,2590.1999999999998,"450063, г. Уфа, ПАО АНК \"Башнефть\" \"Башнефть-Новойл\""]
["Крепления трубопровода","ПАО АНК \"Башнефть\" \"Башнефть-Новойл\"",1,11,"Крепление ККЖ1-60-12Б","ШТ",1,604.79999999999995,604.79999999999995,"450063, г. Уфа, ПАО АНК \"Башнефть\" \"Башнефть-Новойл\""]
["Крепления трубопровода","ПАО АНК \"Башнефть\" \"Башнефть-Новойл\"",1,12,"Крепление ККЖ1-60-12Б","ШТ",4,589.70000000000005,2358.8000000000002,"450063, г. Уфа, ПАО АНК \"Башнефть\" \"Башнефть-Новойл\""]
["Крепления трубопровода","ПАО АНК \"Башнефть\" \"Башнефть-Новойл\"",1,13,"Крепление ККЖ1-80-12Б","ШТ",4,609.20000000000005,2436.8000000000002,"450063, г. Уфа, ПАО АНК \"Башнефть\" \"Башнефть-Новойл\""]
["Крепления трубопровода","ПАО АНК \"Башнефть\" \"Башнефть-Новойл\"",1,14,"Крепление ККЖ1-80-72Б","ШТ",2,1256,2512,"450063, г. Уфа, ПАО АНК \"Башнефть\" \"Башнефть-Новойл\""]
["Крепления трубопровода","ПАО АНК \"Башнефть\" \"Башнефть-Новойл\"",1,15,"Крепление ККЖ2-120-24Б","ШТ",4,978.7,3914.8,"450063, г. Уфа, ПАО АНК \"Башнефть\" \"Башнефть-Новойл\""]
["Крепления трубопровода","ПАО АНК \"Башнефть\" \"Башнефть-Новойл\"",1,16,"Крепление ККЖ2-40-6Б","ШТ",1,388.5,388.5,"450063, г. Уфа, ПАО АНК \"Башнефть\" \"Башнефть-Новойл\""]
["Крепления трубопровода","ПАО АНК \"Башнефть\" \"Башнефть-Новойл\"",1,17,"Крепление ККЖ2-40-6Б","ШТ",1,417.8,417.8,"450063, г. Уфа, ПАО АНК \"Башнефть\" \"Башнефть-Новойл\""]
["Крепления трубопровода","ПАО АНК \"Башнефть\" \"Башнефть-Новойл\"",1,18,"Крепление ККЖ6-60-5Б","ШТ",1,1417.8,1417.8,"450063, г. Уфа, ПАО АНК \"Башнефть\" \"Башнефть-Новойл\""]
["Крепления трубопровода","ПАО АНК \"Башнефть\" \"Башнефть-Новойл\"",1,19,"Крепление ККЖ9-100-10Б","ШТ",2,3626.2,7252.4,"450063, г. Уфа, ПАО АНК \"Башнефть\" \"Башнефть-Новойл\""]
["Крепления трубопровода","ПАО АНК \"Башнефть\" \"Башнефть-Новойл\"",1,20,"Крепление ККЖ9-60-10Б","ШТ",2,3039.2,6078.4,"450063, г. Уфа, ПАО АНК \"Башнефть\" \"Башнефть-Новойл\""]
["Крепления трубопровода","ПАО АНК \"Башнефть\" \"Башнефть-Новойл\"",1,21,"Крепление ККЖ9-80-10Б","ШТ",2,3318.8,6637.6,"450063, г. Уфа, ПАО АНК \"Башнефть\" \"Башнефть-Новойл\""]
["Крепления трубопровода","ПАО АНК \"Башнефть\" \"Башнефть-Новойл\"",1,22,"Крепление ККМ1-120-24Б","ШТ",1,752.8,752.8,"450063, г. Уфа, ПАО АНК \"Башнефть\" \"Башнефть-Новойл\""]
["Крепления трубопровода","ПАО АНК \"Башнефть\" \"Башнефть-Новойл\"",1,23,"Крепление ККМ1-120-48Б","ШТ",4,1173.0999999999999,4692.3999999999996,"450063, г. Уфа, ПАО АНК \"Башнефть\" \"Башнефть-Новойл\""]
["Крепления трубопровода","ПАО АНК \"Башнефть\" \"Башнефть-Новойл\"",1,24,"Крепление ККМ1-60-6Б","ШТ",4,305.3,1221.2,"450063, г. Уфа, ПАО АНК \"Башнефть\" \"Башнефть-Новойл\""]
["Крепления трубопровода","ПАО АНК \"Башнефть\" \"Башнефть-Новойл\"",1,25,"Крепление ККМ1-80-24Б","ШТ",7,536.70000000000005,3756.9000000000005,"450063, г. Уфа, ПАО АНК \"Башнефть\" \"Башнефть-Новойл\""]
["Крепления трубопровода","ПАО АНК \"Башнефть\" \"Башнефть-Новойл\"",1,26,"Крепление ККМ1-80-24Б","ШТ",41,609.70000000000005,24997.7,"450063, г. Уфа, ПАО АНК \"Башнефть\" \"Башнефть-Новойл\""]
["Крепления трубопровода","ПАО АНК \"Башнефть\" \"Башнефть-Новойл\"",1,27,"Крепление КМП3-30-1Б","ШТ",2,367,734,"450063, г. Уфа, ПАО АНК \"Башнефть\" \"Башнефть-Новойл\""]
["Крепления трубопровода","ПАО АНК \"Башнефть\" \"Башнефть-Новойл\"",1,28,"Крепление КП1-115-24Б","ШТ",2,1622,3244,"450063, г. Уфа, ПАО АНК \"Башнефть\" \"Башнефть-Новойл\""]
["Крепления трубопровода","ПАО АНК \"Башнефть\" \"Башнефть-Новойл\"",1,29,"Крепление КП1-115-24Б","ШТ",1,1604.3,1604.3,"450063, г. Уфа, ПАО АНК \"Башнефть\" \"Башнефть-Новойл\""]
["Крепления трубопровода","ПАО АНК \"Башнефть\" \"Башнефть-Новойл\"",1,30,"Крепление КП1-115-24Б","ШТ",1,1671.9,1671.9,"450063, г. Уфа, ПАО АНК \"Башнефть\" \"Башнефть-Новойл\""]
["Крепления трубопровода","ПАО АНК \"Башнефть\" \"Башнефть-Новойл\"",1,31,"Крепление КП1-35-120Б","ШТ",2,775,1550,"450063, г. Уфа, ПАО АНК \"Башнефть\" \"Башнефть-Новойл\""]
["Крепления трубопровода","ПАО АНК \"Башнефть\" \"Башнефть-Новойл\"",1,32,"Крепление КП1-75-24","ШТ",1,1270.0999999999999,1270.0999999999999,"450063, г. Уфа, ПАО АНК \"Башнефть\" \"Башнефть-Новойл\""]
["Крепления трубопровода","ПАО АНК \"Башнефть\" \"Башнефть-Новойл\"",1,33,"Крепление КП1-95-120Б","ШТ",1,1497.2,1497.2,"450063, г. Уфа, ПАО АНК \"Башнефть\" \"Башнефть-Новойл\""]
["Крепления трубопровода","ПАО АНК \"Башнефть\" \"Башнефть-Новойл\"",1,34,"Крепление КП2-30-48","ШТ",11,205.1,2256.1,"450063, г. Уфа, ПАО АНК \"Башнефть\" \"Башнефть-Новойл\""]
["Крепления трубопровода","ПАО АНК \"Башнефть\" \"Башнефть-Новойл\"",1,35,"Крепление КП2-30-48","ШТ",2,196.9,393.8,"450063, г. Уфа, ПАО АНК \"Башнефть\" \"Башнефть-Новойл\""]
["Крепления трубопровода","ПАО АНК \"Башнефть\" \"Башнефть-Новойл\"",1,36,"Крепление КП2-30-48","ШТ",3,197.4,592.20000000000005,"450063, г. Уфа, ПАО АНК \"Башнефть\" \"Башнефть-Новойл\""]
["Крепления трубопровода","ПАО АНК \"Башнефть\" \"Башнефть-Новойл\"",1,37,"Крепление КП2-50-120","ШТ",3,339.4,1018.1999999999999,"450063, г. Уфа, ПАО АНК \"Башнефть\" \"Башнефть-Новойл\""]
["Крепления трубопровода","ПАО АНК \"Башнефть\" \"Башнефть-Новойл\"",1,38,"Крепление КП2-50-84","ШТ",41,278.2,11406.199999999999,"450063, г. Уфа, ПАО АНК \"Башнефть\" \"Башнефть-Новойл\""]
["Крепления трубопровода","ПАО АНК \"Башнефть\" \"Башнефть-Новойл\"",1,39,"Крепление КПМ1-35-24Б","ШТ",8,881.5,7052,"450063, г. Уфа, ПАО АНК \"Башнефть\" \"Башнефть-Новойл\""]
["Крепления трубопровода","ПАО АНК \"Башнефть\" \"Башнефть-Новойл\"",1,40,"Крепление КПМ1-40-3Б","ШТ",2,285.5,571,"450063, г. Уфа, ПАО АНК \"Башнефть\" \"Башнефть-Новойл\""]
["Крепления трубопровода","ПАО АНК \"Башнефть\" \"Башнефть-Новойл\"",1,41,"Крепление КПМ1-60-12Б","ШТ",1,690.1,690.1,"450063, г. Уфа, ПАО АНК \"Башнефть\" \"Башнефть-Новойл\""]
["Крепления трубопровода","ПАО АНК \"Башнефть\" \"Башнефть-Новойл\"",1,42,"Крепление КПМ1-60-6Б","ШТ",2,562.20000000000005,1124.4000000000001,"450063, г. Уфа, ПАО АНК \"Башнефть\" \"Башнефть-Новойл\""]
["Крепления трубопровода","ПАО АНК \"Башнефть\" \"Башнефть-Новойл\"",1,43,"Крепление КПМ1-80-12Б","ШТ",4,786.2,3144.8,"450063, г. Уфа, ПАО АНК \"Башнефть\" \"Башнефть-Новойл\""]
["Крепления трубопровода","ПАО АНК \"Башнефть\" \"Башнефть-Новойл\"",1,44,"Крепление КПМ2-100-120Б","ШТ",1,1127.2,1127.2,"450063, г. Уфа, ПАО АНК \"Башнефть\" \"Башнефть-Новойл\""]
["Крепления трубопровода","ПАО АНК \"Башнефть\" \"Башнефть-Новойл\"",1,45,"Крепление КПМ2-100-120Б","ШТ",1,1124.3,1124.3,"450063, г. Уфа, ПАО АНК \"Башнефть\" \"Башнефть-Новойл\""]
["Крепления трубопровода","ПАО АНК \"Башнефть\" \"Башнефть-Новойл\"",1,46,"Крепление КПМ2-100-72Б","ШТ",2,947.8,1895.6,"450063, г. Уфа, ПАО АНК \"Башнефть\" \"Башнефть-Новойл\""]
["Крепления трубопровода","ПАО АНК \"Башнефть\" \"Башнефть-Новойл\"",1,47,"Крепление КПМ2-100-72Б","ШТ",1,1132.3,1132.3,"450063, г. Уфа, ПАО АНК \"Башнефть\" \"Башнефть-Новойл\""]
["Крепления трубопровода","ПАО АНК \"Башнефть\" \"Башнефть-Новойл\"",1,48,"Крепление КПМ2-120-120Б","ШТ",1,1361.4,1361.4,"450063, г. Уфа, ПАО АНК \"Башнефть\" \"Башнефть-Новойл\""]
["Крепления трубопровода","ПАО АНК \"Башнефть\" \"Башнефть-Новойл\"",1,49,"Крепление КПМ2-120-24Б","ШТ",1,1205.0999999999999,1205.0999999999999,"450063, г. Уфа, ПАО АНК \"Башнефть\" \"Башнефть-Новойл\""]
["Крепления трубопровода","ПАО АНК \"Башнефть\" \"Башнефть-Новойл\"",1,50,"Крепление КПМ2-140-24Б","ШТ",1,1549.1,1549.1,"450063, г. Уфа, ПАО АНК \"Башнефть\" \"Башнефть-Новойл\""]
["Крепления трубопровода","ПАО АНК \"Башнефть\" \"Башнефть-Новойл\"",1,51,"Крепление КПМ2-20-48Б","ШТ",126,202.7,25540.199999999997,"450063, г. Уфа, ПАО АНК \"Башнефть\" \"Башнефть-Новойл\""]
["Крепления трубопровода","ПАО АНК \"Башнефть\" \"Башнефть-Новойл\"",1,52,"Крепление КПМ2-20-72","ШТ",4,304.89999999999998,1219.5999999999999,"450063, г. Уфа, ПАО АНК \"Башнефть\" \"Башнефть-Новойл\""]
["Крепления трубопровода","ПАО АНК \"Башнефть\" \"Башнефть-Новойл\"",1,53,"Крепление КПМ2-60-120Б","ШТ",2,525,1050,"450063, г. Уфа, ПАО АНК \"Башнефть\" \"Башнефть-Новойл\""]
["Крепления трубопровода","ПАО АНК \"Башнефть\" \"Башнефть-Новойл\"",1,54,"Крепление КПМ2-80-120","ШТ",1,926.2,926.2,"450063, г. Уфа, ПАО АНК \"Башнефть\" \"Башнефть-Новойл\""]
["Крепления трубопровода","ПАО АНК \"Башнефть\" \"Башнефть-Новойл\"",1,55,"Крепление КПМ2-80-24Б","ШТ",2,577.9,1155.8,"450063, г. Уфа, ПАО АНК \"Башнефть\" \"Башнефть-Новойл\""]
["Крепления трубопровода","ПАО АНК \"Башнефть\" \"Башнефть-Новойл\"",1,56,"Крепление КПМ2-80-24Б","ШТ",5,569.70000000000005,2848.5,"450063, г. Уфа, ПАО АНК \"Башнефть\" \"Башнефть-Новойл\""]
["Крепления трубопровода","ПАО АНК \"Башнефть\" \"Башнефть-Новойл\"",1,57,"Крепление КПМ3-30-33Б","ШТ",3,1040.0999999999999,3120.2999999999997,"450063, г. Уфа, ПАО АНК \"Башнефть\" \"Башнефть-Новойл\""]
["Крепления трубопровода","ПАО АНК \"Башнефть\" \"Башнефть-Новойл\"",1,58,"Крепление КПМ3-30-33Б","ШТ",3,1131,3393,"450063, г. Уфа, ПАО АНК \"Башнефть\" \"Башнефть-Новойл\""]
["Крепления трубопровода","ПАО АНК \"Башнефть\" \"Башнефть-Новойл\"",1,59,"Крепление КПМ3-40-33Б","ШТ",1,1283.5999999999999,1283.5999999999999,"450063, г. Уфа, ПАО АНК \"Башнефть\" \"Башнефть-Новойл\""]
["Крепления трубопровода","ПАО АНК \"Башнефть\" \"Башнефть-Новойл\"",1,60,"Крепление КПМ3-50-4Б","ШТ",7,669.3,4685.0999999999995,"450063, г. Уфа, ПАО АНК \"Башнефть\" \"Башнефть-Новойл\""]
["Крепления трубопровода","ПАО АНК \"Башнефть\" \"Башнефть-Новойл\"",1,61,"Крепление КПМ5-100-24Б","ШТ",4,493.4,1973.6,"450063, г. Уфа, ПАО АНК \"Башнефть\" \"Башнефть-Новойл\""]
["Крепления трубопровода","ПАО АНК \"Башнефть\" \"Башнефть-Новойл\"",1,62,"Крепление КПМ5-40-60Б","ШТ",1,492.6,492.6,"450063, г. Уфа, ПАО АНК \"Башнефть\" \"Башнефть-Новойл\""]
["Крепления трубопровода","ПАО АНК \"Башнефть\" \"Башнефть-Новойл\"",1,63,"Крепление КПМ5-80-24Б","ШТ",1,372,372,"450063, г. Уфа, ПАО АНК \"Башнефть\" \"Башнефть-Новойл\""]
["Крепления трубопровода","ПАО АНК \"Башнефть\" \"Башнефть-Новойл\"",1,64,"Крепление КРП-2Б","ШТ",1,1390.7,1390.7,"450063, г. Уфа, ПАО АНК \"Башнефть\" \"Башнефть-Новойл\""]
["Крепления трубопровода","ПАО АНК \"Башнефть\" \"Башнефть-Новойл\"",1,65,"Крепление КСК2-40-6Б","ШТ",3,517,{"$f":"H69*G69","v":1551},"450063, г. Уфа, ПАО АНК \"Башнефть\" \"Башнефть-Новойл\""]
["Крепления трубопровода","ПАО АНК \"Башнефть\" \"Башнефть-Новойл\"",1,66,"Крепление КСК2-60-24Б","ШТ",1,899,899,"450063, г. Уфа, ПАО АНК \"Башнефть\" \"Башнефть-Новойл\""]
["Крепления трубопровода","ПАО АНК \"Башнефть\" \"Башнефть-Новойл\"",1,67,"Крепление трубопровода ККЖ2-40-3Б","ШТ",1,170.3,170.3,"450063, г. Уфа, ПАО АНК \"Башнефть\" \"Башнефть-Новойл\""]
["Крепления трубопровода","ПАО АНК \"Башнефть\" \"Башнефть-Новойл\"",1,68,"Крепление трубопровода ККМ1-100-24Б","ШТ",1,980.4,980.4,"450063, г. Уфа, ПАО АНК \"Башнефть\" \"Башнефть-Новойл\""]
["Крепления трубопровода","ПАО АНК \"Башнефть\" \"Башнефть-Новойл\"",1,69,"Крепление трубопровода ККМ1-100-48Б","ШТ",2,899.1,1798.2,"450063, г. Уфа, ПАО АНК \"Башнефть\" \"Башнефть-Новойл\""]
["Крепления трубопровода","ПАО АНК \"Башнефть\" \"Башнефть-Новойл\"",1,70,"Крепление трубопровода ККМ1-60-12Б","ШТ",2,373.2,746.4,"450063, г. Уфа, ПАО АНК \"Башнефть\" \"Башнефть-Новойл\""]
["Крепления трубопровода","ПАО АНК \"Башнефть\" \"Башнефть-Новойл\"",1,71,"Крепление трубопровода ККМ1-80-36Б","ШТ",4,862.3,3449.2,"450063, г. Уфа, ПАО АНК \"Башнефть\" \"Башнефть-Новойл\""]
["Крепления трубопровода","ПАО АНК \"Башнефть\" \"Башнефть-Новойл\"",1,72,"Крепление трубопровода КП1-135-72Б","ШТ",1,1542.8,1542.8,"450063, г. Уфа, ПАО АНК \"Башнефть\" \"Башнефть-Новойл\""]
["Крепления трубопровода","ПАО АНК \"Башнефть\" \"Башнефть-Новойл\"",1,73,"Крепление трубопровода КП1-135-72Б","ШТ",1,1917.8,1917.8,"450063, г. Уфа, ПАО АНК \"Башнефть\" \"Башнефть-Новойл\""]
["Крепления трубопровода","ПАО АНК \"Башнефть\" \"Башнефть-Новойл\"",1,74,"Крепление трубопровода КП1-175-24Б","ШТ",10,3530.9,35309,"450063, г. Уфа, ПАО АНК \"Башнефть\" \"Башнефть-Новойл\""]
["Крепления трубопровода","ПАО АНК \"Башнефть\" \"Башнефть-Новойл\"",1,75,"Крепление трубопровода КП2-20-48","ШТ",13,194.7,2531.1,"450063, г. Уфа, ПАО АНК \"Башнефть\" \"Башнефть-Новойл\""]
["Крепления трубопровода","ПАО АНК \"Башнефть\" \"Башнефть-Новойл\"",1,76,"Крепление трубопровода КП2-20-48","ШТ",2,189.5,379,"450063, г. Уфа, ПАО АНК \"Башнефть\" \"Башнефть-Новойл\""]
["Крепления трубопровода","ПАО АНК \"Башнефть\" \"Башнефть-Новойл\"",1,77,"Крепление трубопровода КП2-20-48","ШТ",1,194.7,194.7,"450063, г. Уфа, ПАО АНК \"Башнефть\" \"Башнефть-Новойл\""]
["Крепления трубопровода","ПАО АНК \"Башнефть\" \"Башнефть-Новойл\"",1,78,"Крепление трубопровода КП2-20-48","ШТ",10,194.7,1947,"450063, г. Уфа, ПАО АНК \"Башнефть\" \"Башнефть-Новойл\""]
["Крепления трубопровода","ПАО АНК \"Башнефть\" \"Башнефть-Новойл\"",1,79,"Крепление трубопровода КП2-20-48","ШТ",19,315.10000000000002,5986.9000000000005,"450063, г. Уфа, ПАО АНК \"Башнефть\" \"Башнефть-Новойл\""]
["Крепления трубопровода","ПАО АНК \"Башнефть\" \"Башнефть-Новойл\"",1,80,"Крепление трубопровода КП2-40-48","ШТ",1,202.8,202.8,"450063, г. Уфа, ПАО АНК \"Башнефть\" \"Башнефть-Новойл\""]
["Крепления трубопровода","ПАО АНК \"Башнефть\" \"Башнефть-Новойл\"",1,81,"Крепление трубопровода КП2-40-48","ШТ",1,197.4,197.4,"450063, г. Уфа, ПАО АНК \"Башнефть\" \"Башнефть-Новойл\""]
["Крепления трубопровода","ПАО АНК \"Башнефть\" \"Башнефть-Новойл\"",1,82,"Крепление трубопровода КП2-40-84","ШТ",2,276.7,553.4,"450063, г. Уфа, ПАО АНК \"Башнефть\" \"Башнефть-Новойл\""]
["Крепления трубопровода","ПАО АНК \"Башнефть\" \"Башнефть-Новойл\"",1,83,"Крепление трубопровода КПМ2-180-72Б","ШТ",2,1932.6,3865.2,"450063, г. Уфа, ПАО АНК \"Башнефть\" \"Башнефть-Новойл\""]
["Крепления трубопровода","ПАО АНК \"Башнефть\" \"Башнефть-Новойл\"",1,84,"Крепление трубопровода КПМ2-20-120Б","ШТ",5,346.7,1733.5,"450063, г. Уфа, ПАО АНК \"Башнефть\" \"Башнефть-Новойл\""]
["Крепления трубопровода","ПАО АНК \"Башнефть\" \"Башнефть-Новойл\"",1,85,"Крепление трубопровода КПМ2-20-24Б","ШТ",12,235.6,2827.2,"450063, г. Уфа, ПАО АНК \"Башнефть\" \"Башнефть-Новойл\""]
["Крепления трубопровода","ПАО АНК \"Башнефть\" \"Башнефть-Новойл\"",1,86,"Крепление трубопровода КПМ2-20-24Б","ШТ",4,226.2,904.8,"450063, г. Уфа, ПАО АНК \"Башнефть\" \"Башнефть-Новойл\""]
["Крепления трубопровода","ПАО АНК \"Башнефть\" \"Башнефть-Новойл\"",1,87,"Крепление трубопровода КПМ2-20-72Б","ШТ",6,253.8,1522.8000000000002,"450063, г. Уфа, ПАО АНК \"Башнефть\" \"Башнефть-Новойл\""]
["Крепления трубопровода","ПАО АНК \"Башнефть\" \"Башнефть-Новойл\"",1,88,"Крепление трубопровода КПМ2-40-72Б","ШТ",1,438.9,438.9,"450063, г. Уфа, ПАО АНК \"Башнефть\" \"Башнефть-Новойл\""]
["Крепления трубопровода","ПАО АНК \"Башнефть\" \"Башнефть-Новойл\"",1,89,"Крепление трубопровода КПМ2-60-24Б","ШТ",3,550.79999999999995,1652.3999999999999,"450063, г. Уфа, ПАО АНК \"Башнефть\" \"Башнефть-Новойл\""]
["Крепления трубопровода","ПАО АНК \"Башнефть\" \"Башнефть-Новойл\"",1,90,"Крепление трубопровода КПМ2-60-24Б","ШТ",2,462.2,924.4,"450063, г. Уфа, ПАО АНК \"Башнефть\" \"Башнефть-Новойл\""]
["Крепления трубопровода","ПАО АНК \"Башнефть\" \"Башнефть-Новойл\"",1,91,"Крепление трубопровода КПМ2-60-24Б","ШТ",1,550.79999999999995,550.79999999999995,"450063, г. Уфа, ПАО АНК \"Башнефть\" \"Башнефть-Новойл\""]
["Крепления трубопровода","ПАО АНК \"Башнефть\" \"Башнефть-Новойл\"",1,92,"Крепление трубопровода КПМ2-60-72Б","ШТ",2,500,1000,"450063, г. Уфа, ПАО АНК \"Башнефть\" \"Башнефть-Новойл\""]
["Крепления трубопровода","ПАО АНК \"Башнефть\" \"Башнефть-Новойл\"",1,93,"Крепление трубопровода КПМ2-60-72Б","ШТ",1,492.9,492.9,"450063, г. Уфа, ПАО АНК \"Башнефть\" \"Башнефть-Новойл\""]
["Крепления трубопровода","ПАО АНК \"Башнефть\" \"Башнефть-Новойл\"",1,94,"Крепление трубопровода КПМ3-30-4Б","ШТ",6,486.2,2917.2,"450063, г. Уфа, ПАО АНК \"Башнефть\" \"Башнефть-Новойл\""]
["Крепления трубопровода","ПАО АНК \"Башнефть\" \"Башнефть-Новойл\"",1,95,"Крепление трубопровода КПМ3-30-4Б","ШТ",10,580.20000000000005,5802,"450063, г. Уфа, ПАО АНК \"Башнефть\" \"Башнефть-Новойл\""]
["Крепления трубопровода","ПАО АНК \"Башнефть\" \"Башнефть-Новойл\"",1,96,"Крепление трубопровода КПМ3-40-4Б","ШТ",4,623.6,2494.4,"450063, г. Уфа, ПАО АНК \"Башнефть\" \"Башнефть-Новойл\""]
["Крепления трубопровода","ПАО АНК \"Башнефть\" \"Башнефть-Новойл\"",1,97,"Крепление трубопровода КПМ3-40-4Б","ШТ",1,593.70000000000005,593.70000000000005,"450063, г. Уфа, ПАО АНК \"Башнефть\" \"Башнефть-Новойл\""]
["Крепления трубопровода","ПАО АНК \"Башнефть\" \"Башнефть-Новойл\"",1,98,"Крепление трубопровода КПМ3-50-16Б","ШТ",3,1397.1,4191.2999999999993,"450063, г. Уфа, ПАО АНК \"Башнефть\" \"Башнефть-Новойл\""]
["Крепления трубопровода","ПАО АНК \"Башнефть\" \"Башнефть-Новойл\"",1,99,"Крепление трубопровода КПМ3-50-33Б","ШТ",1,1326.9,1326.9,"450063, г. Уфа, ПАО АНК \"Башнефть\" \"Башнефть-Новойл\""]
["Крепления трубопровода","ПАО АНК \"Башнефть\" \"Башнефть-Новойл\"",1,100,"Крепление трубопровода КПМ5-20-24Б","ШТ",1,197.6,197.6,"450063, г. Уфа, ПАО АНК \"Башнефть\" \"Башнефть-Новойл\""]
["Крепления трубопровода","ПАО АНК \"Башнефть\" \"Башнефть-Новойл\"",1,101,"Крепление трубопровода КПМ6-60-24Б","ШТ",6,365.8,2194.8000000000002,"450063, г. Уфа, ПАО АНК \"Башнефть\" \"Башнефть-Новойл\""]
["Крепления трубопровода","ПАО АНК \"Башнефть\" \"Башнефть-Новойл\"",1,102,"Крепление трубопровода КПМ6-60-60Б","ШТ",3,872.1,2616.3000000000002,"450063, г. Уфа, ПАО АНК \"Башнефть\" \"Башнефть-Новойл\""]
["Крепления трубопровода","ПАО АНК \"Башнефть\" \"Башнефть-Новойл\"",1,103,"Крепление ч.0312.39.00.000-10 СБ","ШТ",2,152.4,304.8,"450063, г. Уфа, ПАО АНК \"Башнефть\" \"Башнефть-Новойл\""]
["Опоры","ПАО АНК \"Башнефть\" \"Башнефть-Новойл\"",2,104,"Блок хомутовый 24 ОСТ 24.125.113","ШТ",2,124.7,249.4,"450063, г. Уфа, ПАО АНК \"Башнефть\" \"Башнефть-Новойл\""]
["Опоры","ПАО АНК \"Башнефть\" \"Башнефть-Новойл\"",2,105,"Опора 108-ВП-А1 Ст3пс5","ШТ",2,121.5,243,"450063, г. Уфа, ПАО АНК \"Башнефть\" \"Башнефть-Новойл\""]
["Опоры","ПАО АНК \"Башнефть\" \"Башнефть-Новойл\"",2,106,"Опора 108-ВП-А1-ВСт3сп6","ШТ",14,62.2,870.80000000000007,"450063, г. Уфа, ПАО АНК \"Башнефть\" \"Башнефть-Новойл\""]
["Опоры","ПАО АНК \"Башнефть\" \"Башнефть-Новойл\"",2,107,"Опора 108-ВП-А2 15Х5М","ШТ",1,3553,3553,"450063, г. Уфа, ПАО АНК \"Башнефть\" \"Башнефть-Новойл\""]
["Опоры","ПАО АНК \"Башнефть\" \"Башнефть-Новойл\"",2,108,"Опора 108-ТО-А2 15Х5М","ШТ",2,1469.7,2939.4,"450063, г. Уфа, ПАО АНК \"Башнефть\" \"Башнефть-Новойл\""]
["Опоры","ПАО АНК \"Башнефть\" \"Башнефть-Новойл\"",2,109,"Опора 108-ТО-А2-Ст3пс5","ШТ",4,201.6,806.4,"450063, г. Уфа, ПАО АНК \"Башнефть\" \"Башнефть-Новойл\""]
["Опоры","ПАО АНК \"Башнефть\" \"Башнефть-Новойл\"",2,110,"Опора 108-ТО-А2-Ст3пс5","ШТ",1,201.6,201.6,"450063, г. Уфа, ПАО АНК \"Башнефть\" \"Башнефть-Новойл\""]
["Опоры","ПАО АНК \"Башнефть\" \"Башнефть-Новойл\"",2,111,"Опора 108-ТР-А Ст3пс5","ШТ",1,146.69999999999999,146.69999999999999,"450063, г. Уфа, ПАО АНК \"Башнефть\" \"Башнефть-Новойл\""]
["Опоры","ПАО АНК \"Башнефть\" \"Башнефть-Новойл\"",2,112,"Опора 133-ТО-А2 Ст3пс5","ШТ",4,362.9,1451.6,"450063, г. Уфа, ПАО АНК \"Башнефть\" \"Башнефть-Новойл\""]
["Опоры","ПАО АНК \"Башнефть\" \"Башнефть-Новойл\"",2,113,"Опора 133-ХБ-А Ст3пс5","ШТ",2,121.5,243,"450063, г. Уфа, ПАО АНК \"Башнефть\" \"Башнефть-Новойл\""]
["Опоры","ПАО АНК \"Башнефть\" \"Башнефть-Новойл\"",2,114,"Опора 159-ВП-А1 Ст3пс5","ШТ",3,121.5,364.5,"450063, г. Уфа, ПАО АНК \"Башнефть\" \"Башнефть-Новойл\""]
["Опоры","ПАО АНК \"Башнефть\" \"Башнефть-Новойл\"",2,115,"Опора 159-ВП-А2 15Х5М","ШТ",2,2487.1,4974.2,"450063, г. Уфа, ПАО АНК \"Башнефть\" \"Башнефть-Новойл\""]
["Опоры","ПАО АНК \"Башнефть\" \"Башнефть-Новойл\"",2,116,"Опора 159-ТО-А1-20","ШТ",1,325.10000000000002,325.10000000000002,"450063, г. Уфа, ПАО АНК \"Башнефть\" \"Башнефть-Новойл\""]
["Опоры","ПАО АНК \"Башнефть\" \"Башнефть-Новойл\"",2,117,"Опора 159-ТО-А1-ВСт3пс","ШТ",43,325.10000000000002,13979.300000000001,"450063, г. Уфа, ПАО АНК \"Башнефть\" \"Башнефть-Новойл\""]
["Опоры","ПАО АНК \"Башнефть\" \"Башнефть-Новойл\"",2,118,"Опора 159-ТО-А1-Ст3пс5","ШТ",1,325.10000000000002,325.10000000000002,"450063, г. Уфа, ПАО АНК \"Башнефть\" \"Башнефть-Новойл\""]
["Опоры","ПАО АНК \"Башнефть\" \"Башнефть-Новойл\"",2,119,"Опора 159-ТО-А1-Ст3пс5","ШТ",1,325.10000000000002,325.10000000000002,"450063, г. Уфа, ПАО АНК \"Башнефть\" \"Башнефть-Новойл\""]
["Опоры","ПАО АНК \"Башнефть\" \"Башнефть-Новойл\"",2,120,"Опора 159-ТО-А1-Ст3пс5","ШТ",1,325.10000000000002,325.10000000000002,"450063, г. Уфа, ПАО АНК \"Башнефть\" \"Башнефть-Новойл\""]
["Опоры","ПАО АНК \"Башнефть\" \"Башнефть-Новойл\"",2,121,"Опора 18-ТП-АС10-20","ШТ",2,73.099999999999994,146.19999999999999,"450063, г. Уфа, ПАО АНК \"Башнефть\" \"Башнефть-Новойл\""]
["Опоры","ПАО АНК \"Башнефть\" \"Башнефть-Новойл\"",2,122,"Опора 18-ТП-АС10-Ст3пс5","ШТ",19,73.099999999999994,1388.8999999999999,"450063, г. Уфа, ПАО АНК \"Башнефть\" \"Башнефть-Новойл\""]
["Опоры","ПАО АНК \"Башнефть\" \"Башнефть-Новойл\"",2,123,"Опора 18-ТП-АС10-Ст3пс5","ШТ",3,73.099999999999994,219.29999999999998,"450063, г. Уфа, ПАО АНК \"Башнефть\" \"Башнефть-Новойл\""]
["Опоры","ПАО АНК \"Башнефть\" \"Башнефть-Новойл\"",2,124,"Опора 18-ТХ-АС00-Ст3пс5","ШТ",27,111.5,3010.5,"450063, г. Уфа, ПАО АНК \"Башнефть\" \"Башнефть-Новойл\""]
["Опоры","ПАО АНК \"Башнефть\" \"Башнефть-Новойл\"",2,125,"Опора 18-ТХ-АС10-Ст3пс5","ШТ",20,129.1,2582,"450063, г. Уфа, ПАО АНК \"Башнефть\" \"Башнефть-Новойл\""]
["Опоры","ПАО АНК \"Башнефть\" \"Башнефть-Новойл\"",2,126,"Опора 18-ТХ-АС10-Ст3пс5","ШТ",2,129.1,258.2,"450063, г. Уфа, ПАО АНК \"Башнефть\" \"Башнефть-Новойл\""]
["Опоры","ПАО АНК \"Башнефть\" \"Башнефть-Новойл\"",2,127,"Опора 18-ТХ-АС10-Ст3пс5","ШТ",4,129.1,516.4,"450063, г. Уфа, ПАО АНК \"Башнефть\" \"Башнефть-Новойл\""]
["Опоры","ПАО АНК \"Башнефть\" \"Башнефть-Новойл\"",2,128,"Опора 18-ТХ-АС10-Ст3пс5","ШТ",6,129.1,774.59999999999991,"450063, г. Уфа, ПАО АНК \"Башнефть\" \"Башнефть-Новойл\""]
["Опоры","ПАО АНК \"Башнефть\" \"Башнефть-Новойл\"",2,129,"Опора 18-ТХ-АС10-Ст3пс5","ШТ",11,129.1,{"$f":"H133*G133","v":1420.1},"450063, г. Уфа, ПАО АНК \"Башнефть\" \"Башнефть-Новойл\""]
["Опоры","ПАО АНК \"Башнефть\" \"Башнефть-Новойл\"",2,130,"Опора 20-ТП-АС10 ВСт3пс5","ШТ",3,108.3,324.89999999999998,"450063, г. Уфа, ПАО АНК \"Башнефть\" \"Башнефть-Новойл\""]
["Опоры","ПАО АНК \"Башнефть\" \"Башнефть-Новойл\"",2,131,"Опора 20-ТП-АС10 ВСт3пс5","ШТ",72,53,3816,"450063, г. Уфа, ПАО АНК \"Башнефть\" \"Башнефть-Новойл\""]
["Опоры","ПАО АНК \"Башнефть\" \"Башнефть-Новойл\"",2,132,"Опора 20-ТП-АС10 ВСт3пс5","ШТ",18,108.3,1949.3999999999999,"450063, г. Уфа, ПАО АНК \"Башнефть\" \"Башнефть-Новойл\""]
["Опоры","ПАО АНК \"Башнефть\" \"Башнефть-Новойл\"",2,133,"Опора 20-ТП-АС10 ВСт3пс5","ШТ",88,108.3,9530.4,"450063, г. Уфа, ПАО АНК \"Башнефть\" \"Башнефть-Новойл\""]
["Опоры","ПАО АНК \"Башнефть\" \"Башнефть-Новойл\"",2,134,"Опора 273-ТО-А1-20","ШТ",1,821,821,"450063, г. Уфа, ПАО АНК \"Башнефть\" \"Башнефть-Новойл\""]
["Опоры","ПАО АНК \"Башнефть\" \"Башнефть-Новойл\"",2,135,"Опора 325-ХБ-А-ВСт3пс","ШТ",1,235.4,235.4,"450063, г. Уфа, ПАО АНК \"Башнефть\" \"Башнефть-Новойл\""]
["Опоры","ПАО АНК \"Башнефть\" \"Башнефть-Новойл\"",2,136,"Опора 32-ТП-АС00 Ст3","ШТ",2,65.5,131,"450063, г. Уфа, ПАО АНК \"Башнефть\" \"Башнефть-Новойл\""]
["Опоры","ПАО АНК \"Башнефть\" \"Башнефть-Новойл\"",2,137,"Опора 32-ТП-АС00 Ст3","ШТ",3,65.5,196.5,"450063, г. Уфа, ПАО АНК \"Башнефть\" \"Башнефть-Новойл\""]
["Опоры","ПАО АНК \"Башнефть\" \"Башнефть-Новойл\"",2,138,"Опора 32-ТП-АС00 Ст3пс5","ШТ",1,65.5,65.5,"450063, г. Уфа, ПАО АНК \"Башнефть\" \"Башнефть-Новойл\""]
["Опоры","ПАО АНК \"Башнефть\" \"Башнефть-Новойл\"",2,139,"Опора 32-ТХ-АС00-Вст3пс4","ШТ",1,111.5,111.5,"450063, г. Уфа, ПАО АНК \"Башнефть\" \"Башнефть-Новойл\""]
["Опоры","ПАО АНК \"Башнефть\" \"Башнефть-Новойл\"",2,140,"Опора 32-ТХ-АС10 15Х5М","ШТ",1,129.1,129.1,"450063, г. Уфа, ПАО АНК \"Башнефть\" \"Башнефть-Новойл\""]
["Опоры","ПАО АНК \"Башнефть\" \"Башнефть-Новойл\"",2,141,"Опора 32-ТХ-АС10-20","ШТ",5,129.1,645.5,"450063, г. Уфа, ПАО АНК \"Башнефть\" \"Башнефть-Новойл\""]
["Опоры","ПАО АНК \"Башнефть\" \"Башнефть-Новойл\"",2,142,"Опора 35Х23Н7СЛ","ШТ",12,12041.2,144494.40000000002,"450063, г. Уфа, ПАО АНК \"Башнефть\" \"Башнефть-Новойл\""]
["Опоры","ПАО АНК \"Башнефть\" \"Башнефть-Новойл\"",2,143,"Опора 35Х23Н7СЛ","ШТ",30,12041.2,361236,"450063, г. Уфа, ПАО АНК \"Башнефть\" \"Башнефть-Новойл\""]
["Опоры","ПАО АНК \"Башнефть\" \"Башнефть-Новойл\"",2,144,"Опора 38-Т13-01 Ст3пс5","ШТ",4,45.4,181.6,"450063, г. Уфа, ПАО АНК \"Башнефть\" \"Башнефть-Новойл\""]
["Опоры","ПАО АНК \"Башнефть\" \"Башнефть-Новойл\"",2,145,"Опора 38-ТБ-А Ст3пс5","ШТ",2,12.5,25,"450063, г. Уфа, ПАО АНК \"Башнефть\" \"Башнефть-Новойл\""]
["Опоры","ПАО АНК \"Башнефть\" \"Башнефть-Новойл\"",2,146,"Опора 38-ТК-А10 Ст3пс5","ШТ",13,68.900000000000006,895.7,"450063, г. Уфа, ПАО АНК \"Башнефть\" \"Башнефть-Новойл\""]
["Опоры","ПАО АНК \"Башнефть\" \"Башнефть-Новойл\"",2,147,"Опора 38-ТП-АС10 Ст3сп5","ШТ",1,73.099999999999994,73.099999999999994,"450063, г. Уфа, ПАО АНК \"Башнефть\" \"Башнефть-Новойл\""]
["Опоры","ПАО АНК \"Башнефть\" \"Башнефть-Новойл\"",2,148,"Опора 38-ТХ-АС00 Ст3пс5","ШТ",1,111.5,111.5,"450063, г. Уфа, ПАО АНК \"Башнефть\" \"Башнефть-Новойл\""]
["Опоры","ПАО АНК \"Башнефть\" \"Башнефть-Новойл\"",2,149,"Опора 38-ТХ-АС00 Ст3пс5","ШТ",2,111.5,223,"450063, г. Уфа, ПАО АНК \"Башнефть\" \"Башнефть-Новойл\""]
["Опоры","ПАО АНК \"Башнефть\" \"Башнефть-Новойл\"",2,150,"Опора 38-ТХ-АС00 Ст3пс5","ШТ",1,111.5,111.5,"450063, г. Уфа, ПАО АНК \"Башнефть\" \"Башнефть-Новойл\""]
["Опоры","ПАО АНК \"Башнефть\" \"Башнефть-Новойл\"",2,151,"Опора 38-ТХ-АС10 Ст3пс","ШТ",4,129.1,516.4,"450063, г. Уфа, ПАО АНК \"Башнефть\" \"Башнефть-Новойл\""]
["Опоры","ПАО АНК \"Башнефть\" \"Башнефть-Новойл\"",2,152,"Опора 38-ТХ-АС10 Ст3пс","ШТ",8,129.1,1032.8,"450063, г. Уфа, ПАО АНК \"Башнефть\" \"Башнефть-Новойл\""]
["Опоры","ПАО АНК \"Башнефть\" \"Башнефть-Новойл\"",2,153,"Опора 45-ТП-АС10-20","ШТ",5,73.099999999999994,365.5,"450063, г. Уфа, ПАО АНК \"Башнефть\" \"Башнефть-Новойл\""]
["Опоры","ПАО АНК \"Башнефть\" \"Башнефть-Новойл\"",2,154,"Опора 5.904-1 1ПФ-06","ШТ",2,73.5,147,"450063, г. Уфа, ПАО АНК \"Башнефть\" \"Башнефть-Новойл\""]
["Опоры","ПАО АНК \"Башнефть\" \"Башнефть-Новойл\"",2,155,"Опора 5.904-1 1ПФ-08","ШТ",8,82.6,660.8,"450063, г. Уфа, ПАО АНК \"Башнефть\" \"Башнефть-Новойл\""]
["Опоры","ПАО АНК \"Башнефть\" \"Башнефть-Новойл\"",2,156,"Опора 5.904-1 1ПФ-12","ШТ",1,88.2,88.2,"450063, г. Уфа, ПАО АНК \"Башнефть\" \"Башнефть-Новойл\""]
["Опоры","ПАО АНК \"Башнефть\" \"Башнефть-Новойл\"",2,157,"Опора 5.904-1 1ПФ-12","ШТ",1,88.2,88.2,"450063, г. Уфа, ПАО АНК \"Башнефть\" \"Башнефть-Новойл\""]
["Опоры","ПАО АНК \"Башнефть\" \"Башнефть-Новойл\"",2,158,"Опора 5.904-1 1ПФ-14","ШТ",2,110.2,220.4,"450063, г. Уфа, ПАО АНК \"Башнефть\" \"Башнефть-Новойл\""]
["Опоры","ПАО АНК \"Башнефть\" \"Башнефть-Новойл\"",2,159,"Опора 5.904-1 1ПФ-16","ШТ",2,180,360,"450063, г. Уфа, ПАО АНК \"Башнефть\" \"Башнефть-Новойл\""]
["Опоры","ПАО АНК \"Башнефть\" \"Башнефть-Новойл\"",2,160,"Опора 5.904-1 1ПФ-16","ШТ",13,180,2340,"450063, г. Уфа, ПАО АНК \"Башнефть\" \"Башнефть-Новойл\""]
["Опоры","ПАО АНК \"Башнефть\" \"Башнефть-Новойл\"",2,161,"Опора 57-ВП-А1 Ст3пс6","ШТ",2,95.8,191.6,"450063, г. Уфа, ПАО АНК \"Башнефть\" \"Башнефть-Новойл\""]
["Опоры","ПАО АНК \"Башнефть\" \"Башнефть-Новойл\"",2,162,"Опора 57-ВП-А1 Ст3пс6","ШТ",2,95.8,191.6,"450063, г. Уфа, ПАО АНК \"Башнефть\" \"Башнефть-Новойл\""]
["Опоры","ПАО АНК \"Башнефть\" \"Башнефть-Новойл\"",2,163,"Опора 57-ТО-А1 Ст3пс6","ШТ",3,100.8,302.39999999999998,"450063, г. Уфа, ПАО АНК \"Башнефть\" \"Башнефть-Новойл\""]
["Опоры","ПАО АНК \"Башнефть\" \"Башнефть-Новойл\"",2,164,"Опора 57-ХБ-А-20","ШТ",4,75.599999999999994,302.39999999999998,"450063, г. Уфа, ПАО АНК \"Башнефть\" \"Башнефть-Новойл\""]
["Опоры","ПАО АНК \"Башнефть\" \"Башнефть-Новойл\"",2,165,"Опора 57-ХБ-А-Вст3пс","ШТ",12,75.599999999999994,907.19999999999993,"450063, г. Уфа, ПАО АНК \"Башнефть\" \"Башнефть-Новойл\""]
["Опоры","ПАО АНК \"Башнефть\" \"Башнефть-Новойл\"",2,166,"Опора 57-ХБ-Б Ст3пс5","ШТ",1,92.2,92.2,"450063, г. Уфа, ПАО АНК \"Башнефть\" \"Башнефть-Новойл\""]
["Опоры","ПАО АНК \"Башнефть\" \"Башнефть-Новойл\"",2,167,"Опора 57-ХБ-Б Ст3пс5","ШТ",1,92.2,92.2,"450063, г. Уфа, ПАО АНК \"Башнефть\" \"Башнефть-Новойл\""]
["Опоры","ПАО АНК \"Башнефть\" \"Башнефть-Новойл\"",2,168,"Опора 820-КП-А12 Ст3пс5","ШТ",6,1035.2,6211.2000000000007,"450063, г. Уфа, ПАО АНК \"Башнефть\" \"Башнефть-Новойл\""]
["Опоры","ПАО АНК \"Башнефть\" \"Башнефть-Новойл\"",2,169,"Опора 89-ВП-А2 Ст3пс5","ШТ",3,108.9,326.70000000000005,"450063, г. Уфа, ПАО АНК \"Башнефть\" \"Башнефть-Новойл\""]
["Опоры","ПАО АНК \"Башнефть\" \"Башнефть-Новойл\"",2,170,"Опора 89-ВП-А2-20","ШТ",5,108.9,544.5,"450063, г. Уфа, ПАО АНК \"Башнефть\" \"Башнефть-Новойл\""]
["Опоры","ПАО АНК \"Башнефть\" \"Башнефть-Новойл\"",2,171,"Опора 89-ТО-А1-15Х5М","ШТ",2,1776.5,3553,"450063, г. Уфа, ПАО АНК \"Башнефть\" \"Башнефть-Новойл\""]
["Опоры","ПАО АНК \"Башнефть\" \"Башнефть-Новойл\"",2,172,"Опора 89-ТО-А1-20","ШТ",1,170.9,170.9,"450063, г. Уфа, ПАО АНК \"Башнефть\" \"Башнефть-Новойл\""]
["Опоры","ПАО АНК \"Башнефть\" \"Башнефть-Новойл\"",2,173,"Опора 89-ТО-А1-Ст3пс5","ШТ",7,170.9,1196.3,"450063, г. Уфа, ПАО АНК \"Башнефть\" \"Башнефть-Новойл\""]
["Опоры","ПАО АНК \"Башнефть\" \"Башнефть-Новойл\"",2,174,"Опора 89-ТО-А1-Ст3пс5","ШТ",6,170.9,1025.4000000000001,"450063, г. Уфа, ПАО АНК \"Башнефть\" \"Башнефть-Новойл\""]
["Опоры","ПАО АНК \"Башнефть\" \"Башнефть-Новойл\"",2,175,"Опора 89-ТП-АС11 ВСт3пс5","ШТ",4,128.5,514,"450063, г. Уфа, ПАО АНК \"Башнефть\" \"Башнефть-Новойл\""]
["Опоры","ПАО АНК \"Башнефть\" \"Башнефть-Новойл\"",2,176,"Опора 89-ХБ-А-20","ШТ",46,83.7,3850.2000000000003,"450063, г. Уфа, ПАО АНК \"Башнефть\" \"Башнефть-Новойл\""]
["Опоры","ПАО АНК \"Башнефть\" \"Башнефть-Новойл\"",2,177,"Опора 89-ХБ-А-20","ШТ",32,83.7,2678.4,"450063, г. Уфа, ПАО АНК \"Башнефть\" \"Башнефть-Новойл\""]
["Опоры","ПАО АНК \"Башнефть\" \"Башнефть-Новойл\"",2,178,"Опора 89-ХБ-А-20","ШТ",192,83.7,16070.400000000001,"450063, г. Уфа, ПАО АНК \"Башнефть\" \"Башнефть-Новойл\""]
["Опоры","ПАО АНК \"Башнефть\" \"Башнефть-Новойл\"",2,179,"Опора для задвижки Ду350 Ст20","ШТ",1,2705,2705,"450063, г. Уфа, ПАО АНК \"Башнефть\" \"Башнефть-Новойл\""]
["Опоры","ПАО АНК \"Башнефть\" \"Башнефть-Новойл\"",2,180,"Опора Дн1020 09Г2С 012-(2143)-11/1-25ТП","ШТ",4,9353.4,37413.599999999999,"450063, г. Уфа, ПАО АНК \"Башнефть\" \"Башнефть-Новойл\""]
["Опоры","ПАО АНК \"Башнефть\" \"Башнефть-Новойл\"",2,181,"Опора Дн108 012-(2143)-11/1-18ВО","ШТ",18,249,4482,"450063, г. Уфа, ПАО АНК \"Башнефть\" \"Башнефть-Новойл\""]
["Опоры","ПАО АНК \"Башнефть\" \"Башнефть-Новойл\"",2,182,"Опора Дн150 012-(2143)-11/1-19ВО","ШТ",6,1410,8460,"450063, г. Уфа, ПАО АНК \"Башнефть\" \"Башнефть-Новойл\""]
["Опоры","ПАО АНК \"Башнефть\" \"Башнефть-Новойл\"",2,183,"Опора Дн150 012-(2143)-11/1-19ВО","ШТ",6,1416.2,8497.2000000000007,"450063, г. Уфа, ПАО АНК \"Башнефть\" \"Башнефть-Новойл\""]
["Опоры","ПАО АНК \"Башнефть\" \"Башнефть-Новойл\"",2,184,"Опора Ду150 Ст20 II-77-Т","ШТ",3,670.3,2010.8999999999999,"450063, г. Уфа, ПАО АНК \"Башнефть\" \"Башнефть-Новойл\""]
["Опоры","ПАО АНК \"Башнефть\" \"Башнефть-Новойл\"",2,185,"Опора Ду150 Ст20 II-77-Т","ШТ",2,814.3,1628.6,"450063, г. Уфа, ПАО АНК \"Башнефть\" \"Башнефть-Новойл\""]
["Опоры","ПАО АНК \"Башнефть\" \"Башнефть-Новойл\"",2,186,"Опора Ду150 Ст20 ч.012(2142)-11/3-52ТП","ШТ",1,4687.8999999999996,4687.8999999999996,"450063, г. Уфа, ПАО АНК \"Башнефть\" \"Башнефть-Новойл\""]
["Опоры","ПАО АНК \"Башнефть\" \"Башнефть-Новойл\"",2,187,"Опора Ду25 15Х5М II-397-T","ШТ",3,147.5,442.5,"450063, г. Уфа, ПАО АНК \"Башнефть\" \"Башнефть-Новойл\""]
["Опоры","ПАО АНК \"Башнефть\" \"Башнефть-Новойл\"",2,188,"Опора под задвижку Dу300 эск. 57322","ШТ",4,2768.6,11074.4,"450063, г. Уфа, ПАО АНК \"Башнефть\" \"Башнефть-Новойл\""]
["Опоры","ПАО АНК \"Башнефть\" \"Башнефть-Новойл\"",2,189,"Опора под задвижку Dу400 эск. 57323","ШТ",2,13128.4,26256.799999999999,"450063, г. Уфа, ПАО АНК \"Башнефть\" \"Башнефть-Новойл\""]
["Опоры","ПАО АНК \"Башнефть\" \"Башнефть-Новойл\"",2,190,"Опора решетки 11/7583/17N12Л","ШТ",3,8032.1,24096.300000000003,"450063, г. Уфа, ПАО АНК \"Башнефть\" \"Башнефть-Новойл\""]
["Опоры","ПАО АНК \"Башнефть\" \"Башнефть-Новойл\"",2,191,"Опора решетки 11/7583/17N13Л","ШТ",3,8107.4,24322.199999999997,"450063, г. Уфа, ПАО АНК \"Башнефть\" \"Башнефть-Новойл\""]
["Опоры","ПАО АНК \"Башнефть\" \"Башнефть-Новойл\"",2,192,"Опора скользящая 630","ШТ",4,7285.8,29143.200000000001,"450063, г. Уфа, ПАО АНК \"Башнефть\" \"Башнефть-Новойл\""]
["Опоры крупные","ПАО АНК \"Башнефть\" \"Башнефть-Новойл\"",3,193,"Опора 219-ВП-А1 Ст3пс5","ШТ",2,121.5,{"$f":"H197*G197","v":243},"450063, г. Уфа, ПАО АНК \"Башнефть\" \"Башнефть-Новойл\""]
["Опоры крупные","ПАО АНК \"Башнефть\" \"Башнефть-Новойл\"",3,194,"Опора 219-ХБ-А Ст3пс5","ШТ",787,177.9,140007.30000000002,"450063, г. Уфа, ПАО АНК \"Башнефть\" \"Башнефть-Новойл\""]
["Опоры крупные","ПАО АНК \"Башнефть\" \"Башнефть-Новойл\"",3,195,"Опора 219-ХБ-А Ст3пс5","ШТ",4,177.9,711.6,"450063, г. Уфа, ПАО АНК \"Башнефть\" \"Башнефть-Новойл\""]
["Опоры крупные","ПАО АНК \"Башнефть\" \"Башнефть-Новойл\"",3,196,"Опора 219-ХБ-А Ст3пс5","ШТ",2,177.9,355.8,"450063, г. Уфа, ПАО АНК \"Башнефть\" \"Башнефть-Новойл\""]
["Опоры крупные","ПАО АНК \"Башнефть\" \"Башнефть-Новойл\"",3,197,"Опора 273-ВП-А1 Ст3пс5","ШТ",2,428.4,856.8,"450063, г. Уфа, ПАО АНК \"Башнефть\" \"Башнефть-Новойл\""]
["Опоры крупные","ПАО АНК \"Башнефть\" \"Башнефть-Новойл\"",3,198,"Опора 273-ВП-Б1 Ст3пс5","ШТ",1,894.6,894.6,"450063, г. Уфа, ПАО АНК \"Башнефть\" \"Башнефть-Новойл\""]
["Опоры крупные","ПАО АНК \"Башнефть\" \"Башнефть-Новойл\"",3,199,"Опора 325-ВП-А1 Ст3пс5","ШТ",1,428.4,428.4,"450063, г. Уфа, ПАО АНК \"Башнефть\" \"Башнефть-Новойл\""]
["Опоры крупные","ПАО АНК \"Башнефть\" \"Башнефть-Новойл\"",3,200,"Опора 325-КП-АС22 Ст3пс6","ШТ",2,1033.8,2067.6,"450063, г. Уфа, ПАО АНК \"Башнефть\" \"Башнефть-Новойл\""]
["Опоры крупные","ПАО АНК \"Башнефть\" \"Башнефть-Новойл\"",3,201,"Опора 325-ТО-А2 Ст3пс5","ШТ",7,1524.6,10672.199999999999,"450063, г. Уфа, ПАО АНК \"Башнефть\" \"Башнефть-Новойл\""]
["Опоры крупные","ПАО АНК \"Башнефть\" \"Башнефть-Новойл\"",3,202,"Опора 377-ВП-Б2 Ст3пс6","ШТ",1,1280.2,1280.2,"450063, г. Уфа, ПАО АНК \"Башнефть\" \"Башнефть-Новойл\""]
["Опоры крупные","ПАО АНК \"Башнефть\" \"Башнефть-Новойл\"",3,203,"Опора 377-ВП-Б2 Ст3пс6","ШТ",1,1280.2,1280.2,"450063, г. Уфа, ПАО АНК \"Башнефть\" \"Башнефть-Новойл\""]
["Опоры крупные","ПАО АНК \"Башнефть\" \"Башнефть-Новойл\"",3,204,"Опора 377-КП-А21-Вст3пс5","ШТ",20,249.5,4990,"450063, г. Уфа, ПАО АНК \"Башнефть\" \"Башнефть-Новойл\""]
["Опоры крупные","ПАО АНК \"Башнефть\" \"Башнефть-Новойл\"",3,205,"Опора 377-КП-А21-Вст3пс5","ШТ",3,249.5,748.5,"450063, г. Уфа, ПАО АНК \"Башнефть\" \"Башнефть-Новойл\""]
["Опоры крупные","ПАО АНК \"Башнефть\" \"Башнефть-Новойл\"",3,206,"Опора 377-КП-А22в ВСт3пс6","ШТ",1,1033.9000000000001,1033.9000000000001,"450063, г. Уфа, ПАО АНК \"Башнефть\" \"Башнефть-Новойл\""]
["Опоры крупные","ПАО АНК \"Башнефть\" \"Башнефть-Новойл\"",3,207,"Опора 377-ТО-А1 Ст3пс5","ШТ",2,2311.3000000000002,4622.6000000000004,"450063, г. Уфа, ПАО АНК \"Башнефть\" \"Башнефть-Новойл\""]
["Опоры крупные","ПАО АНК \"Башнефть\" \"Башнефть-Новойл\"",3,208,"Опора 377-ТО-А1 Ст3пс5","ШТ",1,2311.3000000000002,2311.3000000000002,"450063, г. Уфа, ПАО АНК \"Башнефть\" \"Башнефть-Новойл\""]
["Опоры крупные","ПАО АНК \"Башнефть\" \"Башнефть-Новойл\"",3,209,"Опора 377-ТО-А1 Ст3пс5","ШТ",3,2311.3000000000002,6933.9000000000005,"450063, г. Уфа, ПАО АНК \"Башнефть\" \"Башнефть-Новойл\""]
["Опоры крупные","ПАО АНК \"Башнефть\" \"Башнефть-Новойл\"",3,210,"Опора 377-ТО-А1 Ст3пс5","ШТ",4,2311.3000000000002,9245.2000000000007,"450063, г. Уфа, ПАО АНК \"Башнефть\" \"Башнефть-Новойл\""]
["Опоры крупные","ПАО АНК \"Башнефть\" \"Башнефть-Новойл\"",3,211,"Опора 426-ВП-БС2-20","ШТ",1,1280.2,1280.2,"450063, г. Уфа, ПАО АНК \"Башнефть\" \"Башнефть-Новойл\""]
["Опоры крупные","ПАО АНК \"Башнефть\" \"Башнефть-Новойл\"",3,212,"Опора 426-КП-АС22 Ст3пс5","ШТ",2,761,1522,"450063, г. Уфа, ПАО АНК \"Башнефть\" \"Башнефть-Новойл\""]
["Опоры крупные","ПАО АНК \"Башнефть\" \"Башнефть-Новойл\"",3,213,"Опора 426-Т14.28 с.4.903-10 вып.5 Ст3сп5","ШТ",4,858.5,3434,"450063, г. Уфа, ПАО АНК \"Башнефть\" \"Башнефть-Новойл\""]
["Опоры крупные","ПАО АНК \"Башнефть\" \"Башнефть-Новойл\"",3,214,"Опора 426-Т15-17 Ст3пс5","ШТ",2,613,1226,"450063, г. Уфа, ПАО АНК \"Башнефть\" \"Башнефть-Новойл\""]
["Опоры крупные","ПАО АНК \"Башнефть\" \"Башнефть-Новойл\"",3,215,"Опора 426-ХБ-А-Вст3сп5","ШТ",2,420.3,840.6,"450063, г. Уфа, ПАО АНК \"Башнефть\" \"Башнефть-Новойл\""]
["Опоры крупные","ПАО АНК \"Башнефть\" \"Башнефть-Новойл\"",3,216,"Опора 630-КП-А11-Ст3пс5","ШТ",24,377.5,9060,"450063, г. Уфа, ПАО АНК \"Башнефть\" \"Башнефть-Новойл\""]
["Опоры крупные","ПАО АНК \"Башнефть\" \"Башнефть-Новойл\"",3,217,"Опора 630-КП-А11-Ст3пс5","ШТ",4,377.5,1510,"450063, г. Уфа, ПАО АНК \"Башнефть\" \"Башнефть-Новойл\""]
["Опоры крупные","ПАО АНК \"Башнефть\" \"Башнефть-Новойл\"",3,218,"Опора 630-КП-А12 Ст3пс5","ШТ",85,809.9,68841.5,"450063, г. Уфа, ПАО АНК \"Башнефть\" \"Башнефть-Новойл\""]
["Опоры крупные","ПАО АНК \"Башнефть\" \"Башнефть-Новойл\"",3,219,"Опора 630-КП-А12-ВСТ3ПС","ШТ",11,809.9,8908.9,"450063, г. Уфа, ПАО АНК \"Башнефть\" \"Башнефть-Новойл\""]
["Опоры крупные","ПАО АНК \"Башнефть\" \"Башнефть-Новойл\"",3,220,"Опора 630-КП-А12-ВСТ3ПС","ШТ",217,809.9,175748.3,"450063, г. Уфа, ПАО АНК \"Башнефть\" \"Башнефть-Новойл\""]
["Опоры крупные","ПАО АНК \"Башнефть\" \"Башнефть-Новойл\"",3,221,"Опора 630-КП-АС11 Ст3пс5","ШТ",9,550.4,4953.5999999999995,"450063, г. Уфа, ПАО АНК \"Башнефть\" \"Башнефть-Новойл\""]
["Опоры крупные","ПАО АНК \"Башнефть\" \"Башнефть-Новойл\"",3,222,"Опора 630-КХ-АС12 Ст3пс5","ШТ",2,3656.9,7313.8,"450063, г. Уфа, ПАО АНК \"Башнефть\" \"Башнефть-Новойл\""]
["Опоры крупные","ПАО АНК \"Башнефть\" \"Башнефть-Новойл\"",3,223,"Опора 630-ТО-А2 Ст3пс5","ШТ",1,5839.9,5839.9,"450063, г. Уфа, ПАО АНК \"Башнефть\" \"Башнефть-Новойл\""]
["Опоры крупные","ПАО АНК \"Башнефть\" \"Башнефть-Новойл\"",3,224,"Опора 820-КП-А12 Ст3пс5","ШТ",47,1035.2,48654.400000000001,"450063, г. Уфа, ПАО АНК \"Башнефть\" \"Башнефть-Новойл\""]
["Опоры крупные","ПАО АНК \"Башнефть\" \"Башнефть-Новойл\"",3,225,"Опора 820-КП-А12-ВСТ3ПС","ШТ",230,1035.2,238096,"450063, г. Уфа, ПАО АНК \"Башнефть\" \"Башнефть-Новойл\""]
["Опоры крупные","ПАО АНК \"Башнефть\" \"Башнефть-Новойл\"",3,226,"Опора 820-КП-А22 Ст3пс5","ШТ",23,1252.4000000000001,28805.200000000001,"450063, г. Уфа, ПАО АНК \"Башнефть\" \"Башнефть-Новойл\""]
["Опоры крупные","ПАО АНК \"Башнефть\" \"Башнефть-Новойл\"",3,227,"Опора 820-ШП-А1-Вст3пс","ШТ",5,773.1,3865.5,"450063, г. Уфа, ПАО АНК \"Башнефть\" \"Башнефть-Новойл\""]
["Опоры крупные","ПАО АНК \"Башнефть\" \"Башнефть-Новойл\"",3,228,"Опора для задв. Ду400 Ру16 ч.51-2009ТП","ШТ",1,2427.6999999999998,2427.6999999999998,"450063, г. Уфа, ПАО АНК \"Башнефть\" \"Башнефть-Новойл\""]
["Опоры крупные","ПАО АНК \"Башнефть\" \"Башнефть-Новойл\"",3,229,"Опора Дн820 012-(2143)-11/1-55ВО","ШТ",1,3653.8,3653.8,"450063, г. Уфа, ПАО АНК \"Башнефть\" \"Башнефть-Новойл\""]
["Опоры крупные","ПАО АНК \"Башнефть\" \"Башнефть-Новойл\"",3,230,"Опора Ду1000 012-(2142)-11/3-16ВО","ШТ",4,21660.5,86642,"450063, г. Уфа, ПАО АНК \"Башнефть\" \"Башнефть-Новойл\""]
["Опоры крупные","ПАО АНК \"Башнефть\" \"Башнефть-Новойл\"",3,231,"Опора Ду1000 012-(2142)-11/3-16ВО","ШТ",3,21660.5,64981.5,"450063, г. Уфа, ПАО АНК \"Башнефть\" \"Башнефть-Новойл\""]
["Опоры крупные","ПАО АНК \"Башнефть\" \"Башнефть-Новойл\"",3,232,"Опора Ду1200 012-(2142)-11/3-17ВО","ШТ",2,27371,54742,"450063, г. Уфа, ПАО АНК \"Башнефть\" \"Башнефть-Новойл\""]
["Опоры крупные","ПАО АНК \"Башнефть\" \"Башнефть-Новойл\"",3,233,"Опора Ду500 СТ3ПС5 012-(2162)-305-20ТП","ШТ",1,20676,20676,"450063, г. Уфа, ПАО АНК \"Башнефть\" \"Башнефть-Новойл\""]
["Опоры крупные","ПАО АНК \"Башнефть\" \"Башнефть-Новойл\"",3,234,"Опора Ду500 СТ3ПС5 012-(2162)-305-21ТП","ШТ",1,21660.5,21660.5,"450063, г. Уфа, ПАО АНК \"Башнефть\" \"Башнефть-Новойл\""]
["Опоры крупные","ПАО АНК \"Башнефть\" \"Башнефть-Новойл\"",3,235,"Опора Ду800 16ГС 012(2142)-11/3-27ТП","ШТ",7,12408.5,86859.5,"450063, г. Уфа, ПАО АНК \"Башнефть\" \"Башнефть-Новойл\""]
["Опоры крупные","ПАО АНК \"Башнефть\" \"Башнефть-Новойл\"",3,236,"Опора Ду800 16ГС 012(2142)-11/3-27ТП","ШТ",1,12232.5,12232.5,"450063, г. Уфа, ПАО АНК \"Башнефть\" \"Башнефть-Новойл\""]
["Опоры крупные","ПАО АНК \"Башнефть\" \"Башнефть-Новойл\"",3,237,"Опора Ду800 16ГС-11 012-(2142)-11/3-26ТП","ШТ",1,12232.5,12232.5,"450063, г. Уфа, ПАО АНК \"Башнефть\" \"Башнефть-Новойл\""]
["Опоры пружинные","ПАО АНК \"Башнефть\" \"Башнефть-Новойл\"",4,238,"Блок пружин. 1534-10-743 ОСТ34-10-745-93","ШТ",2,3630.6,7261.2,"450063, г. Уфа, ПАО АНК \"Башнефть\" \"Башнефть-Новойл\""]
["Опоры пружинные","ПАО АНК \"Башнефть\" \"Башнефть-Новойл\"",4,239,"Блок пружинный 01","ШТ",1,3442.1,3442.1,"450063, г. Уфа, ПАО АНК \"Башнефть\" \"Башнефть-Новойл\""]
["Опоры пружинные","ПАО АНК \"Башнефть\" \"Башнефть-Новойл\"",4,240,"Блок пружинный 07","ШТ",1,6461.4,6461.4,"450063, г. Уфа, ПАО АНК \"Башнефть\" \"Башнефть-Новойл\""]
["Опоры пружинные","ПАО АНК \"Башнефть\" \"Башнефть-Новойл\"",4,241,"Блок пружинный 17-34-10-743","ШТ",1,5337,5337,"450063, г. Уфа, ПАО АНК \"Башнефть\" \"Башнефть-Новойл\""]
["Опоры пружинные","ПАО АНК \"Башнефть\" \"Башнефть-Новойл\"",4,242,"Блок пружинный №22 ОСТ 108.275.60","ШТ",1,18194,18194,"450063, г. Уфа, ПАО АНК \"Башнефть\" \"Башнефть-Новойл\""]
["Опоры пружинные","ПАО АНК \"Башнефть\" \"Башнефть-Новойл\"",4,243,"Опора пружинная 012-(2143)-11/1-80ВО","ШТ",2,32359.8,64719.6,"450063, г. Уфа, ПАО АНК \"Башнефть\" \"Башнефть-Новойл\""]
["Опоры пружинные","ПАО АНК \"Башнефть\" \"Башнефть-Новойл\"",4,244,"Опора пружинная 012-(2162)-305-38","ШТ",1,19691.400000000001,19691.400000000001,"450063, г. Уфа, ПАО АНК \"Башнефть\" \"Башнефть-Новойл\""]
["Опоры пружинные","ПАО АНК \"Башнефть\" \"Башнефть-Новойл\"",4,245,"Опора пружинная 012-(2162)-305-39","ШТ",1,24220.400000000001,24220.400000000001,"450063, г. Уфа, ПАО АНК \"Башнефть\" \"Башнефть-Новойл\""]
["Опоры пружинные","ПАО АНК \"Башнефть\" \"Башнефть-Новойл\"",4,246,"Опора пружинная 012-(2162)-305-40","ШТ",1,21266.7,21266.7,"450063, г. Уфа, ПАО АНК \"Башнефть\" \"Башнефть-Новойл\""]
["Опоры пружинные","ПАО АНК \"Башнефть\" \"Башнефть-Новойл\"",4,247,"Опора пружинная 012-(2162)-305-41","ШТ",1,20676,20676,"450063, г. Уфа, ПАО АНК \"Башнефть\" \"Башнефть-Новойл\""]
["Опоры пружинные","ПАО АНК \"Башнефть\" \"Башнефть-Новойл\"",4,248,"Опора пружинная 012-(2162)-305-42","ШТ",1,23137.4,23137.4,"450063, г. Уфа, ПАО АНК \"Башнефть\" \"Башнефть-Новойл\""]
["Опоры пружинные","ПАО АНК \"Башнефть\" \"Башнефть-Новойл\"",4,249,"Опора пружинная 012-(2162)-305-43","ШТ",1,22645.1,22645.1,"450063, г. Уфа, ПАО АНК \"Башнефть\" \"Башнефть-Новойл\""]
["Опоры пружинные","ПАО АНК \"Башнефть\" \"Башнефть-Новойл\"",4,250,"Опора пружинная 012-(2162)-305-44","ШТ",1,6005.9,6005.9,"450063, г. Уфа, ПАО АНК \"Башнефть\" \"Башнефть-Новойл\""]
["Опоры пружинные","ПАО АНК \"Башнефть\" \"Башнефть-Новойл\"",4,251,"Опора пружинная 012-(2162)-305-45","ШТ",4,5907.4,23629.599999999999,"450063, г. Уфа, ПАО АНК \"Башнефть\" \"Башнефть-Новойл\""]
["Опоры пружинные","ПАО АНК \"Башнефть\" \"Башнефть-Новойл\"",4,252,"Опора пружинная 300 011-(2295)-ТЭЦ3-7ВО","ШТ",1,9061.4,9061.4,"450063, г. Уфа, ПАО АНК \"Башнефть\" \"Башнефть-Новойл\""]
["Отводы","ПАО АНК \"Башнефть\" \"Башнефть-Новойл\"",5,253,"ОКБ 90-273х10(К40)-1,6-0,6-1,5DN-У","ШТ",3,9350,28050,"450063, г. Уфа, ПАО АНК \"Башнефть\" \"Башнефть-Новойл\""]
["Отводы","ПАО АНК \"Башнефть\" \"Башнефть-Новойл\"",5,254,"Отвод 05766528-У6.0588-3039-01.00.000","ШТ",1,20384.900000000001,20384.900000000001,"450063, г. Уфа, ПАО АНК \"Башнефть\" \"Башнефть-Новойл\""]
["Отводы","ПАО АНК \"Башнефть\" \"Башнефть-Новойл\"",5,255,"Отвод 180-76х5-80-20","ШТ",122,300,36600,"450063, г. Уфа, ПАО АНК \"Башнефть\" \"Башнефть-Новойл\""]
["Отводы","ПАО АНК \"Башнефть\" \"Башнефть-Новойл\"",5,256,"Отвод 180-76х5-80-20","ШТ",8,300,2400,"450063, г. Уфа, ПАО АНК \"Башнефть\" \"Башнефть-Новойл\""]
["Отводы","ПАО АНК \"Башнефть\" \"Башнефть-Новойл\"",5,257,"Отвод 45 159х8-12Х18Н10Т","ШТ",1,7469.2,{"$f":"H261*G261","v":7469.2},"450063, г. Уфа, ПАО АНК \"Башнефть\" \"Башнефть-Новойл\""]
["Отводы","ПАО АНК \"Башнефть\" \"Башнефть-Новойл\"",5,258,"Отвод 45-133х6 Ст20","ШТ",10,345.9,3459,"450063, г. Уфа, ПАО АНК \"Башнефть\" \"Башнефть-Новойл\""]
["Отводы","ПАО АНК \"Башнефть\" \"Башнефть-Новойл\"",5,259,"Отвод 45-76х5 Ст20 ГОСТ 17375","ШТ",2,176.8,353.6,"450063, г. Уфа, ПАО АНК \"Башнефть\" \"Башнефть-Новойл\""]
["Отводы","ПАО АНК \"Башнефть\" \"Башнефть-Новойл\"",5,260,"Отвод 45-76х5 Ст20 ГОСТ 17375","ШТ",9,176.8,1591.2,"450063, г. Уфа, ПАО АНК \"Башнефть\" \"Башнефть-Новойл\""]
["Отводы","ПАО АНК \"Башнефть\" \"Башнефть-Новойл\"",5,261,"Отвод 60 159Х4,5","ШТ",4,310,1240,"450063, г. Уфа, ПАО АНК \"Башнефть\" \"Башнефть-Новойл\""]
["Отводы","ПАО АНК \"Башнефть\" \"Башнефть-Новойл\"",5,262,"Отвод 60 159х9","ШТ",1,852.9,852.9,"450063, г. Уфа, ПАО АНК \"Башнефть\" \"Башнефть-Новойл\""]
["Отводы","ПАО АНК \"Башнефть\" \"Башнефть-Новойл\"",5,263,"Отвод 60-45х5 Ст20 ГОСТ 17375","ШТ",2,112.1,224.2,"450063, г. Уфа, ПАО АНК \"Башнефть\" \"Башнефть-Новойл\""]
["Отводы","ПАО АНК \"Башнефть\" \"Башнефть-Новойл\"",5,264,"Отвод 90 76Х4,5","ШТ",12,100,1200,"450063, г. Уфа, ПАО АНК \"Башнефть\" \"Башнефть-Новойл\""]
["Отводы","ПАО АНК \"Башнефть\" \"Башнефть-Новойл\"",5,265,"Отвод 90-102х10 15Х5М 1468-001-17192736","ШТ",4,2064.8000000000002,8259.2000000000007,"450063, г. Уфа, ПАО АНК \"Башнефть\" \"Башнефть-Новойл\""]
["Отводы","ПАО АНК \"Башнефть\" \"Башнефть-Новойл\"",5,266,"Отвод 90-102х10 15Х5М 1468-001-17192736","ШТ",4,2042.7,8170.8,"450063, г. Уфа, ПАО АНК \"Башнефть\" \"Башнефть-Новойл\""]
["Отводы","ПАО АНК \"Башнефть\" \"Башнефть-Новойл\"",5,267,"Отвод 90-102х10-15Х5М","ШТ",9,1930,17370,"450063, г. Уфа, ПАО АНК \"Башнефть\" \"Башнефть-Новойл\""]
["Отводы","ПАО АНК \"Башнефть\" \"Башнефть-Новойл\"",5,268,"Отвод 90-133х8 3D F321","ШТ",2,3680.9,7361.8,"450063, г. Уфа, ПАО АНК \"Башнефть\" \"Башнефть-Новойл\""]
["Отводы","ПАО АНК \"Башнефть\" \"Башнефть-Новойл\"",5,269,"Отвод 90-159х4.5 Ст20 ГОСТ 17375т/о амм.","ШТ",1,850,850,"450063, г. Уфа, ПАО АНК \"Башнефть\" \"Башнефть-Новойл\""]
["Отводы","ПАО АНК \"Башнефть\" \"Башнефть-Новойл\"",5,270,"Отвод 90-168х12 3D F321","ШТ",2,8840,17680,"450063, г. Уфа, ПАО АНК \"Башнефть\" \"Башнефть-Новойл\""]
["Отводы","ПАО АНК \"Башнефть\" \"Башнефть-Новойл\"",5,271,"Отвод 90-325х16 3D F321","ШТ",7,48770,341390,"450063, г. Уфа, ПАО АНК \"Башнефть\" \"Башнефть-Новойл\""]
["Отводы","ПАО АНК \"Башнефть\" \"Башнефть-Новойл\"",5,272,"Отвод 90-325х16 3D F321","ШТ",7,48770,341390,"450063, г. Уфа, ПАО АНК \"Башнефть\" \"Башнефть-Новойл\""]
["Отводы","ПАО АНК \"Башнефть\" \"Башнефть-Новойл\"",5,273,"Отвод 90-325х16 3D F321","ШТ",7,48770,341390,"450063, г. Уфа, ПАО АНК \"Башнефть\" \"Башнефть-Новойл\""]
["Отводы","ПАО АНК \"Башнефть\" \"Башнефть-Новойл\"",5,274,"Отвод 90-325х16 3D F321","ШТ",7,48770,341390,"450063, г. Уфа, ПАО АНК \"Башнефть\" \"Башнефть-Новойл\""]
["Отводы","ПАО АНК \"Башнефть\" \"Башнефть-Новойл\"",5,275,"Отвод боковой ОБЛГ 100х65ц УТ1.5","ШТ",37,240,8880,"450063, г. Уфа, ПАО АНК \"Башнефть\" \"Башнефть-Новойл\""]
["Отводы","ПАО АНК \"Башнефть\" \"Башнефть-Новойл\"",5,276,"Отвод боковой ОБЛГ 100х65ц УТ1.5","ШТ",2,60,120,"450063, г. Уфа, ПАО АНК \"Башнефть\" \"Башнефть-Новойл\""]
["Отводы","ПАО АНК \"Башнефть\" \"Башнефть-Новойл\"",5,277,"Отвод боковой ОБЛГ 200х65ц УТ1.5","ШТ",10,330,3300,"450063, г. Уфа, ПАО АНК \"Башнефть\" \"Башнефть-Новойл\""]
["Отводы","ПАО АНК \"Башнефть\" \"Башнефть-Новойл\"",5,278,"Отвод П 45-108х6 08Х18Н10Т","ШТ",1,1160,1160,"450063, г. Уфа, ПАО АНК \"Башнефть\" \"Башнефть-Новойл\""]
["Отводы","ПАО АНК \"Башнефть\" \"Башнефть-Новойл\"",5,279,"Отвод П 45-219х8-15Х5М","ШТ",9,5030,45270,"450063, г. Уфа, ПАО АНК \"Башнефть\" \"Башнефть-Новойл\""]
["Отводы","ПАО АНК \"Башнефть\" \"Башнефть-Новойл\"",5,280,"Отвод П 45-89х8-12Х18Н10Т","ШТ",1,2390,2390,"450063, г. Уфа, ПАО АНК \"Башнефть\" \"Башнефть-Новойл\""]
["Отводы","ПАО АНК \"Башнефть\" \"Башнефть-Новойл\"",5,281,"Отвод П 45-89х8-12Х18Н10Т","ШТ",2,2580,5160,"450063, г. Уфа, ПАО АНК \"Башнефть\" \"Башнефть-Новойл\""]
["Отводы","ПАО АНК \"Башнефть\" \"Башнефть-Новойл\"",5,282,"Отвод П 60-108х6-08Х18Н10Т","ШТ",4,1520,6080,"450063, г. Уфа, ПАО АНК \"Башнефть\" \"Башнефть-Новойл\""]
["Отводы","ПАО АНК \"Башнефть\" \"Башнефть-Новойл\"",5,283,"Отвод П 60-108х6-12Х18Н10Т","ШТ",6,1520,9120,"450063, г. Уфа, ПАО АНК \"Башнефть\" \"Башнефть-Новойл\""]
["Отводы","ПАО АНК \"Башнефть\" \"Башнефть-Новойл\"",5,284,"Отвод П 60-159х8-15Х5М","ШТ",1,2870,2870,"450063, г. Уфа, ПАО АНК \"Башнефть\" \"Башнефть-Новойл\""]
["Отводы","ПАО АНК \"Башнефть\" \"Башнефть-Новойл\"",5,285,"Отвод П 60-89х6-12Х18Н10Т","ШТ",2,1760,3520,"450063, г. Уфа, ПАО АНК \"Башнефть\" \"Башнефть-Новойл\""]
["Отводы","ПАО АНК \"Башнефть\" \"Башнефть-Новойл\"",5,286,"Отвод П 90 168х12-12Х18Н10Т","ШТ",2,1180,2360,"450063, г. Уфа, ПАО АНК \"Башнефть\" \"Башнефть-Новойл\""]
["Отводы","ПАО АНК \"Башнефть\" \"Башнефть-Новойл\"",5,287,"Отвод П 90 45х4-12Х18Н10Т","ШТ",7,290,2030,"450063, г. Уфа, ПАО АНК \"Башнефть\" \"Башнефть-Новойл\""]
["Отводы","ПАО АНК \"Башнефть\" \"Башнефть-Новойл\"",5,288,"Отвод П 90-219х10-12Х1МФ","ШТ",2,14460,28920,"450063, г. Уфа, ПАО АНК \"Башнефть\" \"Башнефть-Новойл\""]
["Отводы","ПАО АНК \"Башнефть\" \"Башнефть-Новойл\"",5,289,"Отвод П180-127х10 15Х5М ТУ 26-02-836","ШТ",18,4510,81180,"450063, г. Уфа, ПАО АНК \"Башнефть\" \"Башнефть-Новойл\""]
["Отводы","ПАО АНК \"Башнефть\" \"Башнефть-Новойл\"",5,290,"Отвод П30 159Х8-09Г2С","ШТ",2,790,1580,"450063, г. Уфа, ПАО АНК \"Башнефть\" \"Башнефть-Новойл\""]
["Отводы","ПАО АНК \"Башнефть\" \"Башнефть-Новойл\"",5,291,"Отвод П45 377Х10-09Г2С","ШТ",4,6260,25040,"450063, г. Уфа, ПАО АНК \"Башнефть\" \"Башнефть-Новойл\""]
["Отводы","ПАО АНК \"Башнефть\" \"Башнефть-Новойл\"",5,292,"Отвод П45-219х5 Ст20 ГОСТ 17375","ШТ",1,1020,1020,"450063, г. Уфа, ПАО АНК \"Башнефть\" \"Башнефть-Новойл\""]
["Отводы","ПАО АНК \"Башнефть\" \"Башнефть-Новойл\"",5,293,"Отвод П45-57х5-15Х5М","ШТ",6,170,1020,"450063, г. Уфа, ПАО АНК \"Башнефть\" \"Башнефть-Новойл\""]
["Отводы","ПАО АНК \"Башнефть\" \"Башнефть-Новойл\"",5,294,"Отвод П45-76х6 Ст20 ГОСТ 17375","ШТ",1,210,210,"450063, г. Уфа, ПАО АНК \"Башнефть\" \"Башнефть-Новойл\""]
["Отводы","ПАО АНК \"Башнефть\" \"Башнефть-Новойл\"",5,295,"Отвод П45-89х6 08Х18Н10Т 1468-001-1719..","ШТ",1,960,960,"450063, г. Уфа, ПАО АНК \"Башнефть\" \"Башнефть-Новойл\""]
["Отводы","ПАО АНК \"Башнефть\" \"Башнефть-Новойл\"",5,296,"Отвод П45-89х6 15Х5М 1468-001-17192736","ШТ",2,430,860,"450063, г. Уфа, ПАО АНК \"Башнефть\" \"Башнефть-Новойл\""]
["Отводы","ПАО АНК \"Башнефть\" \"Башнефть-Новойл\"",5,297,"Отвод П60 159х8","ШТ",1,620,620,"450063, г. Уфа, ПАО АНК \"Башнефть\" \"Башнефть-Новойл\""]
["Отводы","ПАО АНК \"Башнефть\" \"Башнефть-Новойл\"",5,298,"Отвод П90 325х16","ШТ",1,7940,7940,"450063, г. Уфа, ПАО АНК \"Башнефть\" \"Башнефть-Новойл\""]
["Отводы","ПАО АНК \"Башнефть\" \"Башнефть-Новойл\"",5,299,"Отвод П90-102х10-08Х18Н10Т","ШТ",2,37700,75400,"450063, г. Уфа, ПАО АНК \"Башнефть\" \"Башнефть-Новойл\""]
["Отводы","ПАО АНК \"Башнефть\" \"Башнефть-Новойл\"",5,300,"Отвод П90-102х6 Ст20","ШТ",4,1360,5440,"450063, г. Уфа, ПАО АНК \"Башнефть\" \"Башнефть-Новойл\""]
["Отводы","ПАО АНК \"Башнефть\" \"Башнефть-Новойл\"",5,301,"Отвод П90-114х8 12Х18Н10Т 1468-120-141..","ШТ",20,490,9800,"450063, г. Уфа, ПАО АНК \"Башнефть\" \"Башнефть-Новойл\""]
["Отводы","ПАО АНК \"Башнефть\" \"Башнефть-Новойл\"",5,302,"Отвод П90-133х6 Ст20","ШТ",12,540,6480,"450063, г. Уфа, ПАО АНК \"Башнефть\" \"Башнефть-Новойл\""]
["Отводы","ПАО АНК \"Башнефть\" \"Башнефть-Новойл\"",5,303,"Отвод П90-159х4 20 ТУ1468-003-50725464","ШТ",27,30,810,"450063, г. Уфа, ПАО АНК \"Башнефть\" \"Башнефть-Новойл\""]
["Отводы","ПАО АНК \"Башнефть\" \"Башнефть-Новойл\"",5,304,"Отвод П90-168х8.5 л/сталь Л35-11/1000","ШТ",56,8230,460880,"450063, г. Уфа, ПАО АНК \"Башнефть\" \"Башнефть-Новойл\""]
["Отводы","ПАО АНК \"Башнефть\" \"Башнефть-Новойл\"",5,305,"Отвод П90-168х8.5 л/сталь Л35-11/1000","ШТ",2,8230,16460,"450063, г. Уфа, ПАО АНК \"Башнефть\" \"Башнефть-Новойл\""]
["Отводы","ПАО АНК \"Башнефть\" \"Башнефть-Новойл\"",5,306,"Отвод П90-168х8-1Х2М1","ШТ",6,6920,41520,"450063, г. Уфа, ПАО АНК \"Башнефть\" \"Башнефть-Новойл\""]
["Отводы","ПАО АНК \"Башнефть\" \"Башнефть-Новойл\"",5,307,"Отвод П90-273х30 15Х5М эск.23","ШТ",5,520,2600,"450063, г. Уфа, ПАО АНК \"Башнефть\" \"Башнефть-Новойл\""]
["Отводы","ПАО АНК \"Башнефть\" \"Башнефть-Новойл\"",5,308,"Отвод П90-76х4 Ст20 ГОСТ 12821","ШТ",6,150,900,"450063, г. Уфа, ПАО АНК \"Башнефть\" \"Башнефть-Новойл\""]
["Отводы","ПАО АНК \"Башнефть\" \"Башнефть-Новойл\"",5,309,"ОтводП180-219Х12 15Х5М 1468-001-17192736","ШТ",2,17180,34360,"450063, г. Уфа, ПАО АНК \"Башнефть\" \"Башнефть-Новойл\""]
["Отводы крупные","ПАО АНК \"Башнефть\" \"Башнефть-Новойл\"",6,310,"ОКБ 90-325х10(К40)-1,6-0,6-1,5DN-У","ШТ",8,14280,114240,"450063, г. Уфа, ПАО АНК \"Башнефть\" \"Башнефть-Новойл\""]
["Отводы крупные","ПАО АНК \"Башнефть\" \"Башнефть-Новойл\"",6,311,"ОКБ 90-530х12(К52)-1,6-0,6-1,5DN-ХЛ","ШТ",7,26800,187600,"450063, г. Уфа, ПАО АНК \"Башнефть\" \"Башнефть-Новойл\""]
["Отводы крупные","ПАО АНК \"Башнефть\" \"Башнефть-Новойл\"",6,312,"ОКБ 90-530х12(К52)-1,6-0,6-1,5DN-ХЛ","ШТ",2,26800,53600,"450063, г. Уфа, ПАО АНК \"Башнефть\" \"Башнефть-Новойл\""]
["Отводы крупные","ПАО АНК \"Башнефть\" \"Башнефть-Новойл\"",6,313,"Отвод 45 1020х10-20","ШТ",1,26460,26460,"450063, г. Уфа, ПАО АНК \"Башнефть\" \"Башнефть-Новойл\""]
["Отводы крупные","ПАО АНК \"Башнефть\" \"Башнефть-Новойл\"",6,314,"Отвод 45 1020х10-20","ШТ",9,26460,238140,"450063, г. Уфа, ПАО АНК \"Башнефть\" \"Башнефть-Новойл\""]
["Отводы крупные","ПАО АНК \"Башнефть\" \"Башнефть-Новойл\"",6,315,"Отвод 45-630х10 ВСт3пс","ШТ",2,10695.7,21391.4,"450063, г. Уфа, ПАО АНК \"Башнефть\" \"Башнефть-Новойл\""]
["Отводы крупные","ПАО АНК \"Башнефть\" \"Башнефть-Новойл\"",6,316,"Отвод 60 630х10","ШТ",1,17881,17881,"450063, г. Уфа, ПАО АНК \"Башнефть\" \"Башнефть-Новойл\""]
["Отводы крупные","ПАО АНК \"Башнефть\" \"Башнефть-Новойл\"",6,317,"Отвод 60 630х12-09Г2С","ШТ",1,28630,28630,"450063, г. Уфа, ПАО АНК \"Башнефть\" \"Башнефть-Новойл\""]
["Отводы крупные","ПАО АНК \"Башнефть\" \"Башнефть-Новойл\"",6,318,"Отвод 90 1020х10-20","ШТ",8,52921.599999999999,423372.79999999999,"450063, г. Уфа, ПАО АНК \"Башнефть\" \"Башнефть-Новойл\""]
["Отводы крупные","ПАО АНК \"Башнефть\" \"Башнефть-Новойл\"",6,319,"Отвод 90 1020х10-20","ШТ",2,52921.599999999999,105843.2,"450063, г. Уфа, ПАО АНК \"Башнефть\" \"Башнефть-Новойл\""]
["Отводы крупные","ПАО АНК \"Башнефть\" \"Башнефть-Новойл\"",6,320,"Отвод 90-325х11 3D F321","ШТ",7,33510,234570,"450063, г. Уфа, ПАО АНК \"Башнефть\" \"Башнефть-Новойл\""]
["Отводы крупные","ПАО АНК \"Башнефть\" \"Башнефть-Новойл\"",6,321,"Отвод 90-720х17-09Г2С","ШТ",3,93350,{"$f":"H325*G325","v":280050},"450063, г. Уфа, ПАО АНК \"Башнефть\" \"Башнефть-Новойл\""]
["Отводы крупные","ПАО АНК \"Башнефть\" \"Башнефть-Новойл\"",6,322,"Отвод 90-720х18-09Г2С","ШТ",10,103390,1033900,"450063, г. Уфа, ПАО АНК \"Башнефть\" \"Башнефть-Новойл\""]
["Отводы крупные","ПАО АНК \"Башнефть\" \"Башнефть-Новойл\"",6,323,"Отвод Ду1300 12ХМ","ШТ",1,331220,331220,"450063, г. Уфа, ПАО АНК \"Башнефть\" \"Башнефть-Новойл\""]
["Отводы крупные","ПАО АНК \"Башнефть\" \"Башнефть-Новойл\"",6,324,"Отвод Ду700 12ХМ М-09-59","ШТ",5,94840,474200,"450063, г. Уфа, ПАО АНК \"Башнефть\" \"Башнефть-Новойл\""]
["Отводы крупные","ПАО АНК \"Башнефть\" \"Башнефть-Новойл\"",6,325,"Отвод Ду800 12ХМ М-09-87","ШТ",3,152850,458550,"450063, г. Уфа, ПАО АНК \"Башнефть\" \"Башнефть-Новойл\""]
["Отводы крупные","ПАО АНК \"Башнефть\" \"Башнефть-Новойл\"",6,326,"Отвод Ду800 17Г1С М-09-88","ШТ",1,43430,43430,"450063, г. Уфа, ПАО АНК \"Башнефть\" \"Башнефть-Новойл\""]
["Отводы крупные","ПАО АНК \"Башнефть\" \"Башнефть-Новойл\"",6,327,"Отвод ОС 90-1220х14 09Г2С","ШТ",2,164200,328400,"450063, г. Уфа, ПАО АНК \"Башнефть\" \"Башнефть-Новойл\""]
["Отводы крупные","ПАО АНК \"Башнефть\" \"Башнефть-Новойл\"",6,328,"Отвод ОС 90-1220х14 09Г2С","ШТ",2,163970,327940,"450063, г. Уфа, ПАО АНК \"Башнефть\" \"Башнефть-Новойл\""]
["Отводы крупные","ПАО АНК \"Башнефть\" \"Башнефть-Новойл\"",6,329,"Отвод ОС 90-1220х20 15Х5М","ШТ",1,614730,614730,"450063, г. Уфа, ПАО АНК \"Башнефть\" \"Башнефть-Новойл\""]
["Отводы крупные","ПАО АНК \"Башнефть\" \"Башнефть-Новойл\"",6,330,"Отвод ОС 90-1220х20 15Х5М","ШТ",1,1450240,1450240,"450063, г. Уфа, ПАО АНК \"Башнефть\" \"Башнефть-Новойл\""]
["Отводы крупные","ПАО АНК \"Башнефть\" \"Башнефть-Новойл\"",6,331,"Отвод П 180-219х10-15Х5М","ШТ",7,12540,87780,"450063, г. Уфа, ПАО АНК \"Башнефть\" \"Башнефть-Новойл\""]
["Отводы крупные","ПАО АНК \"Башнефть\" \"Башнефть-Новойл\"",6,332,"Отвод П 45-325х12-12Х18Н10Т","ШТ",3,35440,106320,"450063, г. Уфа, ПАО АНК \"Башнефть\" \"Башнефть-Новойл\""]
["Отводы крупные","ПАО АНК \"Башнефть\" \"Башнефть-Новойл\"",6,333,"Отвод П 45-325х12-12Х18Н10Т","ШТ",2,33310,66620,"450063, г. Уфа, ПАО АНК \"Башнефть\" \"Башнефть-Новойл\""]
["Отводы крупные","ПАО АНК \"Башнефть\" \"Башнефть-Новойл\"",6,334,"Отвод П 90 325х18-15Х5М","ШТ",1,2753,2753,"450063, г. Уфа, ПАО АНК \"Башнефть\" \"Башнефть-Новойл\""]
["Отводы крупные","ПАО АНК \"Башнефть\" \"Башнефть-Новойл\"",6,335,"Отвод П 90-630х28хD-12Х1МФ","ШТ",4,147420,589680,"450063, г. Уфа, ПАО АНК \"Башнефть\" \"Башнефть-Новойл\""]
["Отводы крупные","ПАО АНК \"Башнефть\" \"Башнефть-Новойл\"",6,336,"Отвод П 90-720х14-08Х18Н10Т","ШТ",3,213810,641430,"450063, г. Уфа, ПАО АНК \"Башнефть\" \"Башнефть-Новойл\""]
["Отводы крупные","ПАО АНК \"Башнефть\" \"Башнефть-Новойл\"",6,337,"Отвод П45 377х9-20А","ШТ",2,5420,10840,"450063, г. Уфа, ПАО АНК \"Башнефть\" \"Башнефть-Новойл\""]
["Отводы крупные","ПАО АНК \"Башнефть\" \"Башнефть-Новойл\"",6,338,"Отвод П45 630х9 ВСт3пс","ШТ",8,26940,215520,"450063, г. Уфа, ПАО АНК \"Башнефть\" \"Башнефть-Новойл\""]
["Отводы крупные","ПАО АНК \"Башнефть\" \"Башнефть-Новойл\"",6,339,"Отвод П45-325х10-08Х18Н10Т","ШТ",1,19030,19030,"450063, г. Уфа, ПАО АНК \"Башнефть\" \"Башнефть-Новойл\""]
["Отводы крупные","ПАО АНК \"Башнефть\" \"Башнефть-Новойл\"",6,340,"Отвод П45-377х10 12Х18Н10Т ТУ 1468-001","ШТ",1,32270,32270,"450063, г. Уфа, ПАО АНК \"Башнефть\" \"Башнефть-Новойл\""]
["Отводы крупные","ПАО АНК \"Башнефть\" \"Башнефть-Новойл\"",6,341,"Отвод П45-377х10 12Х18Н10Т ТУ 1468-001","ШТ",1,29420,29420,"450063, г. Уфа, ПАО АНК \"Башнефть\" \"Башнефть-Новойл\""]
["Отводы крупные","ПАО АНК \"Башнефть\" \"Башнефть-Новойл\"",6,342,"Отвод П45-530х12 15Х5М","ШТ",1,41920,41920,"450063, г. Уфа, ПАО АНК \"Башнефть\" \"Башнефть-Новойл\""]
["Отводы крупные","ПАО АНК \"Башнефть\" \"Башнефть-Новойл\"",6,343,"Отвод П45-630х28 12Х1МФ","ШТ",1,112520,112520,"450063, г. Уфа, ПАО АНК \"Башнефть\" \"Башнефть-Новойл\""]
["Отводы крупные","ПАО АНК \"Башнефть\" \"Башнефть-Новойл\"",6,344,"Отвод П45-720х18 09Г2С","ШТ",2,123540,247080,"450063, г. Уфа, ПАО АНК \"Башнефть\" \"Башнефть-Новойл\""]
["Отводы крупные","ПАО АНК \"Башнефть\" \"Башнефть-Новойл\"",6,345,"Отвод П45-820х10 Ст3сп (К42)","ШТ",1,51890,51890,"450063, г. Уфа, ПАО АНК \"Башнефть\" \"Башнефть-Новойл\""]
["Отводы крупные","ПАО АНК \"Башнефть\" \"Башнефть-Новойл\"",6,346,"Отвод П60-530х9 Ст20","ШТ",2,9580,19160,"450063, г. Уфа, ПАО АНК \"Башнефть\" \"Башнефть-Новойл\""]
["Отводы крупные","ПАО АНК \"Башнефть\" \"Башнефть-Новойл\"",6,347,"Отвод П90 720х13","ШТ",1,103530,103530,"450063, г. Уфа, ПАО АНК \"Башнефть\" \"Башнефть-Новойл\""]
["Отводы крупные","ПАО АНК \"Башнефть\" \"Башнефть-Новойл\"",6,348,"Отвод П90-530х32 Ст20 эск.14","ШТ",3,10640,31920,"450063, г. Уфа, ПАО АНК \"Башнефть\" \"Башнефть-Новойл\""]
["Отводы крупные","ПАО АНК \"Башнефть\" \"Башнефть-Новойл\"",6,349,"Отвод П90-630х28 12Х1МФ","ШТ",1,240590,240590,"450063, г. Уфа, ПАО АНК \"Башнефть\" \"Башнефть-Новойл\""]
["Отводы крупные","ПАО АНК \"Башнефть\" \"Башнефть-Новойл\"",6,350,"Отвод П90-720х18 09Г2С","ШТ",4,123540,494160,"450063, г. Уфа, ПАО АНК \"Башнефть\" \"Башнефть-Новойл\""]
["Отводы крупные","ПАО АНК \"Башнефть\" \"Башнефть-Новойл\"",6,351,"Отвод секторный 45 1000х8 17Г1С М-09-95","ШТ",2,71270,142540,"450063, г. Уфа, ПАО АНК \"Башнефть\" \"Башнефть-Новойл\""]
["Отводы крупные","ПАО АНК \"Башнефть\" \"Башнефть-Новойл\"",6,352,"Отвод секторный 45 900х8 17Г1С М-09-98","ШТ",1,22260,22260,"450063, г. Уфа, ПАО АНК \"Башнефть\" \"Башнефть-Новойл\""]
["Отводы крупные","ПАО АНК \"Башнефть\" \"Башнефть-Новойл\"",6,353,"Отвод секторный 90 1000х8 17Г1С М-09-91","ШТ",3,172100,516300,"450063, г. Уфа, ПАО АНК \"Башнефть\" \"Башнефть-Новойл\""]
["Отводы крупные","ПАО АНК \"Башнефть\" \"Башнефть-Новойл\"",6,354,"Отвод секторный 90 1000х8 17Г1С М-09-91","ШТ",3,172100,516300,"450063, г. Уфа, ПАО АНК \"Башнефть\" \"Башнефть-Новойл\""]
["Отводы крупные","ПАО АНК \"Башнефть\" \"Башнефть-Новойл\"",6,355,"Отвод секторный 90 300х8 17Г1С М-09-90","ШТ",8,7110,56880,"450063, г. Уфа, ПАО АНК \"Башнефть\" \"Башнефть-Новойл\""]
["Отводы крупные","ПАО АНК \"Башнефть\" \"Башнефть-Новойл\"",6,356,"Отвод секторный 90 900х8 17Г1С М-09-93","ШТ",2,146750,293500,"450063, г. Уфа, ПАО АНК \"Башнефть\" \"Башнефть-Новойл\""]
["Отводы крупные","ПАО АНК \"Башнефть\" \"Башнефть-Новойл\"",6,357,"Отвод секторный 90 900х8 17Г1С М-09-93","ШТ",1,146750,146750,"450063, г. Уфа, ПАО АНК \"Башнефть\" \"Башнефть-Новойл\""]
["Отводы крупные","ПАО АНК \"Башнефть\" \"Башнефть-Новойл\"",6,358,"Отвод секторный Ду1300 12ХМ М-09-60","ШТ",1,397330,397330,"450063, г. Уфа, ПАО АНК \"Башнефть\" \"Башнефть-Новойл\""]
["Отводы крупные","ПАО АНК \"Башнефть\" \"Башнефть-Новойл\"",6,359,"Отвод секторный Ду900 17Г1С М-09-65","ШТ",2,139830,279660,"450063, г. Уфа, ПАО АНК \"Башнефть\" \"Башнефть-Новойл\""]
["Отводы крупные","ПАО АНК \"Башнефть\" \"Башнефть-Новойл\"",6,360,"Отвод секторный Ду900 17Г1С М-09-94","ШТ",2,60890,121780,"450063, г. Уфа, ПАО АНК \"Башнефть\" \"Башнефть-Новойл\""]
["Отводы крупные","ПАО АНК \"Башнефть\" \"Башнефть-Новойл\"",6,361,"Отвод фл. 90 1320х1320х8 17Г1С М-09-115","ШТ",1,42530,42530,"450063, г. Уфа, ПАО АНК \"Башнефть\" \"Башнефть-Новойл\""]
["Переходы","ПАО АНК \"Башнефть\" \"Башнефть-Новойл\"",7,362,"Перех.ПК89х6-57х4 12Х18Н10Т","ШТ",37,10,370,"450063, г. Уфа, ПАО АНК \"Башнефть\" \"Башнефть-Новойл\""]
["Переходы","ПАО АНК \"Башнефть\" \"Башнефть-Новойл\"",7,363,"Перех.ПК89х6-57х4 12Х18Н10Т","ШТ",290,10,2900,"450063, г. Уфа, ПАО АНК \"Башнефть\" \"Башнефть-Новойл\""]
["Переходы","ПАО АНК \"Башнефть\" \"Башнефть-Новойл\"",7,364,"Перех.ПК89х6-57х4 12Х18Н10Т","ШТ",6,10,60,"450063, г. Уфа, ПАО АНК \"Башнефть\" \"Башнефть-Новойл\""]
["Переходы","ПАО АНК \"Башнефть\" \"Башнефть-Новойл\"",7,365,"Переход 05766528-У6.0612-3039-ТХ4-002","ШТ",1,200,200,"450063, г. Уфа, ПАО АНК \"Башнефть\" \"Башнефть-Новойл\""]
["Переходы","ПАО АНК \"Башнефть\" \"Башнефть-Новойл\"",7,366,"Переход 114х5-108х5 10Х17М13М2Т","ШТ",2,11800,23600,"450063, г. Уфа, ПАО АНК \"Башнефть\" \"Башнефть-Новойл\""]
["Переходы","ПАО АНК \"Башнефть\" \"Башнефть-Новойл\"",7,367,"Переход 12Х18Н10Т","ШТ",1,100,100,"450063, г. Уфа, ПАО АНК \"Башнефть\" \"Башнефть-Новойл\""]
["Переходы","ПАО АНК \"Башнефть\" \"Башнефть-Новойл\"",7,368,"Переход 1420х8-914х8 17Г1С М-09-62","ШТ",1,18680,18680,"450063, г. Уфа, ПАО АНК \"Башнефть\" \"Башнефть-Новойл\""]
["Переходы","ПАО АНК \"Башнефть\" \"Башнефть-Новойл\"",7,369,"Переход 15х10 Ст20","ШТ",9,160,1440,"450063, г. Уфа, ПАО АНК \"Башнефть\" \"Башнефть-Новойл\""]
["Переходы","ПАО АНК \"Башнефть\" \"Башнефть-Новойл\"",7,370,"Переход 168-159 15Х5М ч.0118.01.00.000ВО","ШТ",1,19300,19300,"450063, г. Уфа, ПАО АНК \"Башнефть\" \"Башнефть-Новойл\""]
["Переходы","ПАО АНК \"Башнефть\" \"Башнефть-Новойл\"",7,371,"Переход 2-100х40-3-80х40 ч.7441-10","ШТ",1,29340,29340,"450063, г. Уфа, ПАО АНК \"Башнефть\" \"Башнефть-Новойл\""]
["Переходы","ПАО АНК \"Башнефть\" \"Башнефть-Новойл\"",7,372,"Переход 2-100Х40-3-80Х40 ч.744210","ШТ",1,15880,15880,"450063, г. Уфа, ПАО АНК \"Башнефть\" \"Башнефть-Новойл\""]
["Переходы","ПАО АНК \"Башнефть\" \"Башнефть-Новойл\"",7,373,"Переход 22х18 Ст20","ШТ",36,120,4320,"450063, г. Уфа, ПАО АНК \"Башнефть\" \"Башнефть-Новойл\""]
["Переходы","ПАО АНК \"Башнефть\" \"Башнефть-Новойл\"",7,374,"Переход 2-50х25-3-50х40 ч.7445-10","ШТ",1,13470,13470,"450063, г. Уфа, ПАО АНК \"Башнефть\" \"Башнефть-Новойл\""]
["Переходы","ПАО АНК \"Башнефть\" \"Башнефть-Новойл\"",7,375,"Переход 25х3.5-18х3 Ст20","ШТ",8,160,1280,"450063, г. Уфа, ПАО АНК \"Башнефть\" \"Башнефть-Новойл\""]
["Переходы","ПАО АНК \"Башнефть\" \"Башнефть-Новойл\"",7,376,"Переход 25х3.5-18х3.0 09Г2С М-09-67","ШТ",4,180,720,"450063, г. Уфа, ПАО АНК \"Башнефть\" \"Башнефть-Новойл\""]
["Переходы","ПАО АНК \"Башнефть\" \"Башнефть-Новойл\"",7,377,"Переход 25х3.5-18х3.5 06ХН28МДТ М-09-17","ШТ",12,2430,29160,"450063, г. Уфа, ПАО АНК \"Башнефть\" \"Башнефть-Новойл\""]
["Переходы","ПАО АНК \"Башнефть\" \"Башнефть-Новойл\"",7,378,"Переход 2-80х40-3-80х40 ч.7443-10","ШТ",1,25840,25840,"450063, г. Уфа, ПАО АНК \"Башнефть\" \"Башнефть-Новойл\""]
["Переходы","ПАО АНК \"Башнефть\" \"Башнефть-Новойл\"",7,379,"Переход 32х3.5-21х3 Ст20 М-08-61","ШТ",4,70,280,"450063, г. Уфа, ПАО АНК \"Башнефть\" \"Башнефть-Новойл\""]
["Переходы","ПАО АНК \"Башнефть\" \"Башнефть-Новойл\"",7,380,"Переход 4-300х25-1-250х16","ШТ",1,157410,157410,"450063, г. Уфа, ПАО АНК \"Башнефть\" \"Башнефть-Новойл\""]
["Переходы","ПАО АНК \"Башнефть\" \"Башнефть-Новойл\"",7,381,"Переход 50х15 Ст20","ШТ",6,2380,14280,"450063, г. Уфа, ПАО АНК \"Башнефть\" \"Башнефть-Новойл\""]
["Переходы","ПАО АНК \"Башнефть\" \"Башнефть-Новойл\"",7,382,"Переход 5766561-У5114-8002-ТХ3","ШТ",1,24530,24530,"450063, г. Уфа, ПАО АНК \"Башнефть\" \"Башнефть-Новойл\""]
["Переходы","ПАО АНК \"Башнефть\" \"Башнефть-Новойл\"",7,383,"Переход 5766561-У5114-8002-ТХ3","ШТ",1,24530,24530,"450063, г. Уфа, ПАО АНК \"Башнефть\" \"Башнефть-Новойл\""]
["Переходы","ПАО АНК \"Башнефть\" \"Башнефть-Новойл\"",7,384,"Переход 700х700-400 Ст17Г1С","ШТ",1,15260,15260,"450063, г. Уфа, ПАО АНК \"Башнефть\" \"Башнефть-Новойл\""]
["Переходы","ПАО АНК \"Башнефть\" \"Башнефть-Новойл\"",7,385,"Переход 914х8-813х8 Н-600мм 09Г2С","ШТ",1,38740,{"$f":"H389*G389","v":38740},"450063, г. Уфа, ПАО АНК \"Башнефть\" \"Башнефть-Новойл\""]
["Переходы","ПАО АНК \"Башнефть\" \"Башнефть-Новойл\"",7,386,"Переход К 108Х6-76Х5-09Г2С","ШТ",1,240,240,"450063, г. Уфа, ПАО АНК \"Башнефть\" \"Башнефть-Новойл\""]
["Переходы","ПАО АНК \"Башнефть\" \"Башнефть-Новойл\"",7,387,"Переход К 426Х16-219Х10-09Г2С","ШТ",2,10180,20360,"450063, г. Уфа, ПАО АНК \"Башнефть\" \"Башнефть-Новойл\""]
["Переходы","ПАО АНК \"Башнефть\" \"Башнефть-Новойл\"",7,388,"Переход К 530х325х8 Ст3сп","ШТ",1,13430,13430,"450063, г. Уфа, ПАО АНК \"Башнефть\" \"Башнефть-Новойл\""]
["Переходы","ПАО АНК \"Башнефть\" \"Башнефть-Новойл\"",7,389,"Переход К 630х28-426х28-15Х1М1Ф","ШТ",2,74330,148660,"450063, г. Уфа, ПАО АНК \"Башнефть\" \"Башнефть-Новойл\""]
["Переходы","ПАО АНК \"Башнефть\" \"Башнефть-Новойл\"",7,390,"Переход К 89х6-45х4-15Х5М","ШТ",1,950,950,"450063, г. Уфа, ПАО АНК \"Башнефть\" \"Башнефть-Новойл\""]
["Переходы","ПАО АНК \"Башнефть\" \"Башнефть-Новойл\"",7,391,"Переход К15х10 ч.У-II-59-2366","ШТ",3,130,390,"450063, г. Уфа, ПАО АНК \"Башнефть\" \"Башнефть-Новойл\""]
["Переходы","ПАО АНК \"Башнефть\" \"Башнефть-Новойл\"",7,392,"Переход К20х15-01 Ст20 У-II-59-2366","ШТ",3,160,480,"450063, г. Уфа, ПАО АНК \"Башнефть\" \"Башнефть-Новойл\""]
["Переходы","ПАО АНК \"Башнефть\" \"Башнефть-Новойл\"",7,393,"Переход К20х15-06 Ст20","ШТ",14,200,2800,"450063, г. Уфа, ПАО АНК \"Башнефть\" \"Башнефть-Новойл\""]
["Переходы","ПАО АНК \"Башнефть\" \"Башнефть-Новойл\"",7,394,"Переход К20х15-07 Ст20","ШТ",4,340,1360,"450063, г. Уфа, ПАО АНК \"Башнефть\" \"Башнефть-Новойл\""]
["Переходы","ПАО АНК \"Башнефть\" \"Башнефть-Новойл\"",7,395,"Переход К20х15-08 Ст20","ШТ",6,310,1860,"450063, г. Уфа, ПАО АНК \"Башнефть\" \"Башнефть-Новойл\""]
["Переходы","ПАО АНК \"Башнефть\" \"Башнефть-Новойл\"",7,396,"Переход К25х15 Ст20","ШТ",1,190,190,"450063, г. Уфа, ПАО АНК \"Башнефть\" \"Башнефть-Новойл\""]
["Переходы","ПАО АНК \"Башнефть\" \"Башнефть-Новойл\"",7,397,"Переход К32х3.5-18х3.5 09Г2С М-08-44","ШТ",1,220,220,"450063, г. Уфа, ПАО АНК \"Башнефть\" \"Башнефть-Новойл\""]
["Переходы","ПАО АНК \"Башнефть\" \"Башнефть-Новойл\"",7,398,"Переход К32х3.6-21.3х3.2 09Г2С","ШТ",1,2640,2640,"450063, г. Уфа, ПАО АНК \"Башнефть\" \"Башнефть-Новойл\""]
["Переходы","ПАО АНК \"Башнефть\" \"Башнефть-Новойл\"",7,399,"Переход КПС 800х600-2,5 09Г2С","ШТ",1,25210,25210,"450063, г. Уфа, ПАО АНК \"Башнефть\" \"Башнефть-Новойл\""]
["Переходы","ПАО АНК \"Башнефть\" \"Башнефть-Новойл\"",7,400,"Переход П К 133х8-108х6-15Х5М","ШТ",4,1350,5400,"450063, г. Уфа, ПАО АНК \"Башнефть\" \"Башнефть-Новойл\""]
["Переходы","ПАО АНК \"Башнефть\" \"Башнефть-Новойл\"",7,401,"Переход П К 133х8-108х6-15Х5М","ШТ",6,1470,8820,"450063, г. Уфа, ПАО АНК \"Башнефть\" \"Башнефть-Новойл\""]
["Переходы","ПАО АНК \"Башнефть\" \"Башнефть-Новойл\"",7,402,"Переход П К 133х8-89х4,5-12Х18Н10Т","ШТ",6,40,240,"450063, г. Уфа, ПАО АНК \"Башнефть\" \"Башнефть-Новойл\""]
["Переходы","ПАО АНК \"Башнефть\" \"Башнефть-Новойл\"",7,403,"Переход П К 159х10-152х9-08Х18Н10Т","ШТ",2,2370,4740,"450063, г. Уфа, ПАО АНК \"Башнефть\" \"Башнефть-Новойл\""]
["Переходы","ПАО АНК \"Башнефть\" \"Башнефть-Новойл\"",7,404,"Переход П К 159х10-152х9-08Х18Н10Т","ШТ",1,2370,2370,"450063, г. Уфа, ПАО АНК \"Башнефть\" \"Башнефть-Новойл\""]
["Переходы","ПАО АНК \"Башнефть\" \"Башнефть-Новойл\"",7,405,"Переход П К 159х12-133х12","ШТ",19,150,2850,"450063, г. Уфа, ПАО АНК \"Башнефть\" \"Башнефть-Новойл\""]
["Переходы","ПАО АНК \"Башнефть\" \"Башнефть-Новойл\"",7,406,"Переход П К 159х6-133х5","ШТ",1,430,430,"450063, г. Уфа, ПАО АНК \"Башнефть\" \"Башнефть-Новойл\""]
["Переходы","ПАО АНК \"Башнефть\" \"Башнефть-Новойл\"",7,407,"Переход П К 15х4-10х4-12Х18Н10Т","ШТ",18,100,1800,"450063, г. Уфа, ПАО АНК \"Башнефть\" \"Башнефть-Новойл\""]
["Переходы","ПАО АНК \"Башнефть\" \"Башнефть-Новойл\"",7,408,"Переход П К 219х14-159х12-15Х5М","ШТ",7,2890,20230,"450063, г. Уфа, ПАО АНК \"Башнефть\" \"Башнефть-Новойл\""]
["Переходы","ПАО АНК \"Башнефть\" \"Башнефть-Новойл\"",7,409,"Переход П К 219х14-89х6","ШТ",2,3070,6140,"450063, г. Уфа, ПАО АНК \"Башнефть\" \"Башнефть-Новойл\""]
["Переходы","ПАО АНК \"Башнефть\" \"Башнефть-Новойл\"",7,410,"Переход П К 273х8-219х8-12Х18Н10Т","ШТ",4,90,360,"450063, г. Уфа, ПАО АНК \"Башнефть\" \"Башнефть-Новойл\""]
["Переходы","ПАО АНК \"Башнефть\" \"Башнефть-Новойл\"",7,411,"Переход П К 273х8-219х8-12Х18Н10Т","ШТ",1,90,90,"450063, г. Уфа, ПАО АНК \"Башнефть\" \"Башнефть-Новойл\""]
["Переходы","ПАО АНК \"Башнефть\" \"Башнефть-Новойл\"",7,412,"Переход П К 325х10-159х10","ШТ",1,1450,1450,"450063, г. Уфа, ПАО АНК \"Башнефть\" \"Башнефть-Новойл\""]
["Переходы","ПАО АНК \"Башнефть\" \"Башнефть-Новойл\"",7,413,"Переход П К 325х10-159х8","ШТ",7,1290,9030,"450063, г. Уфа, ПАО АНК \"Башнефть\" \"Башнефть-Новойл\""]
["Переходы","ПАО АНК \"Башнефть\" \"Башнефть-Новойл\"",7,414,"Переход П К 325х12-108х6","ШТ",4,1330,5320,"450063, г. Уфа, ПАО АНК \"Башнефть\" \"Башнефть-Новойл\""]
["Переходы","ПАО АНК \"Башнефть\" \"Башнефть-Новойл\"",7,415,"Переход П К 325Х12-108Х6-09Г2С","ШТ",2,1270,2540,"450063, г. Уфа, ПАО АНК \"Башнефть\" \"Башнефть-Новойл\""]
["Переходы","ПАО АНК \"Башнефть\" \"Башнефть-Новойл\"",7,416,"Переход П К 325Х12-108Х6-09Г2С","ШТ",1,1270,1270,"450063, г. Уфа, ПАО АНК \"Башнефть\" \"Башнефть-Новойл\""]
["Переходы","ПАО АНК \"Башнефть\" \"Башнефть-Новойл\"",7,417,"Переход П К 325х12-219х10-12Х18Н10Т","ШТ",3,7950,23850,"450063, г. Уфа, ПАО АНК \"Башнефть\" \"Башнефть-Новойл\""]
["Переходы","ПАО АНК \"Башнефть\" \"Башнефть-Новойл\"",7,418,"Переход П К 325х12-219х10-12Х18Н10Т","ШТ",1,7950,7950,"450063, г. Уфа, ПАО АНК \"Башнефть\" \"Башнефть-Новойл\""]
["Переходы","ПАО АНК \"Башнефть\" \"Башнефть-Новойл\"",7,419,"Переход П К 325х12-273х10-09Г2С","ШТ",16,10,160,"450063, г. Уфа, ПАО АНК \"Башнефть\" \"Башнефть-Новойл\""]
["Переходы","ПАО АНК \"Башнефть\" \"Башнефть-Новойл\"",7,420,"Переход П К 325х12-273х10-09Г2С","ШТ",1,10,10,"450063, г. Уфа, ПАО АНК \"Башнефть\" \"Башнефть-Новойл\""]
["Переходы","ПАО АНК \"Башнефть\" \"Башнефть-Новойл\"",7,421,"Переход П К 325х12-273х10-12Х18Н10Т","ШТ",2,20,40,"450063, г. Уфа, ПАО АНК \"Башнефть\" \"Башнефть-Новойл\""]
["Переходы","ПАО АНК \"Башнефть\" \"Башнефть-Новойл\"",7,422,"Переход П К 325х12-273х10-12Х18Н10Т","ШТ",2,20,40,"450063, г. Уфа, ПАО АНК \"Башнефть\" \"Башнефть-Новойл\""]
["Переходы","ПАО АНК \"Башнефть\" \"Башнефть-Новойл\"",7,423,"Переход П К 325х14-108х6","ШТ",1,1250,1250,"450063, г. Уфа, ПАО АНК \"Башнефть\" \"Башнефть-Новойл\""]
["Переходы","ПАО АНК \"Башнефть\" \"Башнефть-Новойл\"",7,424,"Переход П К 325х16-159х10-09Г2С","ШТ",12,1400,16800,"450063, г. Уфа, ПАО АНК \"Башнефть\" \"Башнефть-Новойл\""]
["Переходы","ПАО АНК \"Башнефть\" \"Башнефть-Новойл\"",7,425,"Переход П К 377х16-108х6-09Г2С","ШТ",1,5620,5620,"450063, г. Уфа, ПАО АНК \"Башнефть\" \"Башнефть-Новойл\""]
["Переходы","ПАО АНК \"Башнефть\" \"Башнефть-Новойл\"",7,426,"Переход П К 377х16-89х6-09Г2С","ШТ",1,4890,4890,"450063, г. Уфа, ПАО АНК \"Башнефть\" \"Башнефть-Новойл\""]
["Переходы","ПАО АНК \"Башнефть\" \"Башнефть-Новойл\"",7,427,"Переход П К 426Х14-377Х14","ШТ",3,4360,13080,"450063, г. Уфа, ПАО АНК \"Башнефть\" \"Башнефть-Новойл\""]
["Переходы","ПАО АНК \"Башнефть\" \"Башнефть-Новойл\"",7,428,"Переход П К 426х16-219х10","ШТ",2,14790,29580,"450063, г. Уфа, ПАО АНК \"Башнефть\" \"Башнефть-Новойл\""]
["Переходы","ПАО АНК \"Башнефть\" \"Башнефть-Новойл\"",7,429,"Переход П К 426х9-325х9-15Х5М","ШТ",2,3120,6240,"450063, г. Уфа, ПАО АНК \"Башнефть\" \"Башнефть-Новойл\""]
["Переходы","ПАО АНК \"Башнефть\" \"Башнефть-Новойл\"",7,430,"Переход П К 426х9-325х9-15Х5М","ШТ",1,3120,3120,"450063, г. Уфа, ПАО АНК \"Башнефть\" \"Башнефть-Новойл\""]
["Переходы","ПАО АНК \"Башнефть\" \"Башнефть-Новойл\"",7,431,"Переход П К 45х4-25х4-08Х18Н10Т","ШТ",1,730,730,"450063, г. Уфа, ПАО АНК \"Башнефть\" \"Башнефть-Новойл\""]
["Переходы","ПАО АНК \"Башнефть\" \"Башнефть-Новойл\"",7,432,"Переход П К 45х4-25х4-08Х18Н10Т","ШТ",4,730,2920,"450063, г. Уфа, ПАО АНК \"Башнефть\" \"Башнефть-Новойл\""]
["Переходы","ПАО АНК \"Башнефть\" \"Башнефть-Новойл\"",7,433,"Переход П К 520х12-426х12","ШТ",2,2960,5920,"450063, г. Уфа, ПАО АНК \"Башнефть\" \"Башнефть-Новойл\""]
["Переходы","ПАО АНК \"Башнефть\" \"Башнефть-Новойл\"",7,434,"Переход П К 520х12-426х12","ШТ",3,2100,6300,"450063, г. Уфа, ПАО АНК \"Башнефть\" \"Башнефть-Новойл\""]
["Переходы","ПАО АНК \"Башнефть\" \"Башнефть-Новойл\"",7,435,"Переход П К 625х12-530х12","ШТ",2,1050,2100,"450063, г. Уфа, ПАО АНК \"Башнефть\" \"Башнефть-Новойл\""]
["Переходы","ПАО АНК \"Башнефть\" \"Башнефть-Новойл\"",7,436,"Переход П К 89х5-76х5-12Х18Н10Т","ШТ",2,560,1120,"450063, г. Уфа, ПАО АНК \"Башнефть\" \"Башнефть-Новойл\""]
["Переходы","ПАО АНК \"Башнефть\" \"Башнефть-Новойл\"",7,437,"Переход П К 89х6-76х5-08Х18Н10Т","ШТ",2,1070,2140,"450063, г. Уфа, ПАО АНК \"Башнефть\" \"Башнефть-Новойл\""]
["Переходы","ПАО АНК \"Башнефть\" \"Башнефть-Новойл\"",7,438,"Переход П К 89х6-76х5-15Х5М","ШТ",2,1290,2580,"450063, г. Уфа, ПАО АНК \"Башнефть\" \"Башнефть-Новойл\""]
["Переходы","ПАО АНК \"Башнефть\" \"Башнефть-Новойл\"",7,439,"Переход П К 89х6-76х6-12Х18Н10Т","ШТ",88,10,880,"450063, г. Уфа, ПАО АНК \"Башнефть\" \"Башнефть-Новойл\""]
["Переходы","ПАО АНК \"Башнефть\" \"Башнефть-Новойл\"",7,440,"Переход П К-57х5-38х3-10Х17Н13М2Т","ШТ",1,570,570,"450063, г. Уфа, ПАО АНК \"Башнефть\" \"Башнефть-Новойл\""]
["Переходы","ПАО АНК \"Башнефть\" \"Башнефть-Новойл\"",7,441,"Переход П Э 108х6-76х5","ШТ",1,310,310,"450063, г. Уфа, ПАО АНК \"Башнефть\" \"Башнефть-Новойл\""]
["Переходы","ПАО АНК \"Башнефть\" \"Башнефть-Новойл\"",7,442,"Переход П Э 108х8-76х6","ШТ",2,420,840,"450063, г. Уфа, ПАО АНК \"Башнефть\" \"Башнефть-Новойл\""]
["Переходы","ПАО АНК \"Башнефть\" \"Башнефть-Новойл\"",7,443,"Переход П Э 108х8-76х6","ШТ",2,420,840,"450063, г. Уфа, ПАО АНК \"Башнефть\" \"Башнефть-Новойл\""]
["Переходы","ПАО АНК \"Башнефть\" \"Башнефть-Новойл\"",7,444,"Переход П Э 159Х4,5-89Х3,5-09Г2С","ШТ",17,60,1020,"450063, г. Уфа, ПАО АНК \"Башнефть\" \"Башнефть-Новойл\""]
["Переходы","ПАО АНК \"Башнефть\" \"Башнефть-Новойл\"",7,445,"Переход П Э 159х7-108х6","ШТ",55,10,550,"450063, г. Уфа, ПАО АНК \"Башнефть\" \"Башнефть-Новойл\""]
["Переходы","ПАО АНК \"Башнефть\" \"Башнефть-Новойл\"",7,446,"Переход П Э 219х10-114х6","ШТ",3,5090,15270,"450063, г. Уфа, ПАО АНК \"Башнефть\" \"Башнефть-Новойл\""]
["Переходы","ПАО АНК \"Башнефть\" \"Башнефть-Новойл\"",7,447,"Переход П Э 219х10-159х8-12Х18Н10Т","ШТ",2,13030,26060,"450063, г. Уфа, ПАО АНК \"Башнефть\" \"Башнефть-Новойл\""]
["Переходы","ПАО АНК \"Башнефть\" \"Башнефть-Новойл\"",7,448,"Переход П Э 219Х10-57Х4-09Г2С","ШТ",1,5000,5000,"450063, г. Уфа, ПАО АНК \"Башнефть\" \"Башнефть-Новойл\""]
["Переходы","ПАО АНК \"Башнефть\" \"Башнефть-Новойл\"",7,449,"Переход П Э 273х10-219х8-15Х5М","ШТ",1,7260,{"$f":"H453*G453","v":7260},"450063, г. Уфа, ПАО АНК \"Башнефть\" \"Башнефть-Новойл\""]
["Переходы","ПАО АНК \"Башнефть\" \"Башнефть-Новойл\"",7,450,"Переход П Э 273х12-159х10-15Х5М","ШТ",2,22360,44720,"450063, г. Уфа, ПАО АНК \"Башнефть\" \"Башнефть-Новойл\""]
["Переходы","ПАО АНК \"Башнефть\" \"Башнефть-Новойл\"",7,451,"Переход П Э 720х10-273х10","ШТ",1,450,450,"450063, г. Уфа, ПАО АНК \"Башнефть\" \"Башнефть-Новойл\""]
["Переходы","ПАО АНК \"Башнефть\" \"Башнефть-Новойл\"",7,452,"Переход П Э-159х8-76х6","ШТ",5,2540,12700,"450063, г. Уфа, ПАО АНК \"Башнефть\" \"Башнефть-Новойл\""]
["Переходы","ПАО АНК \"Башнефть\" \"Башнефть-Новойл\"",7,453,"Переход ПК 133Х8-108Х6-15Х5М","ШТ",1,750,750,"450063, г. Уфа, ПАО АНК \"Башнефть\" \"Башнефть-Новойл\""]
["Переходы","ПАО АНК \"Башнефть\" \"Башнефть-Новойл\"",7,454,"Переход ПК 159х8-133х8-08Х18Н10Т","ШТ",3,5220,15660,"450063, г. Уфа, ПАО АНК \"Башнефть\" \"Башнефть-Новойл\""]
["Переходы","ПАО АНК \"Башнефть\" \"Башнефть-Новойл\"",7,455,"Переход ПК 377х18-325х14-15Х5М","ШТ",1,21090,21090,"450063, г. Уфа, ПАО АНК \"Башнефть\" \"Башнефть-Новойл\""]
["Переходы","ПАО АНК \"Башнефть\" \"Башнефть-Новойл\"",7,456,"Переход ПК108х6-76х5 Ст20 17378","ШТ",2,120,240,"450063, г. Уфа, ПАО АНК \"Башнефть\" \"Башнефть-Новойл\""]
["Переходы","ПАО АНК \"Башнефть\" \"Башнефть-Новойл\"",7,457,"Переход ПК108х6-89х5 Ст20 17378","ШТ",1,50,50,"450063, г. Уфа, ПАО АНК \"Башнефть\" \"Башнефть-Новойл\""]
["Переходы","ПАО АНК \"Башнефть\" \"Башнефть-Новойл\"",7,458,"Переход ПК108х8-76х6 Ст20","ШТ",1,270,270,"450063, г. Уфа, ПАО АНК \"Башнефть\" \"Башнефть-Новойл\""]
["Переходы","ПАО АНК \"Башнефть\" \"Башнефть-Новойл\"",7,459,"Переход ПК108х8-76х6 Ст20","ШТ",51,270,13770,"450063, г. Уфа, ПАО АНК \"Башнефть\" \"Башнефть-Новойл\""]
["Переходы","ПАО АНК \"Башнефть\" \"Башнефть-Новойл\"",7,460,"Переход ПК108х8-76х6 Ст20","ШТ",1,270,270,"450063, г. Уфа, ПАО АНК \"Башнефть\" \"Башнефть-Новойл\""]
["Переходы","ПАО АНК \"Башнефть\" \"Башнефть-Новойл\"",7,461,"Переход ПК133х8-108х6 09Г2С 17378","ШТ",2,650,1300,"450063, г. Уфа, ПАО АНК \"Башнефть\" \"Башнефть-Новойл\""]
["Переходы","ПАО АНК \"Башнефть\" \"Башнефть-Новойл\"",7,462,"Переход ПК159х4.5-76х3.5 Ст20 17378","ШТ",9,100,900,"450063, г. Уфа, ПАО АНК \"Башнефть\" \"Башнефть-Новойл\""]
["Переходы","ПАО АНК \"Башнефть\" \"Башнефть-Новойл\"",7,463,"Переход ПК159х4-108х6 12Х18Н10Т 1468-010","ШТ",4,1180,4720,"450063, г. Уфа, ПАО АНК \"Башнефть\" \"Башнефть-Новойл\""]
["Переходы","ПАО АНК \"Башнефть\" \"Башнефть-Новойл\"",7,464,"Переход ПК159х4-108х6 12Х18Н10Т 1468-010","ШТ",10,1180,11800,"450063, г. Уфа, ПАО АНК \"Башнефть\" \"Башнефть-Новойл\""]
["Переходы","ПАО АНК \"Башнефть\" \"Башнефть-Новойл\"",7,465,"Переход ПК20х4-10х4 Ст20 М-08-18","ШТ",20,10,200,"450063, г. Уфа, ПАО АНК \"Башнефть\" \"Башнефть-Новойл\""]
["Переходы","ПАО АНК \"Башнефть\" \"Башнефть-Новойл\"",7,466,"Переход ПК219Х10-108Х6 08Х18Н10Т","ШТ",1,8330,8330,"450063, г. Уфа, ПАО АНК \"Башнефть\" \"Башнефть-Новойл\""]
["Переходы","ПАО АНК \"Башнефть\" \"Башнефть-Новойл\"",7,467,"Переход ПК25х3-45х4 Ст20 М-08-18","ШТ",1,10,10,"450063, г. Уфа, ПАО АНК \"Башнефть\" \"Башнефть-Новойл\""]
["Переходы","ПАО АНК \"Башнефть\" \"Башнефть-Новойл\"",7,468,"Переход ПК25х4-15х4 12Х18Н10Т","ШТ",18,150,2700,"450063, г. Уфа, ПАО АНК \"Башнефть\" \"Башнефть-Новойл\""]
["Переходы","ПАО АНК \"Башнефть\" \"Башнефть-Новойл\"",7,469,"Переход ПК25х4-15х4 Ст20 34-10-754","ШТ",127,190,24130,"450063, г. Уфа, ПАО АНК \"Башнефть\" \"Башнефть-Новойл\""]
["Переходы","ПАО АНК \"Башнефть\" \"Башнефть-Новойл\"",7,470,"Переход ПК273х7-108х6 09Г2С 17378","ШТ",1,1690,1690,"450063, г. Уфа, ПАО АНК \"Башнефть\" \"Башнефть-Новойл\""]
["Переходы","ПАО АНК \"Башнефть\" \"Башнефть-Новойл\"",7,471,"Переход ПК325Х10-273Х10 10Х17Н13М2Т ТУ","ШТ",1,18450,18450,"450063, г. Уфа, ПАО АНК \"Башнефть\" \"Башнефть-Новойл\""]
["Переходы","ПАО АНК \"Башнефть\" \"Башнефть-Новойл\"",7,472,"Переход ПК325х12-273х10 Ст20 17378","ШТ",1,140,140,"450063, г. Уфа, ПАО АНК \"Башнефть\" \"Башнефть-Новойл\""]
["Переходы","ПАО АНК \"Башнефть\" \"Башнефть-Новойл\"",7,473,"Переход ПК325х12-273х10 Ст20 17378","ШТ",11,140,1540,"450063, г. Уфа, ПАО АНК \"Башнефть\" \"Башнефть-Новойл\""]
["Переходы","ПАО АНК \"Башнефть\" \"Башнефть-Новойл\"",7,474,"Переход ПК325х12-273х10 Ст20 17378","ШТ",1,140,140,"450063, г. Уфа, ПАО АНК \"Башнефть\" \"Башнефть-Новойл\""]
["Переходы","ПАО АНК \"Башнефть\" \"Башнефть-Новойл\"",7,475,"Переход ПК325х12-273х10 Ст20 17378","ШТ",4,140,560,"450063, г. Уфа, ПАО АНК \"Башнефть\" \"Башнефть-Новойл\""]
["Переходы","ПАО АНК \"Башнефть\" \"Башнефть-Новойл\"",7,476,"Переход ПК325Х12-273Х12 08Х18Н10Т","ШТ",2,11550,23100,"450063, г. Уфа, ПАО АНК \"Башнефть\" \"Башнефть-Новойл\""]
["Переходы","ПАО АНК \"Башнефть\" \"Башнефть-Новойл\"",7,477,"Переход ПК325х12-273х12 09Г2С 17378","ШТ",46,3460,159160,"450063, г. Уфа, ПАО АНК \"Башнефть\" \"Башнефть-Новойл\""]
["Переходы","ПАО АНК \"Башнефть\" \"Башнефть-Новойл\"",7,478,"Переход ПК325х8-159х5 09Г2С 17378","ШТ",1,1150,1150,"450063, г. Уфа, ПАО АНК \"Башнефть\" \"Башнефть-Новойл\""]
["Переходы","ПАО АНК \"Башнефть\" \"Башнефть-Новойл\"",7,479,"Переход ПК32х4-20х4 12Х18Н10Т","ШТ",2,250,500,"450063, г. Уфа, ПАО АНК \"Башнефть\" \"Башнефть-Новойл\""]
["Переходы","ПАО АНК \"Башнефть\" \"Башнефть-Новойл\"",7,480,"Переход ПК377х12-325х12 12Х18Н10Т","ШТ",2,41660,83320,"450063, г. Уфа, ПАО АНК \"Башнефть\" \"Башнефть-Новойл\""]
["Переходы","ПАО АНК \"Башнефть\" \"Башнефть-Новойл\"",7,481,"Переход ПК377х12-325х12 12Х18Н10Т","ШТ",1,41660,41660,"450063, г. Уфа, ПАО АНК \"Башнефть\" \"Башнефть-Новойл\""]
["Переходы","ПАО АНК \"Башнефть\" \"Башнефть-Новойл\"",7,482,"Переход ПК38х3.5-32х3.5 Ст20 М-08-18","ШТ",1,20,20,"450063, г. Уфа, ПАО АНК \"Башнефть\" \"Башнефть-Новойл\""]
["Переходы","ПАО АНК \"Башнефть\" \"Башнефть-Новойл\"",7,483,"Переход ПК426х14-325х12 15Х5М МН4753","ШТ",1,17970,17970,"450063, г. Уфа, ПАО АНК \"Башнефть\" \"Башнефть-Новойл\""]
["Переходы","ПАО АНК \"Башнефть\" \"Башнефть-Новойл\"",7,484,"Переход ПК426х16-159х10 15Х5М 1468001821","ШТ",4,18140,72560,"450063, г. Уфа, ПАО АНК \"Башнефть\" \"Башнефть-Новойл\""]
["Переходы","ПАО АНК \"Башнефть\" \"Башнефть-Новойл\"",7,485,"Переход ПК426х20-377х18 12Х18Н10Т 1468-","ШТ",1,10200,10200,"450063, г. Уфа, ПАО АНК \"Башнефть\" \"Башнефть-Новойл\""]
["Переходы","ПАО АНК \"Башнефть\" \"Башнефть-Новойл\"",7,486,"Переход ПК426х20-377х18 12Х18Н10Т 1468-","ШТ",1,10200,10200,"450063, г. Уфа, ПАО АНК \"Башнефть\" \"Башнефть-Новойл\""]
["Переходы","ПАО АНК \"Башнефть\" \"Башнефть-Новойл\"",7,487,"Переход ПК720х14-530х10 08Х18Н10Т","ШТ",1,47220,47220,"450063, г. Уфа, ПАО АНК \"Башнефть\" \"Башнефть-Новойл\""]
["Переходы","ПАО АНК \"Башнефть\" \"Башнефть-Новойл\"",7,488,"Переход ПК76х6-38х3 09Г2С","ШТ",8,220,1760,"450063, г. Уфа, ПАО АНК \"Башнефть\" \"Башнефть-Новойл\""]
["Переходы","ПАО АНК \"Башнефть\" \"Башнефть-Новойл\"",7,489,"Переход ПК76х6-38Х3 Ст20","ШТ",4,120,480,"450063, г. Уфа, ПАО АНК \"Башнефть\" \"Башнефть-Новойл\""]
["Переходы","ПАО АНК \"Башнефть\" \"Башнефть-Новойл\"",7,490,"Переход ПК76х6-38Х3 Ст20","ШТ",10,120,1200,"450063, г. Уфа, ПАО АНК \"Башнефть\" \"Башнефть-Новойл\""]
["Переходы","ПАО АНК \"Башнефть\" \"Башнефть-Новойл\"",7,491,"Переход ПК89х4-57х6 12Х18Н10Т 1468-010-","ШТ",2,167,334,"450063, г. Уфа, ПАО АНК \"Башнефть\" \"Башнефть-Новойл\""]
["Переходы","ПАО АНК \"Башнефть\" \"Башнефть-Новойл\"",7,492,"Переход ПК89х4-57х6 12Х18Н10Т 1468-010-","ШТ",34,167,5678,"450063, г. Уфа, ПАО АНК \"Башнефть\" \"Башнефть-Новойл\""]
["Переходы","ПАО АНК \"Башнефть\" \"Башнефть-Новойл\"",7,493,"Переход ПЭ 273х10-159х7-08Х18Н10Т","ШТ",2,25080,50160,"450063, г. Уфа, ПАО АНК \"Башнефть\" \"Башнефть-Новойл\""]
["Переходы","ПАО АНК \"Башнефть\" \"Башнефть-Новойл\"",7,494,"Переход ПЭ 426х16-325х12","ШТ",2,23370,46740,"450063, г. Уфа, ПАО АНК \"Башнефть\" \"Башнефть-Новойл\""]
["Переходы","ПАО АНК \"Башнефть\" \"Башнефть-Новойл\"",7,495,"Переход ПЭ219Х10-159Х8 12Х18Н10Т","ШТ",1,5880,5880,"450063, г. Уфа, ПАО АНК \"Башнефть\" \"Башнефть-Новойл\""]
["Переходы","ПАО АНК \"Башнефть\" \"Башнефть-Новойл\"",7,496,"Переход ПЭ273х10-159х8 Ст20 17378","ШТ",1,3990,3990,"450063, г. Уфа, ПАО АНК \"Башнефть\" \"Башнефть-Новойл\""]
["Переходы","ПАО АНК \"Башнефть\" \"Башнефть-Новойл\"",7,497,"Переход ПЭ273х10-159х8 Ст20 17378","ШТ",1,3990,3990,"450063, г. Уфа, ПАО АНК \"Башнефть\" \"Башнефть-Новойл\""]
["Переходы","ПАО АНК \"Башнефть\" \"Башнефть-Новойл\"",7,498,"Переход ПЭ273х12-108х8 09Г2С","ШТ",1,4100,4100,"450063, г. Уфа, ПАО АНК \"Башнефть\" \"Башнефть-Новойл\""]
["Переходы","ПАО АНК \"Башнефть\" \"Башнефть-Новойл\"",7,499,"Переход ПЭ325х10-219х8 08Х18Н10Т","ШТ",4,17910,71640,"450063, г. Уфа, ПАО АНК \"Башнефть\" \"Башнефть-Новойл\""]
["Переходы","ПАО АНК \"Башнефть\" \"Башнефть-Новойл\"",7,500,"Переход ПЭ325х12-108х6 Ст20","ШТ",30,660,19800,"450063, г. Уфа, ПАО АНК \"Башнефть\" \"Башнефть-Новойл\""]
["Переходы","ПАО АНК \"Башнефть\" \"Башнефть-Новойл\"",7,501,"Переход Э 114х8-57х5","ШТ",5,660,3300,"450063, г. Уфа, ПАО АНК \"Башнефть\" \"Башнефть-Новойл\""]
["Переходы","ПАО АНК \"Башнефть\" \"Башнефть-Новойл\"",7,502,"Переход Э 133Х8-108Х6","ШТ",14,710,9940,"450063, г. Уфа, ПАО АНК \"Башнефть\" \"Башнефть-Новойл\""]
["Переходы","ПАО АНК \"Башнефть\" \"Башнефть-Новойл\"",7,503,"Переход Э 159х7-133х6","ШТ",2,960,1920,"450063, г. Уфа, ПАО АНК \"Башнефть\" \"Башнефть-Новойл\""]
["Переходы","ПАО АНК \"Башнефть\" \"Башнефть-Новойл\"",7,504,"Переход Э 159Х8-133Х8-09Г2С","ШТ",2,1240,2480,"450063, г. Уфа, ПАО АНК \"Башнефть\" \"Башнефть-Новойл\""]
["Переходы","ПАО АНК \"Башнефть\" \"Башнефть-Новойл\"",7,505,"Переход Э 159х8-76х5","ШТ",1,2680,2680,"450063, г. Уфа, ПАО АНК \"Башнефть\" \"Башнефть-Новойл\""]
["Переходы","ПАО АНК \"Башнефть\" \"Башнефть-Новойл\"",7,506,"Переход Э 219Х10-159Х8","ШТ",2,1640,3280,"450063, г. Уфа, ПАО АНК \"Башнефть\" \"Башнефть-Новойл\""]
["Переходы","ПАО АНК \"Башнефть\" \"Башнефть-Новойл\"",7,507,"Переход Э 273Х12-159Х10","ШТ",1,4700,4700,"450063, г. Уфа, ПАО АНК \"Башнефть\" \"Башнефть-Новойл\""]
["Переходы","ПАО АНК \"Башнефть\" \"Башнефть-Новойл\"",7,508,"Переход Э 325х8-159х4,5","ШТ",1,8430,8430,"450063, г. Уфа, ПАО АНК \"Башнефть\" \"Башнефть-Новойл\""]
["Переходы","ПАО АНК \"Башнефть\" \"Башнефть-Новойл\"",7,509,"Переход Э 325х8-159х4,5","ШТ",1,8430,8430,"450063, г. Уфа, ПАО АНК \"Башнефть\" \"Башнефть-Новойл\""]
["Переходы","ПАО АНК \"Башнефть\" \"Башнефть-Новойл\"",7,510,"Переход Э 325х8-159х4,5","ШТ",2,8430,16860,"450063, г. Уфа, ПАО АНК \"Башнефть\" \"Башнефть-Новойл\""]
["Переходы","ПАО АНК \"Башнефть\" \"Башнефть-Новойл\"",7,511,"Переход Э 426х16-325х12","ШТ",2,17750,35500,"450063, г. Уфа, ПАО АНК \"Башнефть\" \"Башнефть-Новойл\""]
["Переходы","ПАО АНК \"Башнефть\" \"Башнефть-Новойл\"",7,512,"Переход Э 426х16-325х12","ШТ",1,17750,17750,"450063, г. Уфа, ПАО АНК \"Башнефть\" \"Башнефть-Новойл\""]
["Переходы","ПАО АНК \"Башнефть\" \"Башнефть-Новойл\"",7,513,"Переход Э219х10-159х8 Ст20 17378","ШТ",5,2100,{"$f":"H517*G517","v":10500},"450063, г. Уфа, ПАО АНК \"Башнефть\" \"Башнефть-Новойл\""]
["Переходы","ПАО АНК \"Башнефть\" \"Башнефть-Новойл\"",7,514,"Переход Э377х12-273х10 15Х5М 1468-001","ШТ",2,15250,30500,"450063, г. Уфа, ПАО АНК \"Башнефть\" \"Башнефть-Новойл\""]
["Переходы","ПАО АНК \"Башнефть\" \"Башнефть-Новойл\"",7,515,"Переход ЭПШС426х12-273х10 09Г2С ТУ 1460","ШТ",2,22590,45180,"450063, г. Уфа, ПАО АНК \"Башнефть\" \"Башнефть-Новойл\""]
["Переходы","ПАО АНК \"Башнефть\" \"Башнефть-Новойл\"",7,516,"Переход ЭПШС630х12-426х12 17Г1С ТУ 1460","ШТ",1,47870,47870,"450063, г. Уфа, ПАО АНК \"Башнефть\" \"Башнефть-Новойл\""]
["Переходы","ПАО АНК \"Башнефть\" \"Башнефть-Новойл\"",7,517,"Переход ЭПШС-720х14-530х10 08Х18Н10Т","ШТ",1,146860,146860,"450063, г. Уфа, ПАО АНК \"Башнефть\" \"Башнефть-Новойл\""]
["Переходы","ПАО АНК \"Башнефть\" \"Башнефть-Новойл\"",7,518,"Переход38х3.5-25х3.5 10Х17Н13М2Т","ШТ",6,370,2220,"450063, г. Уфа, ПАО АНК \"Башнефть\" \"Башнефть-Новойл\""]
["Переходы","ПАО АНК \"Башнефть\" \"Башнефть-Новойл\"",7,519,"ПереходП25х1.6-20х1.6 Ст20 ОСТ34-42-754","ШТ",2,170,340,"450063, г. Уфа, ПАО АНК \"Башнефть\" \"Башнефть-Новойл\""]
["Переходы","ПАО АНК \"Башнефть\" \"Башнефть-Новойл\"",7,520,"ПереходПК133х6-108х5 12Х18Н10Т 1468-120-","ШТ",1,2530,2530,"450063, г. Уфа, ПАО АНК \"Башнефть\" \"Башнефть-Новойл\""]
["Переходы","ПАО АНК \"Башнефть\" \"Башнефть-Новойл\"",7,521,"ПереходПК133х6-76х6 12Х18Н10Т 1468-120-","ШТ",10,1020,10200,"450063, г. Уфа, ПАО АНК \"Башнефть\" \"Башнефть-Новойл\""]
["Переходы","ПАО АНК \"Башнефть\" \"Башнефть-Новойл\"",7,522,"ПереходПК133х8-108х4 12Х18Н10Т 1468-120-","ШТ",6,840,5040,"450063, г. Уфа, ПАО АНК \"Башнефть\" \"Башнефть-Новойл\""]
["Переходы","ПАО АНК \"Башнефть\" \"Башнефть-Новойл\"",7,523,"ПереходПК159х6-133х4 12Х18Н10Т 1468-120-","ШТ",2,970,1940,"450063, г. Уфа, ПАО АНК \"Башнефть\" \"Башнефть-Новойл\""]
["Переходы","ПАО АНК \"Башнефть\" \"Башнефть-Новойл\"",7,524,"ПереходПК159х8-57х4 08Х18Н10Т","ШТ",5,340,1700,"450063, г. Уфа, ПАО АНК \"Башнефть\" \"Башнефть-Новойл\""]
["Переходы","ПАО АНК \"Башнефть\" \"Башнефть-Новойл\"",7,525,"ПереходПК159х8-57х4 15Х5М","ШТ",4,2870,11480,"450063, г. Уфа, ПАО АНК \"Башнефть\" \"Башнефть-Новойл\""]
["Переходы","ПАО АНК \"Башнефть\" \"Башнефть-Новойл\"",7,526,"ПереходПК20х4-10х4 12Х18Н10Т","ШТ",20,120,2400,"450063, г. Уфа, ПАО АНК \"Башнефть\" \"Башнефть-Новойл\""]
["Переходы","ПАО АНК \"Башнефть\" \"Башнефть-Новойл\"",7,527,"ПереходПК20х4-15х4 12Х18Н10Т 34-10-754","ШТ",20,130,2600,"450063, г. Уфа, ПАО АНК \"Башнефть\" \"Башнефть-Новойл\""]
["Переходы","ПАО АНК \"Башнефть\" \"Башнефть-Новойл\"",7,528,"ПереходПК219х10-108х8 10Х17Н13М2Т","ШТ",2,4660,9320,"450063, г. Уфа, ПАО АНК \"Башнефть\" \"Башнефть-Новойл\""]
["Переходы","ПАО АНК \"Башнефть\" \"Башнефть-Новойл\"",7,529,"ПереходПК219х10-89х5 08Х18Н10Т","ШТ",13,780,10140,"450063, г. Уфа, ПАО АНК \"Башнефть\" \"Башнефть-Новойл\""]
["Переходы","ПАО АНК \"Башнефть\" \"Башнефть-Новойл\"",7,530,"ПереходПК219х12-108х8 08Х18Н10Т","ШТ",1,6820,6820,"450063, г. Уфа, ПАО АНК \"Башнефть\" \"Башнефть-Новойл\""]
["Переходы","ПАО АНК \"Башнефть\" \"Башнефть-Новойл\"",7,531,"ПереходПК219х12-159х10 15Х5М 1468-002-..","ШТ",9,6360,57240,"450063, г. Уфа, ПАО АНК \"Башнефть\" \"Башнефть-Новойл\""]
["Переходы","ПАО АНК \"Башнефть\" \"Башнефть-Новойл\"",7,532,"ПереходПК273х10-108х5 08Х18Н10Т","ШТ",3,1110,3330,"450063, г. Уфа, ПАО АНК \"Башнефть\" \"Башнефть-Новойл\""]
["Переходы","ПАО АНК \"Башнефть\" \"Башнефть-Новойл\"",7,533,"ПереходПК325х10-219х8 08Х18Н10Т","ШТ",2,29630,59260,"450063, г. Уфа, ПАО АНК \"Башнефть\" \"Башнефть-Новойл\""]
["Переходы","ПАО АНК \"Башнефть\" \"Башнефть-Новойл\"",7,534,"ПереходПК325х10-273х8 12Х18Н10Т 1468-120","ШТ",2,3900,7800,"450063, г. Уфа, ПАО АНК \"Башнефть\" \"Башнефть-Новойл\""]
["Переходы","ПАО АНК \"Башнефть\" \"Башнефть-Новойл\"",7,535,"ПереходПК426х12-325х10 12Х18Н10Т 1468120","ШТ",2,8510,17020,"450063, г. Уфа, ПАО АНК \"Башнефть\" \"Башнефть-Новойл\""]
["Переходы","ПАО АНК \"Башнефть\" \"Башнефть-Новойл\"",7,536,"ПереходПК76х6-57х5 12Х18Н10Т 1468-120-..","ШТ",91,1033,94003,"450063, г. Уфа, ПАО АНК \"Башнефть\" \"Башнефть-Новойл\""]
["Переходы","ПАО АНК \"Башнефть\" \"Башнефть-Новойл\"",7,537,"ПереходПК76х6-57х5 12Х18Н10Т 1468-120-..","ШТ",30,1033,30990,"450063, г. Уфа, ПАО АНК \"Башнефть\" \"Башнефть-Новойл\""]
["Переходы","ПАО АНК \"Башнефть\" \"Башнефть-Новойл\"",7,538,"ПереходПЭ273х10-219х10 15Х5М 1468-003-..","ШТ",4,15840,63360,"450063, г. Уфа, ПАО АНК \"Башнефть\" \"Башнефть-Новойл\""]
["Переходы","ПАО АНК \"Башнефть\" \"Башнефть-Новойл\"",7,539,"ПереходПЭ325х10-159х8 15Х5М 1468-003-0..","ШТ",2,9320,18640,"450063, г. Уфа, ПАО АНК \"Башнефть\" \"Башнефть-Новойл\""]
["Переходы","ПАО АНК \"Башнефть\" \"Башнефть-Новойл\"",7,540,"ПереходПЭ377х12-325х12 15Х5М 1468-003-..","ШТ",1,14390,14390,"450063, г. Уфа, ПАО АНК \"Башнефть\" \"Башнефть-Новойл\""]
["Переходы","ПАО АНК \"Башнефть\" \"Башнефть-Новойл\"",7,541,"ПереходПЭ426х14-377х12 15Х5М 1468-003-..","ШТ",2,19650,39300,"450063, г. Уфа, ПАО АНК \"Башнефть\" \"Башнефть-Новойл\""]
["Переходы","ПАО АНК \"Башнефть\" \"Башнефть-Новойл\"",7,542,"ПереходПЭ426х14-377х12 15Х5М 1468-003-..","ШТ",1,19640,19640,"450063, г. Уфа, ПАО АНК \"Башнефть\" \"Башнефть-Новойл\""]
["Переходы","ПАО АНК \"Башнефть\" \"Башнефть-Новойл\"",7,543,"ПереходПЭ530х12-426х12 15Х5М 1468-003-..","ШТ",3,25050,75150,"450063, г. Уфа, ПАО АНК \"Башнефть\" \"Башнефть-Новойл\""]
["Переходы","ПАО АНК \"Башнефть\" \"Башнефть-Новойл\"",7,544,"ПК 133х8(К40)-108х6(К40)-1,6-0,6-У","ШТ",7,920,6440,"450063, г. Уфа, ПАО АНК \"Башнефть\" \"Башнефть-Новойл\""]
["Переходы","ПАО АНК \"Башнефть\" \"Башнефть-Новойл\"",7,545,"ПК 133х8(К40)-108х6(К40)-1,6-0,6-У","ШТ",7,920,6440,"450063, г. Уфа, ПАО АНК \"Башнефть\" \"Башнефть-Новойл\""]
["Переходы","ПАО АНК \"Башнефть\" \"Башнефть-Новойл\"",7,546,"ПК 219х10(К40)-127х10К40)-1,6-0,6-У","ШТ",1,2560,2560,"450063, г. Уфа, ПАО АНК \"Башнефть\" \"Башнефть-Новойл\""]
["Переходы","ПАО АНК \"Башнефть\" \"Башнефть-Новойл\"",7,547,"ПК 219х10(К52)-108х8(К52)-1,6-0,6-ХЛ","ШТ",4,4920,19680,"450063, г. Уфа, ПАО АНК \"Башнефть\" \"Башнефть-Новойл\""]
["Переходы","ПАО АНК \"Башнефть\" \"Башнефть-Новойл\"",7,548,"ПК 219х14(К52)-108х10(К52)-1,6-0,6-ХЛ","ШТ",7,3730,26110,"450063, г. Уфа, ПАО АНК \"Башнефть\" \"Башнефть-Новойл\""]
["Переходы","ПАО АНК \"Башнефть\" \"Башнефть-Новойл\"",7,549,"ПК 273х16(К40)-219х14(К40)-1,6-0,6-У","ШТ",3,7290,21870,"450063, г. Уфа, ПАО АНК \"Башнефть\" \"Башнефть-Новойл\""]
["Переходы","ПАО АНК \"Башнефть\" \"Башнефть-Новойл\"",7,550,"ПК 325х10(К52)-159х10(К52)-1,6-0,6-ХЛ","ШТ",3,2780,8340,"450063, г. Уфа, ПАО АНК \"Башнефть\" \"Башнефть-Новойл\""]
["Переходы","ПАО АНК \"Башнефть\" \"Башнефть-Новойл\"",7,551,"ПК 325х12(К40)-219х10(К40)-1,6-0,6-У","ШТ",1,6900,6900,"450063, г. Уфа, ПАО АНК \"Башнефть\" \"Башнефть-Новойл\""]
["Переходы","ПАО АНК \"Башнефть\" \"Башнефть-Новойл\"",7,552,"ПК 377х16(К40)-219х10(К40)-1,6-0,6-У","ШТ",7,13030,91210,"450063, г. Уфа, ПАО АНК \"Башнефть\" \"Башнефть-Новойл\""]
["Переходы","ПАО АНК \"Башнефть\" \"Башнефть-Новойл\"",7,553,"ПК89х6-45х4 12Х18Н10Т 1468-020-39918642","ШТ",2,840,1680,"450063, г. Уфа, ПАО АНК \"Башнефть\" \"Башнефть-Новойл\""]
["Переходы","ПАО АНК \"Башнефть\" \"Башнефть-Новойл\"",7,554,"ПКС 1220х12(К55)1020х12(К55)-7,5-0,6","ШТ",2,47560,95120,"450063, г. Уфа, ПАО АНК \"Башнефть\" \"Башнефть-Новойл\""]
["Пластина клапана","ПАО АНК \"Башнефть\" \"Башнефть-Новойл\"",8,555,"Пластина клапана 2АГ4104а","ШТ",65,730,47450,"450063, г. Уфа, ПАО АНК \"Башнефть\" \"Башнефть-Новойл\""]
["Пластина клапана","ПАО АНК \"Башнефть\" \"Башнефть-Новойл\"",8,556,"Пластина клапана 2АГ4104а","ШТ",10,730,7300,"450063, г. Уфа, ПАО АНК \"Башнефть\" \"Башнефть-Новойл\""]
["Пластина клапана","ПАО АНК \"Башнефть\" \"Башнефть-Новойл\"",8,557,"Пластина клапана 2АГ4104а","ШТ",40,730,29200,"450063, г. Уфа, ПАО АНК \"Башнефть\" \"Башнефть-Новойл\""]
["Пластина клапана","ПАО АНК \"Башнефть\" \"Башнефть-Новойл\"",8,558,"Пластина клапана БД2ВГ4104а","ШТ",275,900,247500,"450063, г. Уфа, ПАО АНК \"Башнефть\" \"Башнефть-Новойл\""]
["Ретурбенд","ПАО АНК \"Башнефть\" \"Башнефть-Новойл\"",9,559,"Ретурбенд D102 РМЦ172 25серия 20Х5МЛ ТУ","ШТ",5,136690,683450,"450063, г. Уфа, ПАО АНК \"Башнефть\" \"Башнефть-Новойл\""]
["Ретурбенд","ПАО АНК \"Башнефть\" \"Башнефть-Новойл\"",9,560,"Ретурбенд D152 РМЦ275 25серия 20Х5МЛ ТУ","ШТ",6,152720,916320,"450063, г. Уфа, ПАО АНК \"Башнефть\" \"Башнефть-Новойл\""]
["Тройники","ПАО АНК \"Башнефть\" \"Башнефть-Новойл\"",10,561,"Тройник 108х10 15Х5М 146801078","ШТ",2,19530,{"$f":"H565*G565","v":39060},"450063, г. Уфа, ПАО АНК \"Башнефть\" \"Башнефть-Новойл\""]
["Тройники","ПАО АНК \"Башнефть\" \"Башнефть-Новойл\"",10,562,"Тройник 108х4-76х4 09Г2С ГОСТ 17376","ШТ",15,130,1950,"450063, г. Уфа, ПАО АНК \"Башнефть\" \"Башнефть-Новойл\""]
["Тройники","ПАО АНК \"Башнефть\" \"Башнефть-Новойл\"",10,563,"Тройник 108х6 15Х5М 146801078","ШТ",2,2150,4300,"450063, г. Уфа, ПАО АНК \"Башнефть\" \"Башнефть-Новойл\""]
["Тройники","ПАО АНК \"Башнефть\" \"Башнефть-Новойл\"",10,564,"Тройник 108х6 15Х5М 146801078","ШТ",2,2150,4300,"450063, г. Уфа, ПАО АНК \"Башнефть\" \"Башнефть-Новойл\""]
["Тройники","ПАО АНК \"Башнефть\" \"Башнефть-Новойл\"",10,565,"Тройник 108х8-89х6 15ГС ГОСТ 17376","ШТ",4,460,1840,"450063, г. Уфа, ПАО АНК \"Башнефть\" \"Башнефть-Новойл\""]
["Тройники","ПАО АНК \"Башнефть\" \"Башнефть-Новойл\"",10,566,"Тройник 133х10-89х8 Ст20 ГОСТ 17376","ШТ",5,320,1600,"450063, г. Уфа, ПАО АНК \"Башнефть\" \"Башнефть-Новойл\""]
["Тройники","ПАО АНК \"Башнефть\" \"Башнефть-Новойл\"",10,567,"Тройник 133х5","ШТ",2,10,20,"450063, г. Уфа, ПАО АНК \"Башнефть\" \"Башнефть-Новойл\""]
["Тройники","ПАО АНК \"Башнефть\" \"Башнефть-Новойл\"",10,568,"Тройник 150х8-100х8 эск.29","ШТ",3,510,1530,"450063, г. Уфа, ПАО АНК \"Башнефть\" \"Башнефть-Новойл\""]
["Тройники","ПАО АНК \"Башнефть\" \"Башнефть-Новойл\"",10,569,"Тройник 152х10 15Х5М РД 26-02-80","ШТ",2,19620,39240,"450063, г. Уфа, ПАО АНК \"Башнефть\" \"Башнефть-Новойл\""]
["Тройники","ПАО АНК \"Башнефть\" \"Башнефть-Новойл\"",10,570,"Тройник 152х10 15Х5М РД 26-02-80","ШТ",1,19620,19620,"450063, г. Уфа, ПАО АНК \"Башнефть\" \"Башнефть-Новойл\""]
["Тройники","ПАО АНК \"Башнефть\" \"Башнефть-Новойл\"",10,571,"Тройник 159х4-108х4","ШТ",21,70,1470,"450063, г. Уфа, ПАО АНК \"Башнефть\" \"Башнефть-Новойл\""]
["Тройники","ПАО АНК \"Башнефть\" \"Башнефть-Новойл\"",10,572,"Тройник 159х6-89х6 Ст20 ГОСТ 17376","ШТ",3,320,960,"450063, г. Уфа, ПАО АНК \"Башнефть\" \"Башнефть-Новойл\""]
["Тройники","ПАО АНК \"Башнефть\" \"Башнефть-Новойл\"",10,573,"Тройник 159Х8-133Х6-09Г2С","ШТ",5,2310,11550,"450063, г. Уфа, ПАО АНК \"Башнефть\" \"Башнефть-Новойл\""]
["Тройники","ПАО АНК \"Башнефть\" \"Башнефть-Новойл\"",10,574,"Тройник 159х8-133х8 Ст20","ШТ",1,40,40,"450063, г. Уфа, ПАО АНК \"Башнефть\" \"Башнефть-Новойл\""]
["Тройники","ПАО АНК \"Башнефть\" \"Башнефть-Новойл\"",10,575,"Тройник 200х14-150х14 Ст15ГС эск.58","ШТ",3,1970,5910,"450063, г. Уфа, ПАО АНК \"Башнефть\" \"Башнефть-Новойл\""]
["Тройники","ПАО АНК \"Башнефть\" \"Башнефть-Новойл\"",10,576,"Тройник 200х14-150х14 Ст20 эск.57","ШТ",1,660,660,"450063, г. Уфа, ПАО АНК \"Башнефть\" \"Башнефть-Новойл\""]
["Тройники","ПАО АНК \"Башнефть\" \"Башнефть-Новойл\"",10,577,"Тройник 219х10-133х8 Ст20","ШТ",4,4170,16680,"450063, г. Уфа, ПАО АНК \"Башнефть\" \"Башнефть-Новойл\""]
["Тройники","ПАО АНК \"Башнефть\" \"Башнефть-Новойл\"",10,578,"Тройник 219Х10-133Х8-09Г2С","ШТ",5,7130,35650,"450063, г. Уфа, ПАО АНК \"Башнефть\" \"Башнефть-Новойл\""]
["Тройники","ПАО АНК \"Башнефть\" \"Башнефть-Новойл\"",10,579,"Тройник 219х6-159х4.5 Ст20 т/о амм.","ШТ",1,3500,3500,"450063, г. Уфа, ПАО АНК \"Башнефть\" \"Башнефть-Новойл\""]
["Тройники","ПАО АНК \"Башнефть\" \"Башнефть-Новойл\"",10,580,"Тройник 219х8-133х6-09Г2С","ШТ",2,8230,16460,"450063, г. Уфа, ПАО АНК \"Башнефть\" \"Башнефть-Новойл\""]
["Тройники","ПАО АНК \"Башнефть\" \"Башнефть-Новойл\"",10,581,"Тройник 273Х10-159Х6","ШТ",1,720,720,"450063, г. Уфа, ПАО АНК \"Башнефть\" \"Башнефть-Новойл\""]
["Тройники","ПАО АНК \"Башнефть\" \"Башнефть-Новойл\"",10,582,"Тройник 273Х10-159Х6","ШТ",8,720,5760,"450063, г. Уфа, ПАО АНК \"Башнефть\" \"Башнефть-Новойл\""]
["Тройники","ПАО АНК \"Башнефть\" \"Башнефть-Новойл\"",10,583,"Тройник 273х12 Ст16ГС","ШТ",1,21620,21620,"450063, г. Уфа, ПАО АНК \"Башнефть\" \"Башнефть-Новойл\""]
["Тройники","ПАО АНК \"Башнефть\" \"Башнефть-Новойл\"",10,584,"Тройник 273х7 Ст20 т/о амм.","ШТ",1,6220,6220,"450063, г. Уфа, ПАО АНК \"Башнефть\" \"Башнефть-Новойл\""]
["Тройники","ПАО АНК \"Башнефть\" \"Башнефть-Новойл\"",10,585,"Тройник 325х10-219х8 Ст20 ГОСТ 17376","ШТ",9,8100,72900,"450063, г. Уфа, ПАО АНК \"Башнефть\" \"Башнефть-Новойл\""]
["Тройники","ПАО АНК \"Башнефть\" \"Башнефть-Новойл\"",10,586,"Тройник 325х10-219х8 Ст20 ГОСТ 17376","ШТ",8,8100,64800,"450063, г. Уфа, ПАО АНК \"Башнефть\" \"Башнефть-Новойл\""]
["Тройники","ПАО АНК \"Башнефть\" \"Башнефть-Новойл\"",10,587,"Тройник 325х10-219х8 Ст20 ГОСТ 17376","ШТ",1,8100,8100,"450063, г. Уфа, ПАО АНК \"Башнефть\" \"Башнефть-Новойл\""]
["Тройники","ПАО АНК \"Башнефть\" \"Башнефть-Новойл\"",10,588,"Тройник 325х10-219х8 Ст20 ГОСТ 17376","ШТ",1,8100,8100,"450063, г. Уфа, ПАО АНК \"Башнефть\" \"Башнефть-Новойл\""]
["Тройники","ПАО АНК \"Башнефть\" \"Башнефть-Новойл\"",10,589,"Тройник 325Х10-219Х8-09Г2С","ШТ",2,400,800,"450063, г. Уфа, ПАО АНК \"Башнефть\" \"Башнефть-Новойл\""]
["Тройники","ПАО АНК \"Башнефть\" \"Башнефть-Новойл\"",10,590,"Тройник 325х16 Ст20","ШТ",1,11360,11360,"450063, г. Уфа, ПАО АНК \"Башнефть\" \"Башнефть-Новойл\""]
["Тройники","ПАО АНК \"Башнефть\" \"Башнефть-Новойл\"",10,591,"Тройник 377Х12-09Г2С","ШТ",1,16470,16470,"450063, г. Уфа, ПАО АНК \"Башнефть\" \"Башнефть-Новойл\""]
["Тройники","ПАО АНК \"Башнефть\" \"Башнефть-Новойл\"",10,592,"Тройник 377х20 09Г2С ГОСТ 17376","ШТ",1,9600,9600,"450063, г. Уфа, ПАО АНК \"Башнефть\" \"Башнефть-Новойл\""]
["Тройники","ПАО АНК \"Башнефть\" \"Башнефть-Новойл\"",10,593,"Тройник 377х20-273х16 Ст20","ШТ",1,33990,{"$f":"H597*G597","v":33990},"450063, г. Уфа, ПАО АНК \"Башнефть\" \"Башнефть-Новойл\""]
["Тройники","ПАО АНК \"Башнефть\" \"Башнефть-Новойл\"",10,594,"Тройник 45х4 Ст20","ШТ",1,410,410,"450063, г. Уфа, ПАО АНК \"Башнефть\" \"Башнефть-Новойл\""]
["Тройники","ПАО АНК \"Башнефть\" \"Башнефть-Новойл\"",10,595,"Тройник 76х6 Ст20","ШТ",5,140,700,"450063, г. Уфа, ПАО АНК \"Башнефть\" \"Башнефть-Новойл\""]
["Тройники","ПАО АНК \"Башнефть\" \"Башнефть-Новойл\"",10,596,"Тройник 89х10 09Г2С ГОСТ 17376","ШТ",7,50,350,"450063, г. Уфа, ПАО АНК \"Башнефть\" \"Башнефть-Новойл\""]
["Тройники","ПАО АНК \"Башнефть\" \"Башнефть-Новойл\"",10,597,"Тройник П 273х10-219х6","ШТ",1,4470,4470,"450063, г. Уфа, ПАО АНК \"Башнефть\" \"Башнефть-Новойл\""]
["Тройники","ПАО АНК \"Башнефть\" \"Башнефть-Новойл\"",10,598,"Тройник П 325Х8-219Х6-09Г2С","ШТ",1,10040,10040,"450063, г. Уфа, ПАО АНК \"Башнефть\" \"Башнефть-Новойл\""]
["Тройники","ПАО АНК \"Башнефть\" \"Башнефть-Новойл\"",10,599,"Тройник П 377Х10-09Г2С","ШТ",3,11550,34650,"450063, г. Уфа, ПАО АНК \"Башнефть\" \"Башнефть-Новойл\""]
["Тройники","ПАО АНК \"Башнефть\" \"Башнефть-Новойл\"",10,600,"Тройник П 377Х12-273Х10","ШТ",1,10670,10670,"450063, г. Уфа, ПАО АНК \"Башнефть\" \"Башнефть-Новойл\""]
["Тройники","ПАО АНК \"Башнефть\" \"Башнефть-Новойл\"",10,601,"Тройник П 377х12-273х10-08Х18Н10Т","ШТ",1,82200,82200,"450063, г. Уфа, ПАО АНК \"Башнефть\" \"Башнефть-Новойл\""]
["Тройники","ПАО АНК \"Башнефть\" \"Башнефть-Новойл\"",10,602,"Тройник П219х16 15Х5М ТУ3600-010-7878627","ШТ",1,25930,25930,"450063, г. Уфа, ПАО АНК \"Башнефть\" \"Башнефть-Новойл\""]
["Тройники","ПАО АНК \"Башнефть\" \"Башнефть-Новойл\"",10,603,"Тройник П325х16-273х16 Ст20","ШТ",1,9790,9790,"450063, г. Уфа, ПАО АНК \"Башнефть\" \"Башнефть-Новойл\""]
["Тройники","ПАО АНК \"Башнефть\" \"Башнефть-Новойл\"",10,604,"Тройник П377х16 Ст20","ШТ",1,18550,18550,"450063, г. Уфа, ПАО АНК \"Башнефть\" \"Башнефть-Новойл\""]
["Тройники","ПАО АНК \"Башнефть\" \"Башнефть-Новойл\"",10,605,"Тройник П57х5-45х4 12Х18Н10Т по ТУ","ШТ",8,1740,13920,"450063, г. Уфа, ПАО АНК \"Башнефть\" \"Башнефть-Новойл\""]
["Тройники","ПАО АНК \"Башнефть\" \"Башнефть-Новойл\"",10,606,"Тройник приварной ТП1-14","ШТ",3,970,2910,"450063, г. Уфа, ПАО АНК \"Башнефть\" \"Башнефть-Новойл\""]
["Тройники","ПАО АНК \"Башнефть\" \"Башнефть-Новойл\"",10,607,"Тройник приварной ТП1-14","ШТ",3,660,1980,"450063, г. Уфа, ПАО АНК \"Башнефть\" \"Башнефть-Новойл\""]
["Тройники","ПАО АНК \"Башнефть\" \"Башнефть-Новойл\"",10,608,"Тройник резьбовой ТР-02.200 Ст20","ШТ",1,280,280,"450063, г. Уфа, ПАО АНК \"Башнефть\" \"Башнефть-Новойл\""]
["Тройники","ПАО АНК \"Башнефть\" \"Башнефть-Новойл\"",10,609,"Тройник сварной ч.М-09-130 СБ","ШТ",2,25010,50020,"450063, г. Уфа, ПАО АНК \"Башнефть\" \"Башнефть-Новойл\""]
["Тройники","ПАО АНК \"Башнефть\" \"Башнефть-Новойл\"",10,610,"Тройник ТБ 325х22-273х18","ШТ",2,36320,72640,"450063, г. Уфа, ПАО АНК \"Башнефть\" \"Башнефть-Новойл\""]
["Тройники","ПАО АНК \"Башнефть\" \"Башнефть-Новойл\"",10,611,"Тройник ТБ 377х20-325х18","ШТ",1,34260,34260,"450063, г. Уфа, ПАО АНК \"Башнефть\" \"Башнефть-Новойл\""]
["Тройники","ПАО АНК \"Башнефть\" \"Башнефть-Новойл\"",10,612,"Тройник ТП-04.200 Ст.20","ШТ",25,330,8250,"450063, г. Уфа, ПАО АНК \"Башнефть\" \"Башнефть-Новойл\""]
["Тройники","ПАО АНК \"Башнефть\" \"Башнефть-Новойл\"",10,613,"Тройник ТТ ЦЭШЛ 57х5-15Х5М","ШТ",5,5320,26600,"450063, г. Уфа, ПАО АНК \"Башнефть\" \"Башнефть-Новойл\""]
["Тройники","ПАО АНК \"Башнефть\" \"Башнефть-Новойл\"",10,614,"Тройник ЦЭШЛ 325х26","ШТ",1,36320,36320,"450063, г. Уфа, ПАО АНК \"Башнефть\" \"Башнефть-Новойл\""]
["Тройники","ПАО АНК \"Башнефть\" \"Башнефть-Новойл\"",10,615,"Тройник377х20-219х12 08Х18Н10Т 1468-030-","ШТ",1,720,720,"450063, г. Уфа, ПАО АНК \"Башнефть\" \"Башнефть-Новойл\""]
["Тройники крупные","ПАО АНК \"Башнефть\" \"Башнефть-Новойл\"",11,616,"Тройник 1020(21)-630(14) 10Г2ФБЮ","ШТ",1,189520,{"$f":"H620*G620","v":189520},"450063, г. Уфа, ПАО АНК \"Башнефть\" \"Башнефть-Новойл\""]
["Тройники крупные","ПАО АНК \"Башнефть\" \"Башнефть-Новойл\"",11,617,"Тройник 1020х10-20","ШТ",1,33810,33810,"450063, г. Уфа, ПАО АНК \"Башнефть\" \"Башнефть-Новойл\""]
["Тройники крупные","ПАО АНК \"Башнефть\" \"Башнефть-Новойл\"",11,618,"Тройник 426х10-325х6","ШТ",14,1620,22680,"450063, г. Уфа, ПАО АНК \"Башнефть\" \"Башнефть-Новойл\""]
["Тройники крупные","ПАО АНК \"Башнефть\" \"Башнефть-Новойл\"",11,619,"Тройник 530х16 08Х18Н10Т","ШТ",1,134860,134860,"450063, г. Уфа, ПАО АНК \"Башнефть\" \"Башнефть-Новойл\""]
["Тройники крупные","ПАО АНК \"Башнефть\" \"Башнефть-Новойл\"",11,620,"Тройник 820х10-426х7 Ст3сп ОСТ 36-24-77","ШТ",5,61760,308800,"450063, г. Уфа, ПАО АНК \"Башнефть\" \"Башнефть-Новойл\""]
["Тройники крупные","ПАО АНК \"Башнефть\" \"Башнефть-Новойл\"",11,621,"Тройник 820х10-426х7 Ст3сп ОСТ 36-24-77","ШТ",1,27330,27330,"450063, г. Уфа, ПАО АНК \"Башнефть\" \"Башнефть-Новойл\""]
["Тройники крупные","ПАО АНК \"Башнефть\" \"Башнефть-Новойл\"",11,622,"Тройник 820х10-426х8 Ст3сп ОСТ 36-24-77","ШТ",4,60140,240560,"450063, г. Уфа, ПАО АНК \"Башнефть\" \"Башнефть-Новойл\""]
["Тройники крупные","ПАО АНК \"Башнефть\" \"Башнефть-Новойл\"",11,623,"Тройник П 1220х15 Ст20","ШТ",1,131060,131060,"450063, г. Уфа, ПАО АНК \"Башнефть\" \"Башнефть-Новойл\""]
["Тройники крупные","ПАО АНК \"Башнефть\" \"Башнефть-Новойл\"",11,624,"Тройник П 630х30-530х30-15Х1М1Ф","ШТ",2,650350,1300700,"450063, г. Уфа, ПАО АНК \"Башнефть\" \"Башнефть-Новойл\""]
["Тройники крупные","ПАО АНК \"Башнефть\" \"Башнефть-Новойл\"",11,625,"Тройник П 820х14-426х8 Ст3сп","ШТ",1,50100,50100,"450063, г. Уфа, ПАО АНК \"Башнефть\" \"Башнефть-Новойл\""]
["Тройники крупные","ПАО АНК \"Башнефть\" \"Башнефть-Новойл\"",11,626,"Тройник П530х14-325х10 08Х18Н10Т ТУ 1469","ШТ",1,130270,130270,"450063, г. Уфа, ПАО АНК \"Башнефть\" \"Башнефть-Новойл\""]
["Тройники крупные","ПАО АНК \"Башнефть\" \"Башнефть-Новойл\"",11,627,"Тройник ТБ 426х24-325х22","ШТ",2,36320,72640,"450063, г. Уфа, ПАО АНК \"Башнефть\" \"Башнефть-Новойл\""]
["Тройники крупные","ПАО АНК \"Башнефть\" \"Башнефть-Новойл\"",11,628,"Тройник ТС 426-12-7,5-0,6-0,75","ШТ",2,13630,27260,"450063, г. Уфа, ПАО АНК \"Башнефть\" \"Башнефть-Новойл\""]
["Тройники крупные","ПАО АНК \"Башнефть\" \"Башнефть-Новойл\"",11,629,"Тройник ТС 720х24-08Х18Н10Т","ШТ",1,556330,556330,"450063, г. Уфа, ПАО АНК \"Башнефть\" \"Башнефть-Новойл\""]
["Тройники крупные","ПАО АНК \"Башнефть\" \"Башнефть-Новойл\"",11,630,"Тройник ТС 720х24-09Г2С","ШТ",1,119060,119060,"450063, г. Уфа, ПАО АНК \"Башнефть\" \"Башнефть-Новойл\""]
["Тройники крупные","ПАО АНК \"Башнефть\" \"Башнефть-Новойл\"",11,631,"Тройник ТШС 530х16-530х16-08Х18Н10Т","ШТ",1,287710,287710,"450063, г. Уфа, ПАО АНК \"Башнефть\" \"Башнефть-Новойл\""]
["Тройники крупные","ПАО АНК \"Башнефть\" \"Башнефть-Новойл\"",11,632,"Тройник ТШС 530х16-530х16-08Х18Н10Т","ШТ",1,287710,287710,"450063, г. Уфа, ПАО АНК \"Башнефть\" \"Башнефть-Новойл\""]
["Тройники крупные","ПАО АНК \"Башнефть\" \"Башнефть-Новойл\"",11,633,"Тройник ТШС 530х20-219х18","ШТ",5,36100,180500,"450063, г. Уфа, ПАО АНК \"Башнефть\" \"Башнефть-Новойл\""]
["Тройники крупные","ПАО АНК \"Башнефть\" \"Башнефть-Новойл\"",11,634,"Тройник ТШС 530х20-4,0-0,75 08Х18Н10Т","ШТ",1,185300,185300,"450063, г. Уфа, ПАО АНК \"Башнефть\" \"Башнефть-Новойл\""]
["Тройники крупные","ПАО АНК \"Башнефть\" \"Башнефть-Новойл\"",11,635,"Тройник ТШС 530х20-4,0-0,75 08Х18Н10Т","ШТ",1,192240,192240,"450063, г. Уфа, ПАО АНК \"Башнефть\" \"Башнефть-Новойл\""]
["Тройники крупные","ПАО АНК \"Башнефть\" \"Башнефть-Новойл\"",11,636,"Тройник ТШС 530х25-530х25-12Х1МФ","ШТ",2,187220,374440,"450063, г. Уфа, ПАО АНК \"Башнефть\" \"Башнефть-Новойл\""]
["Тройники крупные","ПАО АНК \"Башнефть\" \"Башнефть-Новойл\"",11,637,"Тройник ТШС 630х28-530х28-12Х1МФ","ШТ",1,300480,300480,"450063, г. Уфа, ПАО АНК \"Башнефть\" \"Башнефть-Новойл\""]
["Тройники крупные","ПАО АНК \"Башнефть\" \"Башнефть-Новойл\"",11,638,"Тройник ТШС 630х28-530х28-12Х1МФ","ШТ",1,291410,291410,"450063, г. Уфа, ПАО АНК \"Башнефть\" \"Башнефть-Новойл\""]
["Тройники крупные","ПАО АНК \"Башнефть\" \"Башнефть-Новойл\"",11,639,"Тройник ТШС 720х20-159х18-09Г2С","ШТ",1,56380,56380,"450063, г. Уфа, ПАО АНК \"Башнефть\" \"Башнефть-Новойл\""]
["Тройники крупные","ПАО АНК \"Башнефть\" \"Башнефть-Новойл\"",11,640,"Тройник ТШС 720х20-219х18-09Г2С","ШТ",3,56380,169140,"450063, г. Уфа, ПАО АНК \"Башнефть\" \"Башнефть-Новойл\""]
["Тройники крупные","ПАО АНК \"Башнефть\" \"Башнефть-Новойл\"",11,641,"Тройник ТШС 720х26-426х20-09Г2С","ШТ",4,89780,{"$f":"H645*G645","v":359120},"450063, г. Уфа, ПАО АНК \"Башнефть\" \"Башнефть-Новойл\""]
["Тройники крупные","ПАО АНК \"Башнефть\" \"Башнефть-Новойл\"",11,642,"Тройник ТШС530х14-325х10-4-0,6 08Х18Н10Т","ШТ",3,104340,313020,"450063, г. Уфа, ПАО АНК \"Башнефть\" \"Башнефть-Новойл\""]
["Труба воздухозаборная","ПАО АНК \"Башнефть\" \"Башнефть-Новойл\"",12,643,"Труба воздухозаборная","ШТ",1,801710,801710,"450063, г. Уфа, ПАО АНК \"Башнефть\" \"Башнефть-Новойл\""]
["Труба воздухозаборная","ПАО АНК \"Башнефть\" \"Башнефть-Новойл\"",12,644,"Труба воздухозаборная","ШТ",1,939720,939720,"450063, г. Уфа, ПАО АНК \"Башнефть\" \"Башнефть-Новойл\""]
["Труба из нержавеющей стали","ПАО АНК \"Башнефть\" \"Башнефть-Новойл\"",13,645,"Труба 32х3.5 06ХН28МДТ ГОСТ 9941","Т",1E-3,840540,840.54,"450063, г. Уфа, ПАО АНК \"Башнефть\" \"Башнефть-Новойл\""]
["Труба из нержавеющей стали","ПАО АНК \"Башнефть\" \"Башнефть-Новойл\"",13,646,"Труба 377Х8-08Х18Н10Т","Т",0.36899999999999999,250430,92408.67,"450063, г. Уфа, ПАО АНК \"Башнефть\" \"Башнефть-Новойл\""]
["Труба из нержавеющей стали","ПАО АНК \"Башнефть\" \"Башнефть-Новойл\"",13,647,"Труба 63х5 12Х18Н10Т ГОСТ 9940","Т",4.5999999999999999E-2,250430,11519.78,"450063, г. Уфа, ПАО АНК \"Башнефть\" \"Башнефть-Новойл\""]
["Труба из нержавеющей стали","ПАО АНК \"Башнефть\" \"Башнефть-Новойл\"",13,648,"Труба 89х6 10Х17Н13М2Т МКК т/о р с 9941","Т",1.6E-2,413030,6608.4800000000005,"450063, г. Уфа, ПАО АНК \"Башнефть\" \"Башнефть-Новойл\""]
["Труба из нержавеющей стали","ПАО АНК \"Башнефть\" \"Башнефть-Новойл\"",13,649,"Труба 89х6 10Х17Н13М2Т МКК т/о р с 9941","Т",3.1E-2,413030,12803.93,"450063, г. Уфа, ПАО АНК \"Башнефть\" \"Башнефть-Новойл\""]
["Труба из нержавеющей стали","ПАО АНК \"Башнефть\" \"Башнефть-Новойл\"",13,650,"Труба б/ш г/д к/ст 102х8-12Х18Н10Т","Т",0.17,216510,36806.700000000004,"450063, г. Уфа, ПАО АНК \"Башнефть\" \"Башнефть-Новойл\""]
["Труба из нержавеющей стали","ПАО АНК \"Башнефть\" \"Башнефть-Новойл\"",13,651,"Труба б/ш г/д к/ст 114х10-08Х18Н10Т","Т",1,213910,213910,"450063, г. Уфа, ПАО АНК \"Башнефть\" \"Башнефть-Новойл\""]
["Труба из нержавеющей стали","ПАО АНК \"Башнефть\" \"Башнефть-Новойл\"",13,652,"Труба б/ш х/д 325х8 08Х18Н10Т","Т",0.63200000000000001,387240,244735.68,"450063, г. Уфа, ПАО АНК \"Башнефть\" \"Башнефть-Новойл\""]
["Труба из нержавеющей стали","ПАО АНК \"Башнефть\" \"Башнефть-Новойл\"",13,653,"Труба б/ш х/д 325х8 10Х17Н13М2Т","Т",0.35099999999999998,403960,141789.96,"450063, г. Уфа, ПАО АНК \"Башнефть\" \"Башнефть-Новойл\""]
["Труба из нержавеющей стали","ПАО АНК \"Башнефть\" \"Башнефть-Новойл\"",13,654,"Труба б/ш х/д 38х4 08Х18Н10Т МКК","Т",2E-3,212470,424.94,"450063, г. Уфа, ПАО АНК \"Башнефть\" \"Башнефть-Новойл\""]
["Труба из нержавеющей стали","ПАО АНК \"Башнефть\" \"Башнефть-Новойл\"",13,655,"Труба б/ш х/д к/ст 12Х1-12Х18Н10Т","Т",7.0000000000000001E-3,398910,2792.37,"450063, г. Уфа, ПАО АНК \"Башнефть\" \"Башнефть-Новойл\""]
["Труба из нержавеющей стали","ПАО АНК \"Башнефть\" \"Башнефть-Новойл\"",13,656,"Труба б/ш х/д к/ст 159Х6-12Х18Н10Т","Т",0.03,212450,6373.5,"450063, г. Уфа, ПАО АНК \"Башнефть\" \"Башнефть-Новойл\""]
["Труба из нержавеющей стали","ПАО АНК \"Башнефть\" \"Башнефть-Новойл\"",13,657,"Труба б/ш х/д к/ст 159Х6-12Х18Н10Т","Т",2.4350000000000001,212450,517315.75,"450063, г. Уфа, ПАО АНК \"Башнефть\" \"Башнефть-Новойл\""]
["Труба из нержавеющей стали","ПАО АНК \"Башнефть\" \"Башнефть-Новойл\"",13,658,"Труба б/ш х/д к/ст 159Х6-12Х18Н10Т","Т",2.056,192240,395245.44,"450063, г. Уфа, ПАО АНК \"Башнефть\" \"Башнефть-Новойл\""]
["Труба из нержавеющей стали","ПАО АНК \"Башнефть\" \"Башнефть-Новойл\"",13,659,"Труба б/ш х/д к/ст 273Х6-12Х18Н10Т","Т",0.52400000000000002,224580,117679.92,"450063, г. Уфа, ПАО АНК \"Башнефть\" \"Башнефть-Новойл\""]
["Труба из нержавеющей стали","ПАО АНК \"Башнефть\" \"Башнефть-Новойл\"",13,660,"Труба б/ш х/д к/ст 273Х6-12Х18Н10Т","Т",1.0880000000000001,224580,244343.04000000001,"450063, г. Уфа, ПАО АНК \"Башнефть\" \"Башнефть-Новойл\""]
["Труба из нержавеющей стали","ПАО АНК \"Башнефть\" \"Башнефть-Новойл\"",13,661,"Труба б/ш х/д к/ст 273Х6-12Х18Н10Т","Т",7.2999999999999995E-2,224580,16394.34,"450063, г. Уфа, ПАО АНК \"Башнефть\" \"Башнефть-Новойл\""]
["Труба из нержавеющей стали","ПАО АНК \"Башнефть\" \"Башнефть-Новойл\"",13,662,"Труба б/ш х/д к/ст 325Х16-12Х18Н10Т","Т",1.4930000000000001,245280,366203.04000000004,"450063, г. Уфа, ПАО АНК \"Башнефть\" \"Башнефть-Новойл\""]
["Труба из нержавеющей стали","ПАО АНК \"Башнефть\" \"Башнефть-Новойл\"",13,663,"Труба б/ш х/д к/ст 325Х16-12Х18Н10Т","Т",1,245280,245280,"450063, г. Уфа, ПАО АНК \"Башнефть\" \"Башнефть-Новойл\""]
["Труба из нержавеющей стали","ПАО АНК \"Башнефть\" \"Башнефть-Новойл\"",13,664,"Труба б/ш х/д к/ст 325Х16-12Х18Н10Т","Т",0.86199999999999999,245280,211431.36,"450063, г. Уфа, ПАО АНК \"Башнефть\" \"Башнефть-Новойл\""]
["Труба из нержавеющей стали","ПАО АНК \"Башнефть\" \"Башнефть-Новойл\"",13,665,"Труба б/ш х/д к/ст 377х10 10Х17Н13М2Т","Т",0.52,244620,127202.40000000001,"450063, г. Уфа, ПАО АНК \"Башнефть\" \"Башнефть-Новойл\""]
["Труба из нержавеющей стали","ПАО АНК \"Башнефть\" \"Башнефть-Новойл\"",13,666,"Труба б/ш х/д к/ст 45Х4-12Х18Н10Т","Т",2.4E-2,246960,5927.04,"450063, г. Уфа, ПАО АНК \"Башнефть\" \"Башнефть-Новойл\""]
["Труба из нержавеющей стали","ПАО АНК \"Башнефть\" \"Башнефть-Новойл\"",13,667,"Труба б/ш х/д к/ст 45Х4-12Х18Н10Т","Т",2,246960,493920,"450063, г. Уфа, ПАО АНК \"Башнефть\" \"Башнефть-Новойл\""]
["Труба из нержавеющей стали","ПАО АНК \"Башнефть\" \"Башнефть-Новойл\"",13,668,"Труба б/ш х/д к/ст 48Х3,5-10Х17Н13М2Т","Т",1.0999999999999999E-2,340820,3749.02,"450063, г. Уфа, ПАО АНК \"Башнефть\" \"Башнефть-Новойл\""]
["Труба из нержавеющей стали","ПАО АНК \"Башнефть\" \"Башнефть-Новойл\"",13,669,"Труба б/ш х/д к/ст 57х4 15Х25Т","Т",0.53,130200,69006,"450063, г. Уфа, ПАО АНК \"Башнефть\" \"Башнефть-Новойл\""]
["Труба из нержавеющей стали","ПАО АНК \"Башнефть\" \"Башнефть-Новойл\"",13,670,"Труба б/ш х/д к/ст 76Х4-12Х18Н10Т","Т",3.1E-2,314830,9759.73,"450063, г. Уфа, ПАО АНК \"Башнефть\" \"Башнефть-Новойл\""]
["Труба из нержавеющей стали","ПАО АНК \"Башнефть\" \"Башнефть-Новойл\"",13,671,"Труба б/ш х/д к/ст 89Х4,5-10Х17Н13М2Т","Т",0.80700000000000005,415880,335615.16000000003,"450063, г. Уфа, ПАО АНК \"Башнефть\" \"Башнефть-Новойл\""]
["Труба из нержавеющей стали","ПАО АНК \"Башнефть\" \"Башнефть-Новойл\"",13,672,"Труба б/ш х/д к/ст 8х1 08Х18Н10Т","ПМ",105.55,120,12666,"450063, г. Уфа, ПАО АНК \"Башнефть\" \"Башнефть-Новойл\""]
["Труба из нержавеющей стали","ПАО АНК \"Башнефть\" \"Башнефть-Новойл\"",13,673,"Х Труба 325х10 12Х18Н10Т ГОСТ 9941","Т",3.0000000000000001E-3,222620,667.86,"450063, г. Уфа, ПАО АНК \"Башнефть\" \"Башнефть-Новойл\""]
["Труба из углеродистой стали","ПАО АНК \"Башнефть\" \"Башнефть-Новойл\"",14,674,"Труба 1220х20 A387Gr.5Cl2/A691Gr5CrCl22","Т",7.2919999999999998,473810,3455022.52,"450063, г. Уфа, ПАО АНК \"Башнефть\" \"Башнефть-Новойл\""]
["Труба из углеродистой стали","ПАО АНК \"Башнефть\" \"Башнефть-Новойл\"",14,675,"Труба 18х3 09Г2С ГОСТ 8734","ПМ",260,160,41600,"450063, г. Уфа, ПАО АНК \"Башнефть\" \"Башнефть-Новойл\""]
["Труба из углеродистой стали","ПАО АНК \"Башнефть\" \"Башнефть-Новойл\"",14,676,"Труба 18х3 09Г2С ГОСТ 8734","ПМ",104,160,16640,"450063, г. Уфа, ПАО АНК \"Башнефть\" \"Башнефть-Новойл\""]
["Труба из углеродистой стали","ПАО АНК \"Башнефть\" \"Башнефть-Новойл\"",14,677,"Труба 18х3 09Г2С ГОСТ 8734","ПМ",64.2,160,10272,"450063, г. Уфа, ПАО АНК \"Башнефть\" \"Башнефть-Новойл\""]
["Труба из углеродистой стали","ПАО АНК \"Башнефть\" \"Башнефть-Новойл\"",14,678,"Труба 18х3 09Г2С ГОСТ 8734","ПМ",100,160,16000,"450063, г. Уфа, ПАО АНК \"Башнефть\" \"Башнефть-Новойл\""]
["Труба из углеродистой стали","ПАО АНК \"Башнефть\" \"Башнефть-Новойл\"",14,679,"Труба 18х3 09Г2С ГОСТ 8734","ПМ",167.5,160,26800,"450063, г. Уфа, ПАО АНК \"Башнефть\" \"Башнефть-Новойл\""]
["Труба из углеродистой стали","ПАО АНК \"Башнефть\" \"Башнефть-Новойл\"",14,680,"Труба 18х3 20 ГОСТ 8734","ПМ",22.745000000000001,160,3639.2000000000003,"450063, г. Уфа, ПАО АНК \"Башнефть\" \"Башнефть-Новойл\""]
["Труба из углеродистой стали","ПАО АНК \"Башнефть\" \"Башнефть-Новойл\"",14,681,"Труба 18х3 20 ГОСТ 8734","ПМ",8.1029999999999998,160,1296.48,"450063, г. Уфа, ПАО АНК \"Башнефть\" \"Башнефть-Новойл\""]
["Труба из углеродистой стали","ПАО АНК \"Башнефть\" \"Башнефть-Новойл\"",14,682,"Труба 18х3,5 - 20","ПМ",110,140,15400,"450063, г. Уфа, ПАО АНК \"Башнефть\" \"Башнефть-Новойл\""]
["Труба из углеродистой стали","ПАО АНК \"Башнефть\" \"Башнефть-Новойл\"",14,683,"Труба 18х3,5 - 20","ПМ",475.9,140,66626,"450063, г. Уфа, ПАО АНК \"Башнефть\" \"Башнефть-Новойл\""]
["Труба из углеродистой стали","ПАО АНК \"Башнефть\" \"Башнефть-Новойл\"",14,684,"Труба 18х3.5 09Г2С ГОСТ 8734","ПМ",109.5,70,7665,"450063, г. Уфа, ПАО АНК \"Башнефть\" \"Башнефть-Новойл\""]
["Труба из углеродистой стали","ПАО АНК \"Башнефть\" \"Башнефть-Новойл\"",14,685,"Труба 465х40 - 20","Т",1.4830000000000001,100540,149100.82,"450063, г. Уфа, ПАО АНК \"Башнефть\" \"Башнефть-Новойл\""]
["Труба из углеродистой стали","ПАО АНК \"Башнефть\" \"Башнефть-Новойл\"",14,686,"Труба б/ш х/д 18Х3,5 В ст20","Т",19.123999999999999,125790,2405607.96,"450063, г. Уфа, ПАО АНК \"Башнефть\" \"Башнефть-Новойл\""]
["Труба из углеродистой стали","ПАО АНК \"Башнефть\" \"Башнефть-Новойл\"",14,687,"Труба б/ш х/д 18Х3,5 В ст20","Т",13.815,125790,1737788.8499999999,"450063, г. Уфа, ПАО АНК \"Башнефть\" \"Башнефть-Новойл\""]
["Труба из углеродистой стали","ПАО АНК \"Башнефть\" \"Башнефть-Новойл\"",14,688,"Труба б/ш х/д 18Х3,5 В ст20","Т",4.51,125790,567312.9,"450063, г. Уфа, ПАО АНК \"Башнефть\" \"Башнефть-Новойл\""]
["Труба из углеродистой стали","ПАО АНК \"Башнефть\" \"Башнефть-Новойл\"",14,689,"Труба б/ш х/д 18Х3,5 В ст20","Т",2.54,125790,319506.59999999998,"450063, г. Уфа, ПАО АНК \"Башнефть\" \"Башнефть-Новойл\""]
["Труба из углеродистой стали","ПАО АНК \"Башнефть\" \"Башнефть-Новойл\"",14,690,"Труба б/ш х/д 18Х3,5 В ст20","Т",3.7949999999999999,125790,477373.05,"450063, г. Уфа, ПАО АНК \"Башнефть\" \"Башнефть-Новойл\""]
["Труба из углеродистой стали","ПАО АНК \"Башнефть\" \"Башнефть-Новойл\"",14,691,"Труба б/ш х/д 18Х3,5 В ст20","Т",5.0599999999999996,125790,636497.39999999991,"450063, г. Уфа, ПАО АНК \"Башнефть\" \"Башнефть-Новойл\""]
["Труба из углеродистой стали","ПАО АНК \"Башнефть\" \"Башнефть-Новойл\"",14,692,"Труба б/ш х/д 18х4 Ст20","ПМ",54,170,9180,"450063, г. Уфа, ПАО АНК \"Башнефть\" \"Башнефть-Новойл\""]
["Труба из углеродистой стали","ПАО АНК \"Башнефть\" \"Башнефть-Новойл\"",14,693,"Труба б/ш х/д 18х4 Ст20","ПМ",100,170,17000,"450063, г. Уфа, ПАО АНК \"Башнефть\" \"Башнефть-Новойл\""]
["Труба из углеродистой стали","ПАО АНК \"Башнефть\" \"Башнефть-Новойл\"",14,694,"Труба б/ш х/д 18х4 Ст20","ПМ",105,170,17850,"450063, г. Уфа, ПАО АНК \"Башнефть\" \"Башнефть-Новойл\""]
["Труба из углеродистой стали","ПАО АНК \"Башнефть\" \"Башнефть-Новойл\"",14,695,"Труба б/ш х/д 18х4 Ст20","ПМ",6,170,1020,"450063, г. Уфа, ПАО АНК \"Башнефть\" \"Башнефть-Новойл\""]
["Труба из углеродистой стали","ПАО АНК \"Башнефть\" \"Башнефть-Новойл\"",14,696,"Труба б/ш х/д 18х4 Ст20","ПМ",830,170,141100,"450063, г. Уфа, ПАО АНК \"Башнефть\" \"Башнефть-Новойл\""]
["Труба из углеродистой стали","ПАО АНК \"Башнефть\" \"Башнефть-Новойл\"",14,697,"Труба б/ш х/д 18х5 09Г2С","ПМ",17.5,100,1750,"450063, г. Уфа, ПАО АНК \"Башнефть\" \"Башнефть-Новойл\""]
["Труба из углеродистой стали","ПАО АНК \"Башнефть\" \"Башнефть-Новойл\"",14,698,"Труба б/ш х/д 18Х5 В ст20","Т",1,121590,121590,"450063, г. Уфа, ПАО АНК \"Башнефть\" \"Башнефть-Новойл\""]
["Труба из углеродистой стали","ПАО АНК \"Башнефть\" \"Башнефть-Новойл\"",14,699,"Труба б/ш х/д 18Х5 В ст20","Т",1.6E-2,121590,1945.44,"450063, г. Уфа, ПАО АНК \"Башнефть\" \"Башнефть-Новойл\""]
["Труба из углеродистой стали","ПАО АНК \"Башнефть\" \"Башнефть-Новойл\"",14,700,"Труба б/ш х/д 18Х5 В ст20","Т",0.08,121590,9727.2000000000007,"450063, г. Уфа, ПАО АНК \"Башнефть\" \"Башнефть-Новойл\""]
["Труба из углеродистой стали","ПАО АНК \"Башнефть\" \"Башнефть-Новойл\"",14,701,"Труба б/ш х/д 18Х5 В ст20","Т",0.16800000000000001,121590,20427.120000000003,"450063, г. Уфа, ПАО АНК \"Башнефть\" \"Башнефть-Новойл\""]
["Труба из углеродистой стали","ПАО АНК \"Башнефть\" \"Башнефть-Новойл\"",14,702,"Труба б/ш х/д 21Х3 В ст20","Т",15.76,117390,1850066.4,"450063, г. Уфа, ПАО АНК \"Башнефть\" \"Башнефть-Новойл\""]
["Труба чугунная","ПАО АНК \"Башнефть\" \"Башнефть-Новойл\"",15,703,"Труба ВЧШГ-R-300-6000 К13","ШТ",20,13820,276400,"450063, г. Уфа, ПАО АНК \"Башнефть\" \"Башнефть-Новойл\""]
["Труба чугунная","ПАО АНК \"Башнефть\" \"Башнефть-Новойл\"",15,704,"Труба ВЧШГ-R-300-6000 К13","ШТ",47,13910,653770,"450063, г. Уфа, ПАО АНК \"Башнефть\" \"Башнефть-Новойл\""]
["Труба чугунная","ПАО АНК \"Башнефть\" \"Башнефть-Новойл\"",15,705,"Труба ВЧШГ-R-300-6000 К13","ШТ",8,14270,{"$f":"H709*G709","v":114160},"450063, г. Уфа, ПАО АНК \"Башнефть\" \"Башнефть-Новойл\""]
["Труба чугунная","ПАО АНК \"Башнефть\" \"Башнефть-Новойл\"",15,706,"Труба ВЧШГ-R-300-6000 К13","ШТ",47.332999999999998,15520,734608.16,"450063, г. Уфа, ПАО АНК \"Башнефть\" \"Башнефть-Новойл\""]
["Труба чугунная","ПАО АНК \"Башнефть\" \"Башнефть-Новойл\"",15,707,"Труба ВЧШГ-R-300-6000 К13","ШТ",10,15400,154000,"450063, г. Уфа, ПАО АНК \"Башнефть\" \"Башнефть-Новойл\""]
["Труба чугунная","ПАО АНК \"Башнефть\" \"Башнефть-Новойл\"",15,708,"Труба ВЧШГ-R-300-6000 К13","ШТ",10,13820,138200,"450063, г. Уфа, ПАО АНК \"Башнефть\" \"Башнефть-Новойл\""]
["Труба чугунная","ПАО АНК \"Башнефть\" \"Башнефть-Новойл\"",15,709,"Труба раструбная ВЧШГ-Т150-6000","ШТ",12,16700,200400,"450063, г. Уфа, ПАО АНК \"Башнефть\" \"Башнефть-Новойл\""]
["Труба чугунная","ПАО АНК \"Башнефть\" \"Башнефть-Новойл\"",15,710,"Труба раструбная ВЧШГ-Т150-6000","ШТ",2,16700,33400,"450063, г. Уфа, ПАО АНК \"Башнефть\" \"Башнефть-Новойл\""]
["Труба чугунная","ПАО АНК \"Башнефть\" \"Башнефть-Новойл\"",15,711,"Труба раструбная ВЧШГ-Т150-6000","ШТ",4,6830,27320,"450063, г. Уфа, ПАО АНК \"Башнефть\" \"Башнефть-Новойл\""]
["Труба чугунная","ПАО АНК \"Башнефть\" \"Башнефть-Новойл\"",15,712,"Труба раструбная ВЧШГ-Т250-6000","ШТ",1,12920,12920,"450063, г. Уфа, ПАО АНК \"Башнефть\" \"Башнефть-Новойл\""]
["Труба чугунная","ПАО АНК \"Башнефть\" \"Башнефть-Новойл\"",15,713,"Труба раструбная ВЧШГ-Т250-6000","ШТ",8,12920,103360,"450063, г. Уфа, ПАО АНК \"Башнефть\" \"Башнефть-Новойл\""]
["Труба чугунная","ПАО АНК \"Башнефть\" \"Башнефть-Новойл\"",15,714,"Труба раструбная ВЧШГ-Т250-6000","ШТ",8,13090,104720,"450063, г. Уфа, ПАО АНК \"Башнефть\" \"Башнефть-Новойл\""]
["Труба чугунная","ПАО АНК \"Башнефть\" \"Башнефть-Новойл\"",15,715,"Труба раструбная ВЧШГ-Т250-6000","ШТ",13,12920,167960,"450063, г. Уфа, ПАО АНК \"Башнефть\" \"Башнефть-Новойл\""]
["Труба чугунная","ПАО АНК \"Башнефть\" \"Башнефть-Новойл\"",15,716,"Труба раструбная ВЧШГ-Т700-6000","ШТ",13,59610,774930,"450063, г. Уфа, ПАО АНК \"Башнефть\" \"Башнефть-Новойл\""]
["Труба чугунная","ПАО АНК \"Башнефть\" \"Башнефть-Новойл\"",15,717,"Труба раструбная ВЧШГ-Т800-6000","ШТ",4,69400,277600,"450063, г. Уфа, ПАО АНК \"Башнефть\" \"Башнефть-Новойл\""]
["Труба чугунная","ПАО АНК \"Башнефть\" \"Башнефть-Новойл\"",15,718,"Труба раструбная ВЧШГ-Т800-6000","ШТ",8,69400,555200,"450063, г. Уфа, ПАО АНК \"Башнефть\" \"Башнефть-Новойл\""]
["Труба чугунная","ПАО АНК \"Башнефть\" \"Башнефть-Новойл\"",15,719,"Труба раструбная ВЧШГ-Т800-6000","ШТ",8,69400,555200,"450063, г. Уфа, ПАО АНК \"Башнефть\" \"Башнефть-Новойл\""]
["Труба чугунная","ПАО АНК \"Башнефть\" \"Башнефть-Новойл\"",15,720,"Труба чугунная ЧШГТ Ду100 L=6000","ШТ",1,4570,4570,"450063, г. Уфа, ПАО АНК \"Башнефть\" \"Башнефть-Новойл\""]
["Труба чугунная","ПАО АНК \"Башнефть\" \"Башнефть-Новойл\"",15,721,"Труба чугунная ЧШГТ Ду100 L=6000","ШТ",1,4570,4570,"450063, г. Уфа, ПАО АНК \"Башнефть\" \"Башнефть-Новойл\""]
["Трубы водогазопроводные","ПАО АНК \"Башнефть\" \"Башнефть-Новойл\"",16,722,"Труба водогазопроводная 40Х4 ст20","Т",0.03,27300,819,"450063, г. Уфа, ПАО АНК \"Башнефть\" \"Башнефть-Новойл\""]
["Трубы водогазопроводные","ПАО АНК \"Башнефть\" \"Башнефть-Новойл\"",16,723,"Труба водогазопроводная 50Х3,5 ст20","Т",9.1850000000000005,27300,250750.5,"450063, г. Уфа, ПАО АНК \"Башнефть\" \"Башнефть-Новойл\""]
["Трубы водогазопроводные","ПАО АНК \"Башнефть\" \"Башнефть-Новойл\"",16,724,"Труба водогазопроводная 50Х3,5 ст20","Т",17.452999999999999,27300,476466.89999999997,"450063, г. Уфа, ПАО АНК \"Башнефть\" \"Башнефть-Новойл\""]
["Трубы водогазопроводные","ПАО АНК \"Башнефть\" \"Башнефть-Новойл\"",16,725,"Труба водогазопроводная 50Х3,5 ст20","Т",0.54800000000000004,27300,14960.400000000001,"450063, г. Уфа, ПАО АНК \"Башнефть\" \"Башнефть-Новойл\""]
["Трубы водогазопроводные","ПАО АНК \"Башнефть\" \"Башнефть-Новойл\"",16,726,"Труба водогазопроводная 50Х3,5 ст20","Т",2.3660000000000001,27300,64591.8,"450063, г. Уфа, ПАО АНК \"Башнефть\" \"Башнефть-Новойл\""]
["Трубы водогазопроводные","ПАО АНК \"Башнефть\" \"Башнефть-Новойл\"",16,727,"Труба водогазопроводная 50Х3,5 ст2пс","Т",0.38,27300,10374,"450063, г. Уфа, ПАО АНК \"Башнефть\" \"Башнефть-Новойл\""]
["Трубы водогазопроводные","ПАО АНК \"Башнефть\" \"Башнефть-Новойл\"",16,728,"Труба водогазопроводная 50Х3,5 ст3сп","Т",4.4999999999999998E-2,27300,1228.5,"450063, г. Уфа, ПАО АНК \"Башнефть\" \"Башнефть-Новойл\""]
["Трубы водогазопроводные","ПАО АНК \"Башнефть\" \"Башнефть-Новойл\"",16,729,"Труба водогазопроводная 80Х4","Т",5.8999999999999997E-2,33210,1959.3899999999999,"450063, г. Уфа, ПАО АНК \"Башнефть\" \"Башнефть-Новойл\""]
["Трубы водогазопроводные","ПАО АНК \"Башнефть\" \"Башнефть-Новойл\"",16,730,"Труба водогазопроводная Ц-25Х2,8 ст10","Т",1.0999999999999999E-2,27100,298.09999999999997,"450063, г. Уфа, ПАО АНК \"Башнефть\" \"Башнефть-Новойл\""]
["Трубы водогазопроводные","ПАО АНК \"Башнефть\" \"Башнефть-Новойл\"",16,731,"Труба водогазопроводная Ц-40Х3,5 ст2пс","Т",1.9E-2,27100,514.9,"450063, г. Уфа, ПАО АНК \"Башнефть\" \"Башнефть-Новойл\""]
["Трубы водогазопроводные","ПАО АНК \"Башнефть\" \"Башнефть-Новойл\"",16,732,"Труба водогазопроводная Ц-50Х3,5","Т",6.8150000000000004,27100,184686.5,"450063, г. Уфа, ПАО АНК \"Башнефть\" \"Башнефть-Новойл\""]
["Трубы водогазопроводные","ПАО АНК \"Башнефть\" \"Башнефть-Новойл\"",16,733,"Труба водогазопроводная Ц-50Х3,5 ст20","Т",0.47299999999999998,27100,12818.3,"450063, г. Уфа, ПАО АНК \"Башнефть\" \"Башнефть-Новойл\""]
["Трубы водогазопроводные","ПАО АНК \"Башнефть\" \"Башнефть-Новойл\"",16,734,"Труба водогазопроводная Ц-50Х3,5 ст2пс","Т",1.4830000000000001,27100,40189.300000000003,"450063, г. Уфа, ПАО АНК \"Башнефть\" \"Башнефть-Новойл\""]
["Трубы катаные","ПАО АНК \"Башнефть\" \"Башнефть-Новойл\"",17,735,"Труба 406.4х12.7 Gr6 ASTM A333","ПМ",9.65,98160,947244,"450063, г. Уфа, ПАО АНК \"Башнефть\" \"Башнефть-Новойл\""]
["Трубы катаные","ПАО АНК \"Башнефть\" \"Башнефть-Новойл\"",17,736,"Труба б/ш 57х3,5 ТР316Ti","Т",1,280770,280770,"450063, г. Уфа, ПАО АНК \"Башнефть\" \"Башнефть-Новойл\""]
["Трубы катаные","ПАО АНК \"Башнефть\" \"Башнефть-Новойл\"",17,737,"Труба б/ш 57х4 ТР316L","Т",2,280370,560740,"450063, г. Уфа, ПАО АНК \"Башнефть\" \"Башнефть-Новойл\""]
["Трубы катаные","ПАО АНК \"Башнефть\" \"Башнефть-Новойл\"",17,738,"Труба б/ш 89х6 ТР316Ti","Т",3,283020,849060,"450063, г. Уфа, ПАО АНК \"Башнефть\" \"Башнефть-Новойл\""]
["Трубы катаные","ПАО АНК \"Башнефть\" \"Башнефть-Новойл\"",17,739,"Труба б/ш г/д 457х17 В ст20","Т",3.68,51520,189593.60000000001,"450063, г. Уфа, ПАО АНК \"Башнефть\" \"Башнефть-Новойл\""]
["Трубы катаные","ПАО АНК \"Башнефть\" \"Башнефть-Новойл\"",17,740,"Труба б/ш г/д к/ст 60х3-12Х18Н10Т","Т",2.5179999999999998,213910,538625.38,"450063, г. Уфа, ПАО АНК \"Башнефть\" \"Башнефть-Новойл\""]
["Трубы катаные","ПАО АНК \"Башнефть\" \"Башнефть-Новойл\"",17,741,"Труба б/ш х/д 18Х3 В ст20","Т",6.2E-2,125790,7798.98,"450063, г. Уфа, ПАО АНК \"Башнефть\" \"Башнефть-Новойл\""]
["Трубы котельные","ПАО АНК \"Башнефть\" \"Башнефть-Новойл\"",18,742,"Труба 159х9 - 12Х1МФ","Т",0.2,163800,32760,"450063, г. Уфа, ПАО АНК \"Башнефть\" \"Башнефть-Новойл\""]
["Трубы котельные","ПАО АНК \"Башнефть\" \"Башнефть-Новойл\"",18,743,"Труба 159х9 - 12Х1МФ","Т",4.556,163800,746272.8,"450063, г. Уфа, ПАО АНК \"Башнефть\" \"Башнефть-Новойл\""]
["Трубы котельные","ПАО АНК \"Башнефть\" \"Башнефть-Новойл\"",18,744,"Труба 159х9 - 12Х1МФ","Т",0.46600000000000003,163800,76330.8,"450063, г. Уфа, ПАО АНК \"Башнефть\" \"Башнефть-Новойл\""]
["Трубы котельные","ПАО АНК \"Башнефть\" \"Башнефть-Новойл\"",18,745,"Труба 159х9 - 12Х1МФ","Т",0.115,163800,18837,"450063, г. Уфа, ПАО АНК \"Башнефть\" \"Башнефть-Новойл\""]
["Трубы котельные","ПАО АНК \"Башнефть\" \"Башнефть-Новойл\"",18,746,"Труба 159х9 - 12Х1МФ","Т",0.08,163800,13104,"450063, г. Уфа, ПАО АНК \"Башнефть\" \"Башнефть-Новойл\""]
["Трубы котельные","ПАО АНК \"Башнефть\" \"Башнефть-Новойл\"",18,747,"Труба 159х9 - 12Х1МФ","Т",0.12,163800,19656,"450063, г. Уфа, ПАО АНК \"Башнефть\" \"Башнефть-Новойл\""]
["Трубы котельные","ПАО АНК \"Башнефть\" \"Башнефть-Новойл\"",18,748,"Труба 159х9 - 12Х1МФ","Т",0.88500000000000001,163800,144963,"450063, г. Уфа, ПАО АНК \"Башнефть\" \"Башнефть-Новойл\""]
["Трубы котельные","ПАО АНК \"Башнефть\" \"Башнефть-Новойл\"",18,749,"Труба 159х9 - 12Х1МФ","Т",0.151,163800,24733.8,"450063, г. Уфа, ПАО АНК \"Башнефть\" \"Башнефть-Новойл\""]
["Трубы котельные","ПАО АНК \"Башнефть\" \"Башнефть-Новойл\"",18,750,"Труба 159х9 - 12Х1МФ","Т",0.151,163800,24733.8,"450063, г. Уфа, ПАО АНК \"Башнефть\" \"Башнефть-Новойл\""]
["Трубы котельные","ПАО АНК \"Башнефть\" \"Башнефть-Новойл\"",18,751,"Труба 325х13 - 12Х1МФ","Т",1.788,242470,433536.36,"450063, г. Уфа, ПАО АНК \"Башнефть\" \"Башнефть-Новойл\""]
["Трубы котельные","ПАО АНК \"Башнефть\" \"Башнефть-Новойл\"",18,752,"Труба 45х4 - 12Х1МФ","Т",0.47799999999999998,87320,41738.959999999999,"450063, г. Уфа, ПАО АНК \"Башнефть\" \"Башнефть-Новойл\""]
["Трубы котельные","ПАО АНК \"Башнефть\" \"Башнефть-Новойл\"",18,753,"Труба 630х28 15Х1М1Ф","Т",2.0550000000000002,249710,513154.05000000005,"450063, г. Уфа, ПАО АНК \"Башнефть\" \"Башнефть-Новойл\""]
["Трубы котельные","ПАО АНК \"Башнефть\" \"Башнефть-Новойл\"",18,754,"Труба 630х28 15Х1М1Ф","Т",1.7849999999999999,249710,445732.35,"450063, г. Уфа, ПАО АНК \"Башнефть\" \"Башнефть-Новойл\""]
["Трубы котельные","ПАО АНК \"Башнефть\" \"Башнефть-Новойл\"",18,755,"Труба 76х5 - 15ХМ","Т",3.0830000000000002,163800,504995.4,"450063, г. Уфа, ПАО АНК \"Башнефть\" \"Башнефть-Новойл\""]
["Трубы котельные","ПАО АНК \"Башнефть\" \"Башнефть-Новойл\"",18,756,"Труба б/ш г/д 426Х14 ст15Х5М","Т",3.1419999999999999,163800,514659.6,"450063, г. Уфа, ПАО АНК \"Башнефть\" \"Башнефть-Новойл\""]
["Трубы котельные","ПАО АНК \"Башнефть\" \"Башнефть-Новойл\"",18,757,"Труба стальная б/ш Г 108х6 - 12Х1МФ","Т",5.2729999999999997,103320,544806.36,"450063, г. Уфа, ПАО АНК \"Башнефть\" \"Башнефть-Новойл\""]
["Трубы котельные","ПАО АНК \"Башнефть\" \"Башнефть-Новойл\"",18,758,"Труба стальная б/ш Г 219Х10 - 12Х1МФ","Т",0.63900000000000001,103320,66021.48,"450063, г. Уфа, ПАО АНК \"Башнефть\" \"Башнефть-Новойл\""]
["Трубы котельные","ПАО АНК \"Башнефть\" \"Башнефть-Новойл\"",18,759,"Труба стальная б/ш Г 273Х10 - 12Х1МФ","Т",0.28000000000000003,103320,28929.600000000002,"450063, г. Уфа, ПАО АНК \"Башнефть\" \"Башнефть-Новойл\""]
["Трубы котельные","ПАО АНК \"Башнефть\" \"Башнефть-Новойл\"",18,760,"Труба стальная б/ш Г 89х6 - 12Х1МФ","Т",0.84799999999999998,103320,87615.360000000001,"450063, г. Уфа, ПАО АНК \"Башнефть\" \"Башнефть-Новойл\""]
["Трубы котельные","ПАО АНК \"Башнефть\" \"Башнефть-Новойл\"",18,761,"Труба стальная б/ш Г 89х6 - 12Х1МФ","Т",1.99,103320,205606.8,"450063, г. Уфа, ПАО АНК \"Башнефть\" \"Башнефть-Новойл\""]
["Трубы крекинговые","ПАО АНК \"Башнефть\" \"Башнефть-Новойл\"",19,762,"Тр.426х14 15Х1М1Ф ЦЛ ТУ1333-183-00220302","Т",0.29699999999999999,215040,63866.879999999997,"450063, г. Уфа, ПАО АНК \"Башнефть\" \"Башнефть-Новойл\""]
["Трубы крекинговые","ПАО АНК \"Башнефть\" \"Башнефть-Новойл\"",19,763,"Труба 219х16 15Х5М ГОСТ 550","Т",8.1000000000000003E-2,176400,14288.4,"450063, г. Уфа, ПАО АНК \"Башнефть\" \"Башнефть-Новойл\""]
["Трубы крекинговые","ПАО АНК \"Башнефть\" \"Башнефть-Новойл\"",19,764,"Труба 219х16 15Х5М ГОСТ 550","Т",1.0289999999999999,176400,181515.59999999998,"450063, г. Уфа, ПАО АНК \"Башнефть\" \"Башнефть-Новойл\""]
["Трубы крекинговые","ПАО АНК \"Башнефть\" \"Башнефть-Новойл\"",19,765,"Труба 219х22 - 15Х1М1Ф","Т",0.63,176400,111132,"450063, г. Уфа, ПАО АНК \"Башнефть\" \"Башнефть-Новойл\""]
["Трубы крекинговые","ПАО АНК \"Башнефть\" \"Башнефть-Новойл\"",19,766,"Труба 325х14 15Х1М1Ф ЦЛ","Т",1.484,204960,304160.64000000001,"450063, г. Уфа, ПАО АНК \"Башнефть\" \"Башнефть-Новойл\""]
["Трубы крекинговые","ПАО АНК \"Башнефть\" \"Башнефть-Новойл\"",19,767,"Труба 325х16 15Х1М1Ф ТУ 14-3Р-55-2001","Т",0.52,281690,146478.80000000002,"450063, г. Уфа, ПАО АНК \"Башнефть\" \"Башнефть-Новойл\""]
["Трубы крекинговые","ПАО АНК \"Башнефть\" \"Башнефть-Новойл\"",19,768,"Труба 465х16 - 15Х1М1Ф","Т",1.0649999999999999,204960,218282.4,"450063, г. Уфа, ПАО АНК \"Башнефть\" \"Башнефть-Новойл\""]
["Трубы крекинговые","ПАО АНК \"Башнефть\" \"Башнефть-Новойл\"",19,769,"Труба 530х25 - 15Х1М1Ф ЦЛ","Т",0.75600000000000001,270630,{"$f":"H773*G773","v":204596.28},"450063, г. Уфа, ПАО АНК \"Башнефть\" \"Башнефть-Новойл\""]
["Трубы крекинговые","ПАО АНК \"Башнефть\" \"Башнефть-Новойл\"",19,770,"Труба 530х25 - 15Х1М1Ф ЦЛ","Т",2.3E-2,270630,6224.49,"450063, г. Уфа, ПАО АНК \"Башнефть\" \"Башнефть-Новойл\""]
["Трубы крекинговые","ПАО АНК \"Башнефть\" \"Башнефть-Новойл\"",19,771,"Труба 530х25 - 15Х1М1Ф ЦЛ","Т",1.04,270630,281455.2,"450063, г. Уфа, ПАО АНК \"Башнефть\" \"Башнефть-Новойл\""]
["Трубы крекинговые","ПАО АНК \"Башнефть\" \"Башнефть-Новойл\"",19,772,"Труба 530х25 - 15Х1М1Ф ЦЛ","Т",0.78300000000000003,270630,211903.29,"450063, г. Уфа, ПАО АНК \"Башнефть\" \"Башнефть-Новойл\""]
["Трубы крекинговые","ПАО АНК \"Башнефть\" \"Башнефть-Новойл\"",19,773,"Труба 530х25 - 15Х1М1Ф ЦЛ","Т",0.92800000000000005,270630,251144.64,"450063, г. Уфа, ПАО АНК \"Башнефть\" \"Башнефть-Новойл\""]
["Трубы крекинговые","ПАО АНК \"Башнефть\" \"Башнефть-Новойл\"",19,774,"Труба 530х25 - 15Х1М1Ф ЦЛ","Т",0.93700000000000006,270630,253580.31000000003,"450063, г. Уфа, ПАО АНК \"Башнефть\" \"Башнефть-Новойл\""]
["Трубы крекинговые","ПАО АНК \"Башнефть\" \"Башнефть-Новойл\"",19,775,"Труба 530х25 - 15Х1М1Ф ЦЛ","Т",1.2E-2,270630,3247.56,"450063, г. Уфа, ПАО АНК \"Башнефть\" \"Башнефть-Новойл\""]
["Трубы крекинговые","ПАО АНК \"Башнефть\" \"Башнефть-Новойл\"",19,776,"Труба 57х4 - 12Х1МФ","Т",2E-3,85740,171.48,"450063, г. Уфа, ПАО АНК \"Башнефть\" \"Башнефть-Новойл\""]
["Трубы крекинговые","ПАО АНК \"Башнефть\" \"Башнефть-Новойл\"",19,777,"Труба 720х25 - 15Х1М1Ф ЦЛ","Т",14.808999999999999,295680,4378725.12,"450063, г. Уфа, ПАО АНК \"Башнефть\" \"Башнефть-Новойл\""]
["Трубы крекинговые","ПАО АНК \"Башнефть\" \"Башнефть-Новойл\"",19,778,"Труба 720х25 - 15Х1М1Ф ЦЛ","Т",7.7169999999999996,295680,2281762.56,"450063, г. Уфа, ПАО АНК \"Башнефть\" \"Башнефть-Новойл\""]
["Трубы крекинговые","ПАО АНК \"Башнефть\" \"Башнефть-Новойл\"",19,779,"Труба 720х25 - 15Х1М1Ф ЦЛ","Т",0.877,295680,259311.35999999999,"450063, г. Уфа, ПАО АНК \"Башнефть\" \"Башнефть-Новойл\""]
["Трубы крекинговые","ПАО АНК \"Башнефть\" \"Башнефть-Новойл\"",19,780,"Труба 720х25 - 15Х1М1Ф ЦЛ","Т",3.3620000000000001,295680,994076.16000000003,"450063, г. Уфа, ПАО АНК \"Башнефть\" \"Башнефть-Новойл\""]
["Трубы крекинговые","ПАО АНК \"Башнефть\" \"Башнефть-Новойл\"",19,781,"Труба б/ш А-127Х8 ст15Х5М","Т",5.8999999999999997E-2,163800,9664.1999999999989,"450063, г. Уфа, ПАО АНК \"Башнефть\" \"Башнефть-Новойл\""]
["Трубы крекинговые","ПАО АНК \"Башнефть\" \"Башнефть-Новойл\"",19,782,"Труба б/ш А-127Х8 ст15Х5М","Т",0.26,163800,42588,"450063, г. Уфа, ПАО АНК \"Башнефть\" \"Башнефть-Новойл\""]
["Трубы крекинговые","ПАО АНК \"Башнефть\" \"Башнефть-Новойл\"",19,783,"Труба б/ш А-127Х8 ст15Х5М","Т",0.14000000000000001,163800,22932.000000000004,"450063, г. Уфа, ПАО АНК \"Башнефть\" \"Башнефть-Новойл\""]
["Трубы крекинговые","ПАО АНК \"Башнефть\" \"Башнефть-Новойл\"",19,784,"Труба б/ш А-127Х8 ст15Х5М","Т",0.19500000000000001,163800,31941,"450063, г. Уфа, ПАО АНК \"Башнефть\" \"Башнефть-Новойл\""]
["Трубы крекинговые","ПАО АНК \"Башнефть\" \"Башнефть-Новойл\"",19,785,"Труба б/ш А-152х8х12100 ст15Х5М","Т",0.7,163800,114660,"450063, г. Уфа, ПАО АНК \"Башнефть\" \"Башнефть-Новойл\""]
["Трубы крекинговые","ПАО АНК \"Башнефть\" \"Башнефть-Новойл\"",19,786,"Труба б/ш Б-102Х10 ст15Х5М","Т",0.23699999999999999,163800,38820.6,"450063, г. Уфа, ПАО АНК \"Башнефть\" \"Башнефть-Новойл\""]
["Трубы крекинговые","ПАО АНК \"Башнефть\" \"Башнефть-Новойл\"",19,787,"Труба б/ш Б-108Х7 ст15Х5М","Т",0.10299999999999999,163800,16871.399999999998,"450063, г. Уфа, ПАО АНК \"Башнефть\" \"Башнефть-Новойл\""]
["Трубы крекинговые","ПАО АНК \"Башнефть\" \"Башнефть-Новойл\"",19,788,"Труба б/ш Б-108Х7 ст15Х5М","Т",7.0999999999999994E-2,163800,11629.8,"450063, г. Уфа, ПАО АНК \"Башнефть\" \"Башнефть-Новойл\""]
["Трубы крекинговые","ПАО АНК \"Башнефть\" \"Башнефть-Новойл\"",19,789,"Труба б/ш Б-219Х8 ст15Х5М","Т",8.6999999999999994E-2,163800,14250.599999999999,"450063, г. Уфа, ПАО АНК \"Башнефть\" \"Башнефть-Новойл\""]
["Трубы крекинговые","ПАО АНК \"Башнефть\" \"Башнефть-Новойл\"",19,790,"Труба б/ш Б-219Х8 ст15Х5М","Т",5.0999999999999997E-2,163800,8353.7999999999993,"450063, г. Уфа, ПАО АНК \"Башнефть\" \"Башнефть-Новойл\""]
["Трубы крекинговые","ПАО АНК \"Башнефть\" \"Башнефть-Новойл\"",19,791,"Труба б/ш Б-273х14 ст15Х5М","Т",2.105,163800,344799,"450063, г. Уфа, ПАО АНК \"Башнефть\" \"Башнефть-Новойл\""]
["Трубы крекинговые","ПАО АНК \"Башнефть\" \"Башнефть-Новойл\"",19,792,"Труба б/ш Б-273х20 ст15Х5М","Т",0.86099999999999999,163800,141031.79999999999,"450063, г. Уфа, ПАО АНК \"Башнефть\" \"Башнефть-Новойл\""]
["Трубы крекинговые","ПАО АНК \"Башнефть\" \"Башнефть-Новойл\"",19,793,"Труба б/ш Б-273х20 ст15Х5М","Т",0.65300000000000002,163800,106961.40000000001,"450063, г. Уфа, ПАО АНК \"Башнефть\" \"Башнефть-Новойл\""]
["Трубы крекинговые","ПАО АНК \"Башнефть\" \"Башнефть-Новойл\"",19,794,"Труба б/ш Б-273х20 ст15Х5М","Т",1,163800,163800,"450063, г. Уфа, ПАО АНК \"Башнефть\" \"Башнефть-Новойл\""]
["Трубы крекинговые","ПАО АНК \"Башнефть\" \"Башнефть-Новойл\"",19,795,"Труба б/ш Б-530Х10 ст15Х5М","Т",5.3979999999999997,163800,884192.39999999991,"450063, г. Уфа, ПАО АНК \"Башнефть\" \"Башнефть-Новойл\""]
["Трубы крекинговые","ПАО АНК \"Башнефть\" \"Башнефть-Новойл\"",19,796,"Труба б/ш Б-530Х10 ст15Х5М","Т",1.43,163800,234234,"450063, г. Уфа, ПАО АНК \"Башнефть\" \"Башнефть-Новойл\""]
["Трубы крекинговые","ПАО АНК \"Башнефть\" \"Башнефть-Новойл\"",19,797,"Труба б/ш Б-57Х10 ст15Х5М","Т",1.7999999999999999E-2,163800,2948.3999999999996,"450063, г. Уфа, ПАО АНК \"Башнефть\" \"Башнефть-Новойл\""]
["Трубы крекинговые","ПАО АНК \"Башнефть\" \"Башнефть-Новойл\"",19,798,"Труба б/ш Б-57Х10 ст15Х5М","Т",1.9219999999999999,163800,314823.59999999998,"450063, г. Уфа, ПАО АНК \"Башнефть\" \"Башнефть-Новойл\""]
["Трубы крекинговые","ПАО АНК \"Башнефть\" \"Башнефть-Новойл\"",19,799,"Труба б/ш г/д 377х18 Б ст15Х5М","Т",2.4180000000000001,270750,654673.5,"450063, г. Уфа, ПАО АНК \"Башнефть\" \"Башнефть-Новойл\""]
["Трубы крекинговые","ПАО АНК \"Башнефть\" \"Башнефть-Новойл\"",19,800,"Труба б/ш г/д 377х18 Б ст15Х5М","Т",1.21,270360,327135.59999999998,"450063, г. Уфа, ПАО АНК \"Башнефть\" \"Башнефть-Новойл\""]
["Трубы электросврные","ПАО АНК \"Башнефть\" \"Башнефть-Новойл\"",20,801,"Труба э/св 159Х4,5 В ст10","Т",10.28,28540,293391.19999999995,"450063, г. Уфа, ПАО АНК \"Башнефть\" \"Башнефть-Новойл\""]
["Трубы электросврные","ПАО АНК \"Башнефть\" \"Башнефть-Новойл\"",20,802,"Труба э/св 159Х4,5 В ст10","Т",23.032,28540,657333.28,"450063, г. Уфа, ПАО АНК \"Башнефть\" \"Башнефть-Новойл\""]
["Трубы электросврные","ПАО АНК \"Башнефть\" \"Башнефть-Новойл\"",20,803,"Труба э/св 159Х4,5 В ст10","Т",22.247,28540,634929.38,"450063, г. Уфа, ПАО АНК \"Башнефть\" \"Башнефть-Новойл\""]
["Трубы электросврные","ПАО АНК \"Башнефть\" \"Башнефть-Новойл\"",20,804,"Труба э/св 159Х4,5 В ст10","Т",0.76500000000000001,28540,21833.100000000002,"450063, г. Уфа, ПАО АНК \"Башнефть\" \"Башнефть-Новойл\""]
["Фланцы","ПАО АНК \"Башнефть\" \"Башнефть-Новойл\"",21,805,"Контрафланец FFZ102-050040-00","ШТ",4,1928.2,7712.8,"450063, г. Уфа, ПАО АНК \"Башнефть\" \"Башнефть-Новойл\""]
["Фланцы","ПАО АНК \"Башнефть\" \"Башнефть-Новойл\"",21,806,"Контрафланец FFZ102-050040-00","ШТ",2,1928.2,3856.4,"450063, г. Уфа, ПАО АНК \"Башнефть\" \"Башнефть-Новойл\""]
["Фланцы","ПАО АНК \"Башнефть\" \"Башнефть-Новойл\"",21,807,"Контрафланец FFZ103-000050-00","ШТ",4,1698.5,6794,"450063, г. Уфа, ПАО АНК \"Башнефть\" \"Башнефть-Новойл\""]
["Фланцы","ПАО АНК \"Башнефть\" \"Башнефть-Новойл\"",21,808,"Контрафланец FFZ103-000050-00","ШТ",2,1698.5,3397,"450063, г. Уфа, ПАО АНК \"Башнефть\" \"Башнефть-Новойл\""]
["Фланцы","ПАО АНК \"Башнефть\" \"Башнефть-Новойл\"",21,809,"Контр-фланец FFZ103-000031-00","ШТ",2,1426.5,2853,"450063, г. Уфа, ПАО АНК \"Башнефть\" \"Башнефть-Новойл\""]
["Фланцы","ПАО АНК \"Башнефть\" \"Башнефть-Новойл\"",21,810,"Контр-фланец FFZ103-000090-00","ШТ",4,3581.4,14325.6,"450063, г. Уфа, ПАО АНК \"Башнефть\" \"Башнефть-Новойл\""]
["Фланцы","ПАО АНК \"Башнефть\" \"Башнефть-Новойл\"",21,811,"Контр-фланец FFZ103-000090-00","ШТ",2,3499.8,6999.6,"450063, г. Уфа, ПАО АНК \"Башнефть\" \"Башнефть-Новойл\""]
["Фланцы","ПАО АНК \"Башнефть\" \"Башнефть-Новойл\"",21,812,"Фланец 1-1200-6 Ст20","ШТ",2,8670,17340,"450063, г. Уфа, ПАО АНК \"Башнефть\" \"Башнефть-Новойл\""]
["Фланцы","ПАО АНК \"Башнефть\" \"Башнефть-Новойл\"",21,813,"Фланец 1-1200-6 Ст20","ШТ",4,8670,34680,"450063, г. Уфа, ПАО АНК \"Башнефть\" \"Башнефть-Новойл\""]
["Фланцы","ПАО АНК \"Башнефть\" \"Башнефть-Новойл\"",21,814,"Фланец 1-1200-6 Ст20","ШТ",8,8670,69360,"450063, г. Уфа, ПАО АНК \"Башнефть\" \"Башнефть-Новойл\""]
["Фланцы","ПАО АНК \"Башнефть\" \"Башнефть-Новойл\"",21,815,"Фланец 1-125-16 12Х18Н10Т","ШТ",1,1440,1440,"450063, г. Уфа, ПАО АНК \"Башнефть\" \"Башнефть-Новойл\""]
["Фланцы","ПАО АНК \"Башнефть\" \"Башнефть-Новойл\"",21,816,"Фланец 1-200-160 Ст20","ШТ",5,7730,38650,"450063, г. Уфа, ПАО АНК \"Башнефть\" \"Башнефть-Новойл\""]
["Фланцы","ПАО АНК \"Башнефть\" \"Башнефть-Новойл\"",21,817,"Фланец 1-350-2.5 Ст20","ШТ",14,1620,22680,"450063, г. Уфа, ПАО АНК \"Башнефть\" \"Башнефть-Новойл\""]
["Фланцы","ПАО АНК \"Башнефть\" \"Башнефть-Новойл\"",21,818,"Фланец 1-40-16 15Х5М ГОСТ 12821","ШТ",3,90,270,"450063, г. Уфа, ПАО АНК \"Башнефть\" \"Башнефть-Новойл\""]
["Фланцы","ПАО АНК \"Башнефть\" \"Башнефть-Новойл\"",21,819,"Фланец 1-65-6 Ст15ХМ","ШТ",1,1490,1490,"450063, г. Уфа, ПАО АНК \"Башнефть\" \"Башнефть-Новойл\""]
["Фланцы","ПАО АНК \"Башнефть\" \"Башнефть-Новойл\"",21,820,"Фланец 2-100-100 12Х18Н10Т","ШТ",2,7770,15540,"450063, г. Уфа, ПАО АНК \"Башнефть\" \"Башнефть-Новойл\""]
["Фланцы","ПАО АНК \"Башнефть\" \"Башнефть-Новойл\"",21,821,"Фланец 2-10-40 12Х18Н10Т","ШТ",2,780,1560,"450063, г. Уфа, ПАО АНК \"Башнефть\" \"Башнефть-Новойл\""]
["Фланцы","ПАО АНК \"Башнефть\" \"Башнефть-Новойл\"",21,822,"Фланец 2-10-40 12Х18Н10Т","ШТ",1,780,780,"450063, г. Уфа, ПАО АНК \"Башнефть\" \"Башнефть-Новойл\""]
["Фланцы","ПАО АНК \"Башнефть\" \"Башнефть-Новойл\"",21,823,"Фланец 2-1400-0,6-150 Ст20","ШТ",1,34180,34180,"450063, г. Уфа, ПАО АНК \"Башнефть\" \"Башнефть-Новойл\""]
["Фланцы","ПАО АНК \"Башнефть\" \"Башнефть-Новойл\"",21,824,"Фланец 2-1400-0,6-150 Ст20","ШТ",1,34180,34180,"450063, г. Уфа, ПАО АНК \"Башнефть\" \"Башнефть-Новойл\""]
["Фланцы","ПАО АНК \"Башнефть\" \"Башнефть-Новойл\"",21,825,"Фланец 2-15-10 Ст20","ШТ",118,10,1180,"450063, г. Уфа, ПАО АНК \"Башнефть\" \"Башнефть-Новойл\""]
["Фланцы","ПАО АНК \"Башнефть\" \"Башнефть-Новойл\"",21,826,"Фланец 2-15-16 09Г2С ГОСТ 12821","ШТ",1,200,200,"450063, г. Уфа, ПАО АНК \"Башнефть\" \"Башнефть-Новойл\""]
["Фланцы","ПАО АНК \"Башнефть\" \"Башнефть-Новойл\"",21,827,"Фланец 2-50-160 Ст20","ШТ",2,890,1780,"450063, г. Уфа, ПАО АНК \"Башнефть\" \"Башнефть-Новойл\""]
["Фланцы","ПАО АНК \"Башнефть\" \"Башнефть-Новойл\"",21,828,"Фланец 2-50-160 Ст20","ШТ",8,920,7360,"450063, г. Уфа, ПАО АНК \"Башнефть\" \"Башнефть-Новойл\""]
["Фланцы","ПАО АНК \"Башнефть\" \"Башнефть-Новойл\"",21,829,"Фланец 2-50-160 Ст20","ШТ",2,940,1880,"450063, г. Уфа, ПАО АНК \"Башнефть\" \"Башнефть-Новойл\""]
["Фланцы","ПАО АНК \"Башнефть\" \"Башнефть-Новойл\"",21,830,"Фланец 2-700-40 15ХМ","ШТ",2,42630,85260,"450063, г. Уфа, ПАО АНК \"Башнефть\" \"Башнефть-Новойл\""]
["Фланцы","ПАО АНК \"Башнефть\" \"Башнефть-Новойл\"",21,831,"Фланец 2-80-10 10Г2 ГОСТ 12821","ШТ",1,50,50,"450063, г. Уфа, ПАО АНК \"Башнефть\" \"Башнефть-Новойл\""]
["Фланцы","ПАО АНК \"Башнефть\" \"Башнефть-Новойл\"",21,832,"Фланец 3-100-100 08Х18Н10Т","ШТ",4,7770,31080,"450063, г. Уфа, ПАО АНК \"Башнефть\" \"Башнефть-Новойл\""]
["Фланцы","ПАО АНК \"Башнефть\" \"Башнефть-Новойл\"",21,833,"Фланец 3-10-40 12Х18Н10Т","ШТ",3,780,{"$f":"H837*G837","v":2340},"450063, г. Уфа, ПАО АНК \"Башнефть\" \"Башнефть-Новойл\""]
["Фланцы","ПАО АНК \"Башнефть\" \"Башнефть-Новойл\"",21,834,"Фланец 3-1400-0,6-150 Ст20","ШТ",2,34760,69520,"450063, г. Уфа, ПАО АНК \"Башнефть\" \"Башнефть-Новойл\""]
["Фланцы","ПАО АНК \"Башнефть\" \"Башнефть-Новойл\"",21,835,"Фланец 3-15-40 06ХН28МДТ МКК","ШТ",12,2250,27000,"450063, г. Уфа, ПАО АНК \"Башнефть\" \"Башнефть-Новойл\""]
["Фланцы","ПАО АНК \"Башнефть\" \"Башнефть-Новойл\"",21,836,"Фланец 3-250-16 12Х18Н10Т МКК","ШТ",3,14090,42270,"450063, г. Уфа, ПАО АНК \"Башнефть\" \"Башнефть-Новойл\""]
["Фланцы","ПАО АНК \"Башнефть\" \"Башнефть-Новойл\"",21,837,"Фланец 3-32-40 08Х18Н10Т МКК","ШТ",3,1400,4200,"450063, г. Уфа, ПАО АНК \"Башнефть\" \"Башнефть-Новойл\""]
["Фланцы","ПАО АНК \"Башнефть\" \"Башнефть-Новойл\"",21,838,"Фланец 3-32-40 12Х18Н10Т МКК","ШТ",2,1400,2800,"450063, г. Уфа, ПАО АНК \"Башнефть\" \"Башнефть-Новойл\""]
["Фланцы","ПАО АНК \"Башнефть\" \"Башнефть-Новойл\"",21,839,"Фланец 3-32-40 12Х18Н10Т МКК","ШТ",8,1400,11200,"450063, г. Уфа, ПАО АНК \"Башнефть\" \"Башнефть-Новойл\""]
["Фланцы","ПАО АНК \"Башнефть\" \"Башнефть-Новойл\"",21,840,"Фланец 3-32-63 12Х18Н9Т","ШТ",1,1560,1560,"450063, г. Уфа, ПАО АНК \"Башнефть\" \"Башнефть-Новойл\""]
["Фланцы","ПАО АНК \"Башнефть\" \"Башнефть-Новойл\"",21,841,"Фланец 3-32-63 12Х18Н9Т","ШТ",1,1510,1510,"450063, г. Уфа, ПАО АНК \"Башнефть\" \"Башнефть-Новойл\""]
["Фланцы","ПАО АНК \"Башнефть\" \"Башнефть-Новойл\"",21,842,"Фланец 3-32-63 Ст20","ШТ",1,350,350,"450063, г. Уфа, ПАО АНК \"Башнефть\" \"Башнефть-Новойл\""]
["Фланцы","ПАО АНК \"Башнефть\" \"Башнефть-Новойл\"",21,843,"Фланец 3-50-6 Ст20","ШТ",1,170,170,"450063, г. Уфа, ПАО АНК \"Башнефть\" \"Башнефть-Новойл\""]
["Фланцы","ПАО АНК \"Башнефть\" \"Башнефть-Новойл\"",21,844,"Фланец 3-80-100 Ст20","ШТ",4,980,3920,"450063, г. Уфа, ПАО АНК \"Башнефть\" \"Башнефть-Новойл\""]
["Фланцы","ПАО АНК \"Башнефть\" \"Башнефть-Новойл\"",21,845,"Фланец 3-80-16 06ХН28МДТ МКК","ШТ",2,11450,22900,"450063, г. Уфа, ПАО АНК \"Башнефть\" \"Башнефть-Новойл\""]
["Фланцы","ПАО АНК \"Башнефть\" \"Башнефть-Новойл\"",21,846,"Фланец 4-100-16 12Х18Н10Т","ШТ",1,4350,4350,"450063, г. Уфа, ПАО АНК \"Башнефть\" \"Башнефть-Новойл\""]
["Фланцы","ПАО АНК \"Башнефть\" \"Башнефть-Новойл\"",21,847,"Фланец 4-125-16 08Х18Н10Т","ШТ",4,8900,35600,"450063, г. Уфа, ПАО АНК \"Башнефть\" \"Башнефть-Новойл\""]
["Фланцы","ПАО АНК \"Башнефть\" \"Башнефть-Новойл\"",21,848,"Фланец 4-150-16 15Х5М","ШТ",2,1870,3740,"450063, г. Уфа, ПАО АНК \"Башнефть\" \"Башнефть-Новойл\""]
["Фланцы","ПАО АНК \"Башнефть\" \"Башнефть-Новойл\"",21,849,"Фланец 4-300-16 15Х5М","ШТ",1,5590,5590,"450063, г. Уфа, ПАО АНК \"Башнефть\" \"Башнефть-Новойл\""]
["Фланцы","ПАО АНК \"Башнефть\" \"Башнефть-Новойл\"",21,850,"Фланец 4-400-16 12Х18Н10Т","ШТ",1,18990,18990,"450063, г. Уфа, ПАО АНК \"Башнефть\" \"Башнефть-Новойл\""]
["Фланцы","ПАО АНК \"Башнефть\" \"Башнефть-Новойл\"",21,851,"Фланец 4-600-16 Ст20","ШТ",4,11510,46040,"450063, г. Уфа, ПАО АНК \"Башнефть\" \"Башнефть-Новойл\""]
["Фланцы","ПАО АНК \"Башнефть\" \"Башнефть-Новойл\"",21,852,"Фланец 4-600-40 09Г2С","ШТ",2,27930,55860,"450063, г. Уфа, ПАО АНК \"Башнефть\" \"Башнефть-Новойл\""]
["Фланцы","ПАО АНК \"Башнефть\" \"Башнефть-Новойл\"",21,853,"Фланец 5-150-25 12Х18Н10Т","ШТ",1,3830,3830,"450063, г. Уфа, ПАО АНК \"Башнефть\" \"Башнефть-Новойл\""]
["Фланцы","ПАО АНК \"Башнефть\" \"Башнефть-Новойл\"",21,854,"Фланец 5-25-25 Ст20 ГОСТ 12821","ШТ",2,250,500,"450063, г. Уфа, ПАО АНК \"Башнефть\" \"Башнефть-Новойл\""]
["Фланцы","ПАО АНК \"Башнефть\" \"Башнефть-Новойл\"",21,855,"Фланец 5-25-63 Ст20","ШТ",4,270,1080,"450063, г. Уфа, ПАО АНК \"Башнефть\" \"Башнефть-Новойл\""]
["Фланцы","ПАО АНК \"Башнефть\" \"Башнефть-Новойл\"",21,856,"Фланец 5-50-16 12Х18Н10Т","ШТ",1,1690,1690,"450063, г. Уфа, ПАО АНК \"Башнефть\" \"Башнефть-Новойл\""]
["Фланцы","ПАО АНК \"Башнефть\" \"Башнефть-Новойл\"",21,857,"Фланец 7-15-63 15ХМ","ШТ",5,740,3700,"450063, г. Уфа, ПАО АНК \"Башнефть\" \"Башнефть-Новойл\""]
["Фланцы","ПАО АНК \"Башнефть\" \"Башнефть-Новойл\"",21,858,"Фланец 7-250-100 08Х18Н10Т","ШТ",1,54090,54090,"450063, г. Уфа, ПАО АНК \"Башнефть\" \"Башнефть-Новойл\""]
["Фланцы","ПАО АНК \"Башнефть\" \"Башнефть-Новойл\"",21,859,"Фланец 7-250-100 08Х18Н10Т","ШТ",1,54090,54090,"450063, г. Уфа, ПАО АНК \"Башнефть\" \"Башнефть-Новойл\""]
["Фланцы","ПАО АНК \"Башнефть\" \"Башнефть-Новойл\"",21,860,"Фланец 7-25-63 12Х18Н10Т","ШТ",3,1460,4380,"450063, г. Уфа, ПАО АНК \"Башнефть\" \"Башнефть-Новойл\""]
["Фланцы","ПАО АНК \"Башнефть\" \"Башнефть-Новойл\"",21,861,"Фланец DN25 09Г2С МТО-200-12","ШТ",1,440,440,"450063, г. Уфа, ПАО АНК \"Башнефть\" \"Башнефть-Новойл\""]
["Фланцы","ПАО АНК \"Башнефть\" \"Башнефть-Новойл\"",21,862,"Фланец DN40 09Г2С МТО-201-12","ШТ",1,430,430,"450063, г. Уфа, ПАО АНК \"Башнефть\" \"Башнефть-Новойл\""]
["Фланцы","ПАО АНК \"Башнефть\" \"Башнефть-Новойл\"",21,863,"Фланец WN CL150 RF NPS 8\" ст20","ШТ",2,4680,9360,"450063, г. Уфа, ПАО АНК \"Башнефть\" \"Башнефть-Новойл\""]
["Фланцы","ПАО АНК \"Башнефть\" \"Башнефть-Новойл\"",21,864,"Фланец WN CL600 RF 6\" ст15ХМ","ШТ",2,7730,15460,"450063, г. Уфа, ПАО АНК \"Башнефть\" \"Башнефть-Новойл\""]
["Фланцы","ПАО АНК \"Башнефть\" \"Башнефть-Новойл\"",21,865,"Фланец WN CL600 RF 6\" ст15ХМ","ШТ",2,7730,15460,"450063, г. Уфа, ПАО АНК \"Башнефть\" \"Башнефть-Новойл\""]
["Фланцы","ПАО АНК \"Башнефть\" \"Башнефть-Новойл\"",21,866,"Фланец Ду150 Ру20 09Г2С","ШТ",1,2500,2500,"450063, г. Уфа, ПАО АНК \"Башнефть\" \"Башнефть-Новойл\""]
["Фланцы","ПАО АНК \"Башнефть\" \"Башнефть-Новойл\"",21,867,"Фланец Ду25 Ру20 09Г2С","ШТ",2,710,1420,"450063, г. Уфа, ПАО АНК \"Башнефть\" \"Башнефть-Новойл\""]
["Фланцы","ПАО АНК \"Башнефть\" \"Башнефть-Новойл\"",21,868,"Фланец Ду50 Ру20 09Г2С","ШТ",1,1010,1010,"450063, г. Уфа, ПАО АНК \"Башнефть\" \"Башнефть-Новойл\""]
["Фланцы","ПАО АНК \"Башнефть\" \"Башнефть-Новойл\"",21,869,"Фланец Ду65 Ру20 Ст20","ШТ",2,2440,4880,"450063, г. Уфа, ПАО АНК \"Башнефть\" \"Башнефть-Новойл\""]
["Фланцы","ПАО АНК \"Башнефть\" \"Башнефть-Новойл\"",21,870,"Фланец опорный 1ФО-08","ШТ",5,320,1600,"450063, г. Уфа, ПАО АНК \"Башнефть\" \"Башнефть-Новойл\""]
["Фланцы","ПАО АНК \"Башнефть\" \"Башнефть-Новойл\"",21,871,"Фланец опорный 1ФО-10","ШТ",5,320,1600,"450063, г. Уфа, ПАО АНК \"Башнефть\" \"Башнефть-Новойл\""]
["Фланцы","ПАО АНК \"Башнефть\" \"Башнефть-Новойл\"",21,872,"Фланец опорный 1ФО-12","ШТ",4,320,1280,"450063, г. Уфа, ПАО АНК \"Башнефть\" \"Башнефть-Новойл\""]
["Фланцы","ПАО АНК \"Башнефть\" \"Башнефть-Новойл\"",21,873,"Фланец опорный 1ФО-14","ШТ",2,320,640,"450063, г. Уфа, ПАО АНК \"Башнефть\" \"Башнефть-Новойл\""]
["Фланцы","ПАО АНК \"Башнефть\" \"Башнефть-Новойл\"",21,874,"Фланец опорный 1ФО-16","ШТ",1,320,320,"450063, г. Уфа, ПАО АНК \"Башнефть\" \"Башнефть-Новойл\""]
["Фланцы","ПАО АНК \"Башнефть\" \"Башнефть-Новойл\"",21,875,"Фланец опорный 2ФО-36","ШТ",1,320,320,"450063, г. Уфа, ПАО АНК \"Башнефть\" \"Башнефть-Новойл\""]
["Фланцы","ПАО АНК \"Башнефть\" \"Башнефть-Новойл\"",21,876,"Фланец плоск.привар. 1-150-10 ст20","ШТ",1,440,440,"450063, г. Уфа, ПАО АНК \"Башнефть\" \"Башнефть-Новойл\""]
["Фланцы","ПАО АНК \"Башнефть\" \"Башнефть-Новойл\"",21,877,"Фланец плоск.привар. 1-150-10 ст20","ШТ",4,440,1760,"450063, г. Уфа, ПАО АНК \"Башнефть\" \"Башнефть-Новойл\""]
["Фланцы","ПАО АНК \"Башнефть\" \"Башнефть-Новойл\"",21,878,"Фланец плоск.привар. 1-150-10 ст20","ШТ",8,440,3520,"450063, г. Уфа, ПАО АНК \"Башнефть\" \"Башнефть-Новойл\""]
["Фланцы","ПАО АНК \"Башнефть\" \"Башнефть-Новойл\"",21,879,"Фланец плоск.привар. 1-150-10 ст20","ШТ",1,440,440,"450063, г. Уфа, ПАО АНК \"Башнефть\" \"Башнефть-Новойл\""]
["Фланцы","ПАО АНК \"Башнефть\" \"Башнефть-Новойл\"",21,880,"Фланец плоск.привар. 1-150-10 ст20","ШТ",8,440,3520,"450063, г. Уфа, ПАО АНК \"Башнефть\" \"Башнефть-Новойл\""]
["Фланцы","ПАО АНК \"Башнефть\" \"Башнефть-Новойл\"",21,881,"Фланец плоск.привар. 1-150-10 ст20","ШТ",2,440,880,"450063, г. Уфа, ПАО АНК \"Башнефть\" \"Башнефть-Новойл\""]
["Фланцы","ПАО АНК \"Башнефть\" \"Башнефть-Новойл\"",21,882,"Фланец плоск.привар. 1-150-2,5 ст20","ШТ",8,750,6000,"450063, г. Уфа, ПАО АНК \"Башнефть\" \"Башнефть-Новойл\""]
["Фланцы","ПАО АНК \"Башнефть\" \"Башнефть-Новойл\"",21,883,"Фланец плоск.привар. 1-150-25 ст20","ШТ",26,1140,29640,"450063, г. Уфа, ПАО АНК \"Башнефть\" \"Башнефть-Новойл\""]
["Фланцы","ПАО АНК \"Башнефть\" \"Башнефть-Новойл\"",21,884,"Фланец плоск.привар. 1-150-25 ст20","ШТ",10,1140,11400,"450063, г. Уфа, ПАО АНК \"Башнефть\" \"Башнефть-Новойл\""]
["Фланцы","ПАО АНК \"Башнефть\" \"Башнефть-Новойл\"",21,885,"Фланец плоск.привар. 1-150-25 ст20","ШТ",2,1140,2280,"450063, г. Уфа, ПАО АНК \"Башнефть\" \"Башнефть-Новойл\""]
["Фланцы","ПАО АНК \"Башнефть\" \"Башнефть-Новойл\"",21,886,"Фланец плоск.привар. 1-150-25 ст20","ШТ",60,1140,68400,"450063, г. Уфа, ПАО АНК \"Башнефть\" \"Башнефть-Новойл\""]
["Фланцы","ПАО АНК \"Башнефть\" \"Башнефть-Новойл\"",21,887,"Фланец плоск.привар. 1-150-25 ст20","ШТ",3,1140,3420,"450063, г. Уфа, ПАО АНК \"Башнефть\" \"Башнефть-Новойл\""]
["Фланцы","ПАО АНК \"Башнефть\" \"Башнефть-Новойл\"",21,888,"Фланец плоск.привар. 1-150-25 ст20","ШТ",10,1140,11400,"450063, г. Уфа, ПАО АНК \"Башнефть\" \"Башнефть-Новойл\""]
["Фланцы","ПАО АНК \"Башнефть\" \"Башнефть-Новойл\"",21,889,"Фланец плоск.привар. 1-350-25 ст20","ШТ",10,3090,30900,"450063, г. Уфа, ПАО АНК \"Башнефть\" \"Башнефть-Новойл\""]
["Фланцы","ПАО АНК \"Башнефть\" \"Башнефть-Новойл\"",21,890,"Фланец плоск.привар. 1-350-6 ст20","ШТ",2,1070,2140,"450063, г. Уфа, ПАО АНК \"Башнефть\" \"Башнефть-Новойл\""]
["Фланцы","ПАО АНК \"Башнефть\" \"Башнефть-Новойл\"",21,891,"Фланец плоск.привар. 1-350-6 ст20","ШТ",2,1070,2140,"450063, г. Уфа, ПАО АНК \"Башнефть\" \"Башнефть-Новойл\""]
["Фланцы","ПАО АНК \"Башнефть\" \"Башнефть-Новойл\"",21,892,"Фланец плоск.привар. 1-350-6 ст20","ШТ",2,1070,2140,"450063, г. Уфа, ПАО АНК \"Башнефть\" \"Башнефть-Новойл\""]
["Фланцы","ПАО АНК \"Башнефть\" \"Башнефть-Новойл\"",21,893,"Фланец плоск.привар. 1-350-6 ст20","ШТ",4,1070,4280,"450063, г. Уфа, ПАО АНК \"Башнефть\" \"Башнефть-Новойл\""]
["Фланцы","ПАО АНК \"Башнефть\" \"Башнефть-Новойл\"",21,894,"Фланец плоск.привар. 1-350-6 ст20","ШТ",2,1070,2140,"450063, г. Уфа, ПАО АНК \"Башнефть\" \"Башнефть-Новойл\""]
["Фланцы","ПАО АНК \"Башнефть\" \"Башнефть-Новойл\"",21,895,"Фланец плоск.привар. 1-400-25 ст20","ШТ",10,4650,46500,"450063, г. Уфа, ПАО АНК \"Башнефть\" \"Башнефть-Новойл\""]
["Фланцы","ПАО АНК \"Башнефть\" \"Башнефть-Новойл\"",21,896,"Фланец плоск.привар. 1-400-25 ст20","ШТ",10,4600,46000,"450063, г. Уфа, ПАО АНК \"Башнефть\" \"Башнефть-Новойл\""]
["Фланцы","ПАО АНК \"Башнефть\" \"Башнефть-Новойл\"",21,897,"Фланец плоск.привар. 1-50-6 ст20","ШТ",8,290,{"$f":"H901*G901","v":2320},"450063, г. Уфа, ПАО АНК \"Башнефть\" \"Башнефть-Новойл\""]
["Фланцы","ПАО АНК \"Башнефть\" \"Башнефть-Новойл\"",21,898,"Фланец плоск.привар. 1-600-6 ст20","ШТ",2,3510,7020,"450063, г. Уфа, ПАО АНК \"Башнефть\" \"Башнефть-Новойл\""]
["Фланцы","ПАО АНК \"Башнефть\" \"Башнефть-Новойл\"",21,899,"Фланец плоск.привар. 1-800-16 ст20","ШТ",1,11420,11420,"450063, г. Уфа, ПАО АНК \"Башнефть\" \"Башнефть-Новойл\""]
["Фланцы","ПАО АНК \"Башнефть\" \"Башнефть-Новойл\"",21,900,"Фланец плоск.привар. 1-800-16 ст20","ШТ",7,11530,80710,"450063, г. Уфа, ПАО АНК \"Башнефть\" \"Башнефть-Новойл\""]
["Фланцы","ПАО АНК \"Башнефть\" \"Башнефть-Новойл\"",21,901,"Фланец плоск.привар. 1-800-16 ст20","ШТ",10,11460,114600,"450063, г. Уфа, ПАО АНК \"Башнефть\" \"Башнефть-Новойл\""]
["Фланцы","ПАО АНК \"Башнефть\" \"Башнефть-Новойл\"",21,902,"Фланец плоск.привар. 1-800-16 ст20","ШТ",1,11530,11530,"450063, г. Уфа, ПАО АНК \"Башнефть\" \"Башнефть-Новойл\""]
["Фланцы","ПАО АНК \"Башнефть\" \"Башнефть-Новойл\"",21,903,"Фланец плоск.привар.1-300-6 ст20","ШТ",2,2960,5920,"450063, г. Уфа, ПАО АНК \"Башнефть\" \"Башнефть-Новойл\""]
["Фланцы","ПАО АНК \"Башнефть\" \"Башнефть-Новойл\"",21,904,"Фланец под приварку 1-500-63 7050-2680","ШТ",1,44520,44520,"450063, г. Уфа, ПАО АНК \"Башнефть\" \"Башнефть-Новойл\""]
["Фланцы","ПАО АНК \"Башнефть\" \"Башнефть-Новойл\"",21,905,"Фланец прив.встык 1-32-16 12Х18Н10Т МКК","ШТ",1,1300,1300,"450063, г. Уфа, ПАО АНК \"Башнефть\" \"Башнефть-Новойл\""]
["Фланцы","ПАО АНК \"Башнефть\" \"Башнефть-Новойл\"",21,906,"Фланец привар.встык 1-15-16 ст12Х18Н10Т","ШТ",1,350,350,"450063, г. Уфа, ПАО АНК \"Башнефть\" \"Башнефть-Новойл\""]
["Фланцы","ПАО АНК \"Башнефть\" \"Башнефть-Новойл\"",21,907,"Фланец привар.встык 1-15-16 ст12Х18Н10Т","ШТ",1,350,350,"450063, г. Уфа, ПАО АНК \"Башнефть\" \"Башнефть-Новойл\""]
["Фланцы","ПАО АНК \"Башнефть\" \"Башнефть-Новойл\"",21,908,"Фланец привар.встык 1-15-40 ст12Х18Н10Т","ШТ",218,60,13080,"450063, г. Уфа, ПАО АНК \"Башнефть\" \"Башнефть-Новойл\""]
["Фланцы","ПАО АНК \"Башнефть\" \"Башнефть-Новойл\"",21,909,"Фланец привар.встык 1-15-63 ст20","ШТ",287,20,5740,"450063, г. Уфа, ПАО АНК \"Башнефть\" \"Башнефть-Новойл\""]
["Фланцы","ПАО АНК \"Башнефть\" \"Башнефть-Новойл\"",21,910,"Фланец привар.встык 1-25-10 ст12Х18Н10Т","ШТ",1,700,700,"450063, г. Уфа, ПАО АНК \"Башнефть\" \"Башнефть-Новойл\""]
["Фланцы","ПАО АНК \"Башнефть\" \"Башнефть-Новойл\"",21,911,"Фланец привар.встык 1-25-10 ст12Х18Н10Т","ШТ",4,700,2800,"450063, г. Уфа, ПАО АНК \"Башнефть\" \"Башнефть-Новойл\""]
["Фланцы","ПАО АНК \"Башнефть\" \"Башнефть-Новойл\"",21,912,"Фланец привар.встык 1-400-16 ст09Г2С","ШТ",2,5780,11560,"450063, г. Уфа, ПАО АНК \"Башнефть\" \"Башнефть-Новойл\""]
["Фланцы","ПАО АНК \"Башнефть\" \"Башнефть-Новойл\"",21,913,"Фланец привар.встык 1-40-16 ст12Х18Н10Т","ШТ",214,90,19260,"450063, г. Уфа, ПАО АНК \"Башнефть\" \"Башнефть-Новойл\""]
["Фланцы","ПАО АНК \"Башнефть\" \"Башнефть-Новойл\"",21,914,"Фланец привар.встык 1-40-63 ст20","ШТ",2,930,1860,"450063, г. Уфа, ПАО АНК \"Башнефть\" \"Башнефть-Новойл\""]
["Фланцы","ПАО АНК \"Башнефть\" \"Башнефть-Новойл\"",21,915,"Фланец привар.встык 1-600-10 ст20","ШТ",2,9980,19960,"450063, г. Уфа, ПАО АНК \"Башнефть\" \"Башнефть-Новойл\""]
["Фланцы","ПАО АНК \"Башнефть\" \"Башнефть-Новойл\"",21,916,"Фланец привар.встык 1-600-40 ст20","ШТ",4,20660,82640,"450063, г. Уфа, ПАО АНК \"Башнефть\" \"Башнефть-Новойл\""]
["Фланцы","ПАО АНК \"Башнефть\" \"Башнефть-Новойл\"",21,917,"Фланец привар.встык 2-100-100 ст20","ШТ",42,1640,68880,"450063, г. Уфа, ПАО АНК \"Башнефть\" \"Башнефть-Новойл\""]
["Фланцы","ПАО АНК \"Башнефть\" \"Башнефть-Новойл\"",21,918,"Фланец привар.встык 2-100-100 ст20","ШТ",3,1680,5040,"450063, г. Уфа, ПАО АНК \"Башнефть\" \"Башнефть-Новойл\""]
["Фланцы","ПАО АНК \"Башнефть\" \"Башнефть-Новойл\"",21,919,"Фланец привар.встык 2-100-100 ст20","ШТ",12,1640,19680,"450063, г. Уфа, ПАО АНК \"Башнефть\" \"Башнефть-Новойл\""]
["Фланцы","ПАО АНК \"Башнефть\" \"Башнефть-Новойл\"",21,920,"Фланец привар.встык 2-100-16 ст13ХФА","ШТ",1,2380,2380,"450063, г. Уфа, ПАО АНК \"Башнефть\" \"Башнефть-Новойл\""]
["Фланцы","ПАО АНК \"Башнефть\" \"Башнефть-Новойл\"",21,921,"Фланец привар.встык 2-125-16 ст20","ШТ",1,720,720,"450063, г. Уфа, ПАО АНК \"Башнефть\" \"Башнефть-Новойл\""]
["Фланцы","ПАО АНК \"Башнефть\" \"Башнефть-Новойл\"",21,922,"Фланец привар.встык 2-150-100 ст20","ШТ",1,3490,3490,"450063, г. Уфа, ПАО АНК \"Башнефть\" \"Башнефть-Новойл\""]
["Фланцы","ПАО АНК \"Башнефть\" \"Башнефть-Новойл\"",21,923,"Фланец привар.встык 2-150-100 ст20","ШТ",1,3490,3490,"450063, г. Уфа, ПАО АНК \"Башнефть\" \"Башнефть-Новойл\""]
["Фланцы","ПАО АНК \"Башнефть\" \"Башнефть-Новойл\"",21,924,"Фланец привар.встык 2-150-100 ст20","ШТ",2,3490,6980,"450063, г. Уфа, ПАО АНК \"Башнефть\" \"Башнефть-Новойл\""]
["Фланцы","ПАО АНК \"Башнефть\" \"Башнефть-Новойл\"",21,925,"Фланец привар.встык 2-150-100 ст20","ШТ",2,3490,6980,"450063, г. Уфа, ПАО АНК \"Башнефть\" \"Башнефть-Новойл\""]
["Фланцы","ПАО АНК \"Башнефть\" \"Башнефть-Новойл\"",21,926,"Фланец привар.встык 2-150-100 ст20","ШТ",4,3490,13960,"450063, г. Уфа, ПАО АНК \"Башнефть\" \"Башнефть-Новойл\""]
["Фланцы","ПАО АНК \"Башнефть\" \"Башнефть-Новойл\"",21,927,"Фланец привар.встык 2-150-100 ст20","ШТ",1,3500,3500,"450063, г. Уфа, ПАО АНК \"Башнефть\" \"Башнефть-Новойл\""]
["Фланцы","ПАО АНК \"Башнефть\" \"Башнефть-Новойл\"",21,928,"Фланец привар.встык 2-150-100 ст20","ШТ",4,3490,13960,"450063, г. Уфа, ПАО АНК \"Башнефть\" \"Башнефть-Новойл\""]
["Фланцы","ПАО АНК \"Башнефть\" \"Башнефть-Новойл\"",21,929,"Фланец привар.встык 2-150-100 ст20","ШТ",1,3490,3490,"450063, г. Уфа, ПАО АНК \"Башнефть\" \"Башнефть-Новойл\""]
["Фланцы","ПАО АНК \"Башнефть\" \"Башнефть-Новойл\"",21,930,"Фланец привар.встык 2-150-100 ст20","ШТ",4,3550,14200,"450063, г. Уфа, ПАО АНК \"Башнефть\" \"Башнефть-Новойл\""]
["Фланцы","ПАО АНК \"Башнефть\" \"Башнефть-Новойл\"",21,931,"Фланец привар.встык 2-150-100 ст20","ШТ",6,3370,20220,"450063, г. Уфа, ПАО АНК \"Башнефть\" \"Башнефть-Новойл\""]
["Фланцы","ПАО АНК \"Башнефть\" \"Башнефть-Новойл\"",21,932,"Фланец привар.встык 2-15-16 ст06ХН28МДТ","ШТ",1,2840,2840,"450063, г. Уфа, ПАО АНК \"Башнефть\" \"Башнефть-Новойл\""]
["Фланцы","ПАО АНК \"Башнефть\" \"Башнефть-Новойл\"",21,933,"Фланец привар.встык 2-15-25 ст20","ШТ",9,80,720,"450063, г. Уфа, ПАО АНК \"Башнефть\" \"Башнефть-Новойл\""]
["Фланцы","ПАО АНК \"Башнефть\" \"Башнефть-Новойл\"",21,934,"Фланец привар.встык 2-15-40 ст12Х18Н10Т","ШТ",1,460,460,"450063, г. Уфа, ПАО АНК \"Башнефть\" \"Башнефть-Новойл\""]
["Фланцы","ПАО АНК \"Башнефть\" \"Башнефть-Новойл\"",21,935,"Фланец привар.встык 2-15-40 ст12Х18Н10Т","ШТ",9,460,4140,"450063, г. Уфа, ПАО АНК \"Башнефть\" \"Башнефть-Новойл\""]
["Фланцы","ПАО АНК \"Башнефть\" \"Башнефть-Новойл\"",21,936,"Фланец привар.встык 2-200-100 ст20","ШТ",1,5470,5470,"450063, г. Уфа, ПАО АНК \"Башнефть\" \"Башнефть-Новойл\""]
["Фланцы","ПАО АНК \"Башнефть\" \"Башнефть-Новойл\"",21,937,"Фланец привар.встык 2-250-100 ст20","ШТ",1,10900,10900,"450063, г. Уфа, ПАО АНК \"Башнефть\" \"Башнефть-Новойл\""]
["Фланцы","ПАО АНК \"Башнефть\" \"Башнефть-Новойл\"",21,938,"Фланец привар.встык 2-25-100 ст20","ШТ",2,660,1320,"450063, г. Уфа, ПАО АНК \"Башнефть\" \"Башнефть-Новойл\""]
["Фланцы","ПАО АНК \"Башнефть\" \"Башнефть-Новойл\"",21,939,"Фланец привар.встык 2-300-16 ст12Х18Н10Т","ШТ",1,7,7,"450063, г. Уфа, ПАО АНК \"Башнефть\" \"Башнефть-Новойл\""]
["Фланцы","ПАО АНК \"Башнефть\" \"Башнефть-Новойл\"",21,940,"Фланец привар.встык 2-32-40 ст12Х18Н10Т","ШТ",57,60,3420,"450063, г. Уфа, ПАО АНК \"Башнефть\" \"Башнефть-Новойл\""]
["Фланцы","ПАО АНК \"Башнефть\" \"Башнефть-Новойл\"",21,941,"Фланец привар.встык 2-350-40 ст09Г2С","ШТ",4,8550,34200,"450063, г. Уфа, ПАО АНК \"Башнефть\" \"Башнефть-Новойл\""]
["Фланцы","ПАО АНК \"Башнефть\" \"Башнефть-Новойл\"",21,942,"Фланец привар.встык 2-350-40 ст20","ШТ",1,7840,7840,"450063, г. Уфа, ПАО АНК \"Башнефть\" \"Башнефть-Новойл\""]
["Фланцы","ПАО АНК \"Башнефть\" \"Башнефть-Новойл\"",21,943,"Фланец привар.встык 2-80-160 ст20","ШТ",2,1320,2640,"450063, г. Уфа, ПАО АНК \"Башнефть\" \"Башнефть-Новойл\""]
["Фланцы","ПАО АНК \"Башнефть\" \"Башнефть-Новойл\"",21,944,"Фланец привар.встык 2-80-160 ст20","ШТ",8,1320,10560,"450063, г. Уфа, ПАО АНК \"Башнефть\" \"Башнефть-Новойл\""]
["Фланцы","ПАО АНК \"Башнефть\" \"Башнефть-Новойл\"",21,945,"Фланец привар.встык 2-80-25 ст20","ШТ",2,520,1040,"450063, г. Уфа, ПАО АНК \"Башнефть\" \"Башнефть-Новойл\""]
["Фланцы","ПАО АНК \"Башнефть\" \"Башнефть-Новойл\"",21,946,"Фланец привар.встык 3-100-100 ст20","ШТ",3,1610,4830,"450063, г. Уфа, ПАО АНК \"Башнефть\" \"Башнефть-Новойл\""]
["Фланцы","ПАО АНК \"Башнефть\" \"Башнефть-Новойл\"",21,947,"Фланец привар.встык 3-100-25 ст12Х18Н10Т","ШТ",1,2550,2550,"450063, г. Уфа, ПАО АНК \"Башнефть\" \"Башнефть-Новойл\""]
["Фланцы","ПАО АНК \"Башнефть\" \"Башнефть-Новойл\"",21,948,"Фланец привар.встык 3-150-25 ст12Х18Н10Т","ШТ",2,3830,7660,"450063, г. Уфа, ПАО АНК \"Башнефть\" \"Башнефть-Новойл\""]
["Фланцы","ПАО АНК \"Башнефть\" \"Башнефть-Новойл\"",21,949,"Фланец привар.встык 3-150-63 ст12Х18Н10Т","ШТ",3,24460,73380,"450063, г. Уфа, ПАО АНК \"Башнефть\" \"Башнефть-Новойл\""]
["Фланцы","ПАО АНК \"Башнефть\" \"Башнефть-Новойл\"",21,950,"Фланец привар.встык 3-15-63 ст09Г2С","ШТ",1,280,280,"450063, г. Уфа, ПАО АНК \"Башнефть\" \"Башнефть-Новойл\""]
["Фланцы","ПАО АНК \"Башнефть\" \"Башнефть-Новойл\"",21,951,"Фланец привар.встык 3-250-100 ст20","ШТ",1,5880,5880,"450063, г. Уфа, ПАО АНК \"Башнефть\" \"Башнефть-Новойл\""]
["Фланцы","ПАО АНК \"Башнефть\" \"Башнефть-Новойл\"",21,952,"Фланец привар.встык 3-25-63 ст09Г2С","ШТ",4,450,1800,"450063, г. Уфа, ПАО АНК \"Башнефть\" \"Башнефть-Новойл\""]
["Фланцы","ПАО АНК \"Башнефть\" \"Башнефть-Новойл\"",21,953,"Фланец привар.встык 3-25-63 ст09Г2С","ШТ",1,550,550,"450063, г. Уфа, ПАО АНК \"Башнефть\" \"Башнефть-Новойл\""]
["Фланцы","ПАО АНК \"Башнефть\" \"Башнефть-Новойл\"",21,954,"Фланец привар.встык 3-300-40 ст09Г2С","ШТ",1,6710,6710,"450063, г. Уфа, ПАО АНК \"Башнефть\" \"Башнефть-Новойл\""]
["Фланцы","ПАО АНК \"Башнефть\" \"Башнефть-Новойл\"",21,955,"Фланец привар.встык 3-32-40 ст12Х18Н10Т","ШТ",195,60,11700,"450063, г. Уфа, ПАО АНК \"Башнефть\" \"Башнефть-Новойл\""]
["Фланцы","ПАО АНК \"Башнефть\" \"Башнефть-Новойл\"",21,956,"Фланец привар.встык 3-400-25 ст20","ШТ",10,12160,121600,"450063, г. Уфа, ПАО АНК \"Башнефть\" \"Башнефть-Новойл\""]
["Фланцы","ПАО АНК \"Башнефть\" \"Башнефть-Новойл\"",21,957,"Фланец привар.встык 3-500-40 ст09Г2С","ШТ",1,18450,18450,"450063, г. Уфа, ПАО АНК \"Башнефть\" \"Башнефть-Новойл\""]
["Фланцы","ПАО АНК \"Башнефть\" \"Башнефть-Новойл\"",21,958,"Фланец привар.встык 3-50-100 ст20","ШТ",2,750,1500,"450063, г. Уфа, ПАО АНК \"Башнефть\" \"Башнефть-Новойл\""]
["Фланцы","ПАО АНК \"Башнефть\" \"Башнефть-Новойл\"",21,959,"Фланец привар.встык 3-50-100 ст20","ШТ",10,780,7800,"450063, г. Уфа, ПАО АНК \"Башнефть\" \"Башнефть-Новойл\""]
["Фланцы","ПАО АНК \"Башнефть\" \"Башнефть-Новойл\"",21,960,"Фланец привар.встык 3-50-100 ст20","ШТ",2,750,1500,"450063, г. Уфа, ПАО АНК \"Башнефть\" \"Башнефть-Новойл\""]
["Фланцы","ПАО АНК \"Башнефть\" \"Башнефть-Новойл\"",21,961,"Фланец привар.встык 3-50-25 ст09Г2С","ШТ",310,490,{"$f":"H965*G965","v":151900},"450063, г. Уфа, ПАО АНК \"Башнефть\" \"Башнефть-Новойл\""]
["Фланцы","ПАО АНК \"Башнефть\" \"Башнефть-Новойл\"",21,962,"Фланец привар.встык 4-100-40 ст20","ШТ",1,1030,1030,"450063, г. Уфа, ПАО АНК \"Башнефть\" \"Башнефть-Новойл\""]
["Фланцы","ПАО АНК \"Башнефть\" \"Башнефть-Новойл\"",21,963,"Фланец привар.встык 4-100-40 ст20","ШТ",1,1030,1030,"450063, г. Уфа, ПАО АНК \"Башнефть\" \"Башнефть-Новойл\""]
["Фланцы","ПАО АНК \"Башнефть\" \"Башнефть-Новойл\"",21,964,"Фланец привар.встык 4-100-40 ст20","ШТ",2,1030,2060,"450063, г. Уфа, ПАО АНК \"Башнефть\" \"Башнефть-Новойл\""]
["Фланцы","ПАО АНК \"Башнефть\" \"Башнефть-Новойл\"",21,965,"Фланец привар.встык 4-150-100 ст20","ШТ",2,3470,6940,"450063, г. Уфа, ПАО АНК \"Башнефть\" \"Башнефть-Новойл\""]
["Фланцы","ПАО АНК \"Башнефть\" \"Башнефть-Новойл\"",21,966,"Фланец привар.встык 4-400-40 ст15Х5М","ШТ",1,27860,27860,"450063, г. Уфа, ПАО АНК \"Башнефть\" \"Башнефть-Новойл\""]
["Фланцы","ПАО АНК \"Башнефть\" \"Башнефть-Новойл\"",21,967,"Фланец привар.встык 4-65-16 ст20","ШТ",2,380,760,"450063, г. Уфа, ПАО АНК \"Башнефть\" \"Башнефть-Новойл\""]
["Фланцы","ПАО АНК \"Башнефть\" \"Башнефть-Новойл\"",21,968,"Фланец привар.встык 4-80-16 ст12Х18Н10Т","ШТ",15,1500,22500,"450063, г. Уфа, ПАО АНК \"Башнефть\" \"Башнефть-Новойл\""]
["Фланцы","ПАО АНК \"Башнефть\" \"Башнефть-Новойл\"",21,969,"Фланец привар.встык 4-80-16 ст12Х18Н10Т","ШТ",2,1180,2360,"450063, г. Уфа, ПАО АНК \"Башнефть\" \"Башнефть-Новойл\""]
["Фланцы","ПАО АНК \"Башнефть\" \"Башнефть-Новойл\"",21,970,"Фланец привар.встык 5-100-16 ст20","ШТ",4,500,2000,"450063, г. Уфа, ПАО АНК \"Башнефть\" \"Башнефть-Новойл\""]
["Фланцы","ПАО АНК \"Башнефть\" \"Башнефть-Новойл\"",21,971,"Фланец привар.встык 5-100-40 ст12Х18Н10Т","ШТ",4,2550,10200,"450063, г. Уфа, ПАО АНК \"Башнефть\" \"Башнефть-Новойл\""]
["Фланцы","ПАО АНК \"Башнефть\" \"Башнефть-Новойл\"",21,972,"Фланец привар.встык 5-125-16 ст08Х18Н10Т","ШТ",3,8900,26700,"450063, г. Уфа, ПАО АНК \"Башнефть\" \"Башнефть-Новойл\""]
["Фланцы","ПАО АНК \"Башнефть\" \"Башнефть-Новойл\"",21,973,"Фланец привар.встык 5-150-16 15Х5М","ШТ",1,1870,1870,"450063, г. Уфа, ПАО АНК \"Башнефть\" \"Башнефть-Новойл\""]
["Фланцы","ПАО АНК \"Башнефть\" \"Башнефть-Новойл\"",21,974,"Фланец привар.встык 5-300-40 ст20","ШТ",2,5100,10200,"450063, г. Уфа, ПАО АНК \"Башнефть\" \"Башнефть-Новойл\""]
["Фланцы","ПАО АНК \"Башнефть\" \"Башнефть-Новойл\"",21,975,"Фланец привар.встык 7-15-63 ст20","ШТ",8,240,1920,"450063, г. Уфа, ПАО АНК \"Башнефть\" \"Башнефть-Новойл\""]
["Фланцы","ПАО АНК \"Башнефть\" \"Башнефть-Новойл\"",21,976,"Фланец привар.встык 7-20-63 ст20","ШТ",10,340,3400,"450063, г. Уфа, ПАО АНК \"Башнефть\" \"Башнефть-Новойл\""]
["Фланцы","ПАО АНК \"Башнефть\" \"Башнефть-Новойл\"",21,977,"Фланец привар.встык 7-250-100 ст20","ШТ",2,15320,30640,"450063, г. Уфа, ПАО АНК \"Башнефть\" \"Башнефть-Новойл\""]
["Фланцы","ПАО АНК \"Башнефть\" \"Башнефть-Новойл\"",21,978,"Фланец привар.встык 7-25-160 ст20","ШТ",7,280,1960,"450063, г. Уфа, ПАО АНК \"Башнефть\" \"Башнефть-Новойл\""]
["Фланцы","ПАО АНК \"Башнефть\" \"Башнефть-Новойл\"",21,979,"Фланец привар.встык 7-350-63 ст20","ШТ",1,21330,21330,"450063, г. Уфа, ПАО АНК \"Башнефть\" \"Башнефть-Новойл\""]
["Фланцы","ПАО АНК \"Башнефть\" \"Башнефть-Новойл\"",21,980,"Фланец привар.встык 7-50-160 ст09Г2С","ШТ",4,820,3280,"450063, г. Уфа, ПАО АНК \"Башнефть\" \"Башнефть-Новойл\""]
["Фланцы","ПАО АНК \"Башнефть\" \"Башнефть-Новойл\"",21,981,"Фланец привар.встык 7-50-160 ст20","ШТ",2,890,1780,"450063, г. Уфа, ПАО АНК \"Башнефть\" \"Башнефть-Новойл\""]
["Фланцы","ПАО АНК \"Башнефть\" \"Башнефть-Новойл\"",21,982,"Фланец привар.встык 7-50-160 ст20","ШТ",2,890,1780,"450063, г. Уфа, ПАО АНК \"Башнефть\" \"Башнефть-Новойл\""]
["Фланцы","ПАО АНК \"Башнефть\" \"Башнефть-Новойл\"",21,983,"Фланец привар.встык 7-80-160 ст12Х18Н10Т","ШТ",77,3717,286209,"450063, г. Уфа, ПАО АНК \"Башнефть\" \"Башнефть-Новойл\""]
["Фланцы","ПАО АНК \"Башнефть\" \"Башнефть-Новойл\"",21,984,"Фланец привар.встык 7-80-160 ст12Х18Н10Т","ШТ",1,3717,3717,"450063, г. Уфа, ПАО АНК \"Башнефть\" \"Башнефть-Новойл\""]

{"sheet":"Лист1","index":1,"n_rows":0,"n_cols":0,"rows_kept":0,"cut":false,"hidden":false,"merged":[]}